{"text_format":"3","workbook":"xlsx","n_sheets":35,"sheets":["编制说明","汇总","1【场平土石方、边坡支护工程】","2【道路工程】","3【园建工程】","4【绿化工程】","5【粗格栅及提升泵站】","6【细格栅及旋流沉砂池】","7【AAO生化池】","8【砂介质高效沉淀池】","9【生物除臭设施】","10【储泥池】","11【配水井及污泥泵房】","12【二沉池】","13【接触消毒池及计量槽】","14【精密过滤器】","15【污泥料仓】","16【基坑支护工程】","17【综合楼】","18【传达室】","19【加药间】","20【鼓风机房及配电中心】","21【机修车间及仓库】","22【污泥脱水车间】","23【厂区围墙及大门】","24【厂区照明工程-安装工程】","25【安防工程-安装工程】","26【工艺管线-安装工程】","27【绿化灌溉管线-安装工程】","28【厂区雨污水管道-安装工程】","29【给水管道安装工程...】","30【进水管道与尾水管道】","31【厂区管线迁改及现状破复工程】","32【综合楼传达室机修车间-安装工程】","33【计日工】 "],"not_rendered":{"images":2},"read":"whole","date_system":"1900"}

{"sheet":"编制说明","index":0,"n_rows":4,"n_cols":1,"rows_kept":4}
["惠州市江北污水处理厂二期工程"]
["劳务采购工程量清单编制说明"]
["1、本项目劳务采购工程量清单以采购人投标工程量清单中的人工单价作为基价。"]
["2.劳务采购工程量清单中的计日工指用于劳务供应商完成采购人提出的劳务采购合同范围以外的零星项目或工作，包括但不限于交通疏导、已完工程成品保护、防扬尘措施、路面清洗、现场材料二次转运、临时设施安装拆及日常维护、值班值守等工作。计价依据取自2024年12月12日广东省建筑市场主要劳务用工价格信息监测平台发布的普工（土建）单价，计日工按287元/工日计，结算数量按现场实际发生工程量为准。"]

{"sheet":"汇总","index":1,"n_rows":40,"n_cols":5,"rows_kept":40,"merged":[[0,0,0,4],[1,0,1,1],[2,0,3,0],[2,1,3,2],[2,3,3,3],[2,4,3,4],[4,1,4,2],[5,1,5,2],[6,1,6,2],[7,1,7,2],[8,1,8,2],[9,1,9,2],[10,1,10,2],[11,1,11,2],[12,1,12,2],[13,1,13,2],[14,1,14,2],[15,1,15,2],[16,1,16,2],[17,1,17,2],[18,1,18,2],[19,1,19,2],[20,1,20,2],[21,1,21,2],[22,1,22,2],[23,1,23,2],[24,1,24,2],[25,1,25,2],[26,1,26,2],[27,1,27,2],[28,1,28,2],[29,1,29,2],[30,1,30,2],[31,1,31,2],[32,1,32,2],[33,1,33,2],[34,1,34,2],[35,1,35,2],[36,1,36,2],[37,1,37,2],[38,1,38,2],[39,0,39,2]]}
["劳务采购工程量清单汇总表"]
["项目名称:",null,"惠州市江北污水处理厂二期工程项目"]
["序号","单位工程名称",null,"金额(元)","备注"]
[]
["一","惠州市江北污水处理厂二期工程项目-土建工程",null,{"$f":"SUM(D6:D28)","v":17021963.38}]
[1,"场平土石方、边坡支护工程",null,{"$f":"'1【场平土石方、边坡支护工程】'!H17","v":849826.12}]
[2,"道路工程",null,{"$f":"'2【道路工程】'!H37","v":509371.33}]
[3,"园建工程",null,{"$f":"'3【园建工程】'!H51","v":158676.44}]
[4,"绿化工程",null,{"$f":"'4【绿化工程】'!H35","v":267150.64}]
[5,"粗格栅及提升泵站",null,{"$f":"'5【粗格栅及提升泵站】'!H82","v":1225294.68}]
[6,"细格栅及旋流沉砂池",null,{"$f":"'6【细格栅及旋流沉砂池】'!H56","v":240527.33}]
[7,"AAO生化池",null,{"$f":"'7【AAO生化池】'!H62","v":7095620.06}]
[8,"砂介质高效沉淀池",null,{"$f":"'8【砂介质高效沉淀池】'!H74","v":748922.02}]
[9,"生物除臭设施",null,{"$f":"'9【生物除臭设施】'!H21","v":59706.61}]
[10,"储泥池",null,{"$f":"'10【储泥池】'!H47","v":38766.66}]
[11,"配水井及污泥泵房",null,{"$f":"'11【配水井及污泥泵房】'!H67","v":{"v":204227.7,"d":"204227.70"}}]
[12,"二沉池",null,{"$f":"'12【二沉池】'!H52","v":1630480.56}]
[13,"接触消毒池及计量槽",null,{"$f":"'13【接触消毒池及计量槽】'!H61","v":501881.23}]
[14,"精密过滤器",null,{"$f":"'14【精密过滤器】'!H63","v":193283.22}]
[15,"污泥料仓",null,{"$f":"'15【污泥料仓】'!H24","v":{"v":19026.8,"d":"19026.80"}}]
[16,"基坑支护工程",null,{"$f":"'16【基坑支护工程】'!H13","v":260714.97}]
[17,"综合楼",null,{"$f":"'17【综合楼】'!H157","v":1385583.65}]
[18,"传达室",null,{"$f":"'18【传达室】'!H90","v":33036.88}]
[19,"加药间",null,{"$f":"'19【加药间】'!H85","v":440149.83}]
[20,"鼓风机房及配电中心",null,{"$f":"'20【鼓风机房及配电中心】'!H97","v":282247.53}]
[21,"机修车间及仓库",null,{"$f":"'21【机修车间及仓库】'!H94","v":245838.74}]
[22,"污泥脱水车间",null,{"$f":"'22【污泥脱水车间】'!H109","v":423856.97}]
[23,"厂区围墙及大门",null,{"$f":"'23【厂区围墙及大门】'!H47","v":207773.41}]
["二","惠州市江北污水处理厂二期工程项目-安装工程",null,{"$f":"SUM(D30:D38)","v":2782028.29}]
[1,"厂区照明工程-安装工程",null,{"$f":"'24【厂区照明工程-安装工程】'!H17","v":{"v":50200,"d":"50200.00"}}]
[2,"安防工程-安装工程",null,{"$f":"'25【安防工程-安装工程】'!H35","v":{"v":71229.2,"d":"71229.20"}}]
[3,"工艺管线-安装工程",null,{"$f":"'26【工艺管线-安装工程】'!H118","v":620147.88}]
[4,"绿化灌溉管线-安装工程",null,{"$f":"'27【绿化灌溉管线-安装工程】'!H28","v":77776.31}]
[5,"厂区雨污水管道-安装工程",null,{"$f":"'28【厂区雨污水管道-安装工程】'!H57","v":682329.18}]
[6,"给水管道安装工程(含回用水管、消防水管）",null,{"$f":"'29【给水管道安装工程...】'!H45","v":103889.35}]
[7,"进水管道与尾水管道",null,{"$f":"'30【进水管道与尾水管道】'!H127","v":{"v":912724,"d":"912724.00"}}]
[8,"厂区管线迁改及现状破复工程",null,{"$f":"'31【厂区管线迁改及现状破复工程】'!H31","v":75932.34}]
[9,"综合楼传达室机修车间-安装工程",null,{"$f":"'32【综合楼传达室机修车间-安装工程】'!H296","v":187800.03}]
["三","计日工",null,{"$f":"'33【计日工】 '!H6","v":{"v":3666425,"d":"3666425.00"}}]
["合    计",null,null,{"$f":"D5+D29+D39","v":23470416.67}]

{"sheet":"1【场平土石方、边坡支护工程】","index":2,"n_rows":17,"n_cols":8,"rows_kept":17,"merged":[[0,0,0,7],[1,0,1,1],[1,2,1,7],[2,0,3,0],[2,1,3,2],[2,3,3,3],[2,4,3,4],[2,5,3,5],[2,6,2,7],[4,1,4,2],[5,1,5,2],[6,1,6,2],[7,1,7,2],[8,1,8,2],[9,1,9,2],[10,1,10,2],[11,1,11,2],[12,1,12,2],[13,1,13,2],[14,1,14,2],[15,1,15,2],[16,0,16,5]]}
["劳务采购工程量清单"]
["工程名称:",null,"场平土石方、边坡支护工程"]
["序号","项目编码",null,"项目名称","单位","工程量","人工费"]
[{"$nulls":6},"单价（元）","合价（元）"]
["","",null,"换填处理","",""]
["1","040101001004",null,"地基翻挖回填处理","m3",21966.45,{"$f":"ROUND(H6/F6,2)","v":3.97},{"v":87307.8,"d":"87307.80"}]
["","",null,"厂区土石方工程","",""]
["2","040101001001",null,"清表","m3",{"v":16697.7,"d":"16697.70"},7.06,117960.42]
["3","040101001002",null,"挖一般土方","m3",{"v":78280.4,"d":"78280.40"},3.38,264865.92]
["4","040103001001",null,"回填土方","m3",76804.47,2.55,196158.36]
["5","040101001006",null,"余方外弃","m3",21660.43,6.29,136344.63]
["","",null,"边坡支护工程","",""]
["6","040101001005",null,"清表","m3",1335.91,{"$f":"ROUND(H13/F13,2)","v":7.06},9437.55]
["7","040101001007",null,"挖一般土方","m3",1992.94,3.38,6741.59]
["8","040103001002",null,"回填土方","m3",{"v":6711.567,"d":"6711.57"},2.55,17141.59]
["9","050102013001",null,"湿法喷播植草防护","m2",{"v":2484.123,"d":"2484.12"},5.58,13868.26]
["合计",{"$nulls":6},{"$f":"SUM(H6:H16)","v":849826.12}]

{"sheet":"2【道路工程】","index":3,"n_rows":37,"n_cols":8,"rows_kept":37,"merged":[[0,0,0,7],[1,0,1,1],[1,2,1,7],[2,0,3,0],[2,1,3,2],[2,3,3,3],[2,4,3,4],[2,5,3,5],[2,6,2,7],[4,1,4,2],[5,1,5,2],[6,1,6,2],[7,1,7,2],[8,1,8,2],[9,1,9,2],[10,1,10,2],[11,1,11,2],[12,1,12,2],[13,1,13,2],[14,1,14,2],[15,1,15,2],[16,1,16,2],[17,1,17,2],[18,1,18,2],[19,1,19,2],[20,1,20,2],[21,1,21,2],[22,1,22,2],[23,1,23,2],[24,1,24,2],[25,1,25,2],[26,1,26,2],[27,1,27,2],[28,1,28,2],[29,1,29,2],[30,1,30,2],[31,1,31,2],[32,1,32,2],[33,1,33,2],[34,1,34,2],[35,1,35,2],[36,0,36,5]]}
["劳务采购工程量清单"]
["工程名称:",null,"道路工程"]
["序号","项目编码",null,"项目名称","单位","工程量","人工费"]
[{"$nulls":6},"单价（元）","合价（元）"]
["","",null,"土方工程","",""]
["1","040101001001",null,"挖一般土方","m3",2551.863,{"$f":"ROUND(H6/F6,2)","v":3.05},7790.31]
["2","040103001001",null,"回填土方","m3",244.552,2.56,624.84]
["","",null,"行车道","",""]
["3","040203007001",null,"水泥混凝土","m2",7845.16,32.51,255026.32]
["4","040202015001",null,"15cm厚5%水泥稳定碎石底基层","m2",8659.598,{"v":3.7,"d":"3.70"},32070.17]
["5","040202015002",null,"15cm厚4%水泥稳定碎石底基层","m2",9499.079,{"v":3.7,"d":"3.70"},35179.16]
["6","040202001001",null,"路床(槽)整形","m2",9499.079,0.87,8285.11]
["7","040203007003",null,"缩缝","m",1915,5.07,9706.75]
["8","040901001002",null,"现浇构件钢筋","t",49.466,1110.78,54945.84]
["9","粤040202017001",null,"水泥混凝土垫层（新旧衔接处）","m2",10.8,20.16,217.68]
["10","040901008001",null,"植筋","根",60,62.21,3732.46]
["11","040205006001",null,"标线","m2",272.7,5.86,1596.68]
["12","040205003001",null,"标杆","套",1,{"v":237.5,"d":"237.50"},{"v":237.5,"d":"237.50"}]
["","",null,"路缘石","",""]
["13","040204004001",null,"C30预制砼路缘石|12*30*50","m",2536.744,{"$f":"ROUND(H20/F20,2)","v":8.57},{"v":21733.8,"d":"21733.80"}]
["","",null,"钢筋混凝土悬臂式挡土墙",""]
["14","040303001001",null,"混凝土垫层","m3",44.38,111.18,4934.31]
["15","040303002001",null,"混凝土基础","m3",220.8,106.81,23583.86]
["16","040303015001",null,"混凝土挡墙墙身","m3",41.4,146.18,6051.97]
["17","040309007001",null,"挡墙沉降缝","m",91.01,17.06,1552.63]
["18","040901001003",null,"现浇构件钢筋","t",19.227,687.68,13222.02]
["19","040501004001",null,"φ100PVC泄水管","m",27.6,6.22,171.59]
["20","040201021001",null,"土工布","m2",143.52,3.68,527.65]
["21","040103001002",null,"回填石屑","m3",20.148,3.19,64.29]
["22","040103001003",null,"碎石滤层","m3",17.802,58.01,1032.65]
["23","040103001005",null,"回填土","m3",1617.22,2.55,4130.27]
["","",null,"措施项目","",""]
["37","041102002001",null,"路缘石基础模板","m2",634.186,{"$f":"ROUND(H33/F33,2)","v":12.31},7806.87]
["38","041102001001",null,"垫层模板","m2",27.6,10.65,294.01]
["39","041102002002",null,"基础模板","m2",82.8,23.27,{"v":1926.6,"d":"1926.60"}]
["40","041102017001",null,"挡墙模板","m2",469.2,27.55,12925.99]
["合计",{"$nulls":6},{"$f":"SUM(H6:H36)","v":509371.33}]

{"sheet":"3【园建工程】","index":4,"n_rows":51,"n_cols":8,"rows_kept":51,"merged":[[0,0,0,7],[1,0,1,1],[1,2,1,7],[2,0,3,0],[2,1,3,2],[2,3,3,3],[2,4,3,4],[2,5,3,5],[2,6,2,7],[4,1,4,2],[5,1,5,2],[6,1,6,2],[7,1,7,2],[8,1,8,2],[9,1,9,2],[10,1,10,2],[11,1,11,2],[12,1,12,2],[13,1,13,2],[14,1,14,2],[15,1,15,2],[16,1,16,2],[17,1,17,2],[18,1,18,2],[19,1,19,2],[20,1,20,2],[21,1,21,2],[22,1,22,2],[23,1,23,2],[24,1,24,2],[25,1,25,2],[26,1,26,2],[27,1,27,2],[28,1,28,2],[29,1,29,2],[30,1,30,2],[31,1,31,2],[32,1,32,2],[33,1,33,2],[34,1,34,2],[35,1,35,2],[36,1,36,2],[37,1,37,2],[38,1,38,2],[39,1,39,2],[40,1,40,2],[41,1,41,2],[42,1,42,2],[43,1,43,2],[44,1,44,2],[45,1,45,2],[46,1,46,2],[47,1,47,2],[48,1,48,2],[49,1,49,2],[50,0,50,5]]}
["劳务采购工程量清单"]
["工程名称:",null,"园建工程"]
["序号","项目编码",null,"项目名称","单位","工程量","人工费"]
[{"$nulls":6},"单价（元）","合价（元）"]
["","",null,"透水砖园路","",""]
["1","040204002001",null,"60厚200*400深灰色仿石透水砖","m2",{"v":1448.179,"d":"1448.18"},{"$f":"ROUND(H6/F6,2)","v":21.05},{"v":30490.4,"d":"30490.40"}]
["2","粤040202017001",null,"100厚C20混凝土","m2",{"v":1445.213,"d":"1445.21"},{"$f":"ROUND(H7/F7,2)","v":12.23},17679.28]
["3","040202015001",null,"150厚4%水泥稳定石屑","m2",{"v":1442.194,"d":"1442.19"},3.52,5071.86]
["4","040204004001",null,"花岗岩平石","m",{"v":1074.753,"d":"1074.75"},{"v":15.6,"d":"15.60"},16763.65]
["","",null,"花岗岩场地","",""]
["5","040204002002",null,"30厚烧面芝麻灰花岗岩","m2",{"v":226.603,"d":"226.60"},{"$f":"ROUND(H11/F11,2)","v":27.21},6166.69]
["6","粤040202017002",null,"100厚C20混凝土","m2",{"v":225.298,"d":"225.30"},12.23,2756.12]
["7","040202015002",null,"150厚6%水泥石粉渣","m2",{"v":224.803,"d":"224.80"},3.52,790.59]
["","",null,"树池","",""]
["8","010809004001",null,"30厚光面芝麻白花岗岩压顶","m2",14.17,{"$f":"ROUND(H15/F15,2)","v":27.52},390.02]
["9","011204001001",null,"20厚烧面芝麻白花岗岩","m2",{"v":15.744,"d":"15.74"},46.35,729.71]
["10","040305004001",null,"砖砌体","m3",{"v":8.325,"d":"8.33"},133.59,1112.15]
["11","040305001002",null,"C15混凝土垫层","m3",{"v":2.676,"d":"2.68"},{"v":111.3,"d":"111.30"},297.84]
["12","040103001002",null,"素土夯实","m2",{"v":26.765,"d":"26.77"},1.42,37.88]
["","",null,"汀步","",""]
["13","050201013001",null,"80厚烧面芝麻灰花岗岩","m2",17.16,{"$f":"ROUND(H21/F21,2)","v":32.73},561.73]
["14","040202011001",null,"60cm厚3:7灰土垫层","m2",20.67,4.09,84.62]
["","",null,"停车场","",""]
["15","040204002003",null,"387X334X38草坪格","m2",506.24,22.78,11529.79]
["16","040309001002",null,"钢管车档","套",{"v":30,"d":"30.00"},35.48,1064.26]
["17","040103001001",null,"150厚砂石垫层","m3",{"v":75.936,"d":"75.94"},15.98,1213.22]
["18","040204002004",null,"50厚100*200红色水泥砖","m2",41.28,21.06,869.53]
["19","040303001001",null,"100厚C20混凝土","m2",41.28,12.24,505.23]
["20","040305001001",null,"200厚碎石垫层","m3",{"v":8.256,"d":"8.26"},64.46,532.19]
["21","040204004004",null,"C30水泥砼路缘石","m",{"v":113.2,"d":"113.20"},23.24,{"v":2630.4,"d":"2630.40"}]
["","",null,"篮球场","",""]
["22","011103001001",null,"10厚PU塑胶面层","m2",{"v":640.656,"d":"640.66"},{"$f":"ROUND(H32/F32,2)","v":16.43},10528.17]
["23","040203006001",null,"30厚C20细沥青混凝土","m2",{"v":562.2,"d":"562.20"},{"v":1,"d":"1.00"},{"v":562.7,"d":"562.70"}]
["24","040203006002",null,"40厚C20中粒式沥青混凝土","m2",{"v":562.2,"d":"562.20"},0.98,548.43]
["25","040202015004",null,"150厚水泥石粉层","m2",{"v":562.2,"d":"562.20"},3.52,1977.13]
["26","040202015003",null,"100厚级配碎石层","m2",{"v":562.2,"d":"562.20"},3.16,1778.85]
["27","010507003001",null,"地沟","m",{"v":93.4,"d":"93.40"},73.94,6906.46]
["28","011506002002",null,"篮球架","套",{"v":2,"d":"2.00"}]
["29","010607004002",null,"围网","m2",{"v":408,"d":"408.00"},{"$f":"ROUND(H39/F39,2)","v":34.52},14082.78]
["","",null,"下沉绿地","",""]
["30","040202011002",null,"50mm厚砾石覆盖层","m2",443.96,3.24,1439.56]
["31","050101009001",null,"400mm厚种植土","m3",{"v":177.584,"d":"177.58"},1.89,336.01]
["32","040202010001",null,"200mm厚砾石排水层","m2",{"v":682,"d":"682.00"},12.97,8844.86]
["33","011003001001",null,"土工布隔离层","m2",{"v":682,"d":"682.00"},3.66,2498.99]
["34","040504009001",null,"溢流口","座",{"v":15,"d":"15.00"},238.35,3575.28]
["35","040501004001",null,"DN150mm穿孔管","m",{"v":70.4,"d":"70.40"},7.93,{"v":558.6,"d":"558.60"}]
["","",null,"措施项目","",""]
["40","041102002001",null,"路缘石基础模板","m2",{"v":256.936,"d":"256.94"},{"$f":"ROUND(H48/F48,2)","v":12.31},3162.94]
["41","041102002002",null,"围网柱基础模板","m2",{"v":24.907,"d":"24.91"},23.27,579.59]
["42","041102001001",null,"围网柱垫层模板","m2",{"v":1.453,"d":"1.45"},13.03,18.93]
["合计",{"$nulls":6},{"$f":"SUM(H6:H50)","v":158676.44}]

{"sheet":"4【绿化工程】","index":5,"n_rows":35,"n_cols":8,"rows_kept":35,"merged":[[0,0,0,7],[1,0,1,1],[1,2,1,7],[2,0,3,0],[2,1,3,2],[2,3,3,3],[2,4,3,4],[2,5,3,5],[2,6,2,7],[4,1,4,2],[5,1,5,2],[6,1,6,2],[7,1,7,2],[8,1,8,2],[9,1,9,2],[10,1,10,2],[11,1,11,2],[12,1,12,2],[13,1,13,2],[14,1,14,2],[15,1,15,2],[16,1,16,2],[17,1,17,2],[18,1,18,2],[19,1,19,2],[20,1,20,2],[21,1,21,2],[22,1,22,2],[23,1,23,2],[24,1,24,2],[25,1,25,2],[26,1,26,2],[27,1,27,2],[28,1,28,2],[29,1,29,2],[30,1,30,2],[31,1,31,2],[32,1,32,2],[33,1,33,2],[34,0,34,5]]}
["劳务采购工程量清单"]
["工程名称:",null,"绿化工程"]
["序号","项目编码",null,"项目名称","单位","工程量","人工费"]
[{"$nulls":6},"单价（元）","合价（元）"]
["","",null,"乔、灌木","",""]
["1","050102001006",null,"凤凰木","株","2.000",{"$f":"ROUND(H6/F6,2)","v":{"v":81.4,"d":"81.40"}},{"v":162.8,"d":"162.80"}]
["2","050102001007",null,"红花风铃木","株","17.000",{"v":81.4,"d":"81.40"},1383.74]
["3","050102001008",null,"美丽异木棉","株","7.000",{"v":81.4,"d":"81.40"},569.77]
["4","050102001009",null,"秋枫","株","36.000",{"v":81.4,"d":"81.40"},2930.27]
["5","050102001010",null,"红花鸡蛋花","株","5.000",50.57,252.87]
["6","050102002006",null,"小叶紫薇","株","18.000",43.99,791.78]
["7","050102002007",null,"红千层","株","47.000",{"v":57.5,"d":"57.50"},2702.67]
["8","050102002008",null,"红车","株","26.000",43.99,1143.68]
["9","050102002009",null,"勒杜鹃","株","36.000",27.52,990.58]
["10","050102002010",null,"灰莉球","株","64.000",27.52,1761.04]
["","",null,"地被","",""]
["11","050102008014",null,"亮叶朱蕉","m2","53.220",15.81,{"v":841.3,"d":"841.30"}]
["12","050102008015",null,"细叶棕竹","m2","8.590",15.83,{"v":136,"d":"136.00"}]
["13","050102008016",null,"美人蕉(红色)","m2","393.430",20.28,7978.16]
["14","050102008017",null,"美人蕉(黄色)","m2","238.300",20.28,4832.72]
["15","050102008018",null,"朱槿","m2","237.200",15.81,3751.09]
["16","050102008019",null,"巴西野牡丹","m2","174.250",16.03,{"v":2793.2,"d":"2793.20"}]
["17","050102008020",null,"翠芦莉","m2","307.910",20.28,6244.22]
["18","050102008021",null,"变叶木","m2","75.670",16.03,{"v":1213.1,"d":"1213.10"}]
["19","050102008022",null,"金叶假连翘","m2","181.690",16.03,2911.79]
["20","050102008023",null,"满天星","m2","44.160",20.87,921.78]
["21","050102008024",null,"紫花马缨丹","m2","23.260",16.05,373.39]
["22","050102008025",null,"鸢尾","m2","106.680",20.57,2194.68]
["23","050102008012",null,"再力花","m2","352.000",20.64,7264.05]
["24","050102012002",null,"马尼拉草","m2","15863.650",9.96,157945.34]
["25","050102013002",null,"喷播植草(灌木)籽","m2","8271.010",{"v":4.7,"d":"4.70"},38867.91]
["26","050101009002",null,"种植土回(换)填","m3","7423.890",1.89,14046.03]
["","",null,"措施项目","",""]
["31","050403001002",null,"树木支撑架","株","67.000",32.04,2146.68]
["合计",{"$nulls":6},{"$f":"SUM(H6:H34)","v":267150.64}]

{"sheet":"5【粗格栅及提升泵站】","index":6,"n_rows":82,"n_cols":8,"rows_kept":82,"merged":[[0,0,0,7],[1,0,1,1],[1,2,1,7],[2,0,3,0],[2,1,3,2],[2,3,3,3],[2,4,3,4],[2,5,3,5],[2,6,2,7],[4,1,4,2],[5,1,5,2],[6,1,6,2],[7,1,7,2],[8,1,8,2],[9,1,9,2],[10,1,10,2],[11,1,11,2],[12,1,12,2],[13,1,13,2],[14,1,14,2],[15,1,15,2],[16,1,16,2],[17,1,17,2],[18,1,18,2],[19,1,19,2],[20,1,20,2],[21,1,21,2],[22,1,22,2],[23,1,23,2],[24,1,24,2],[25,1,25,2],[26,1,26,2],[27,1,27,2],[28,1,28,2],[29,1,29,2],[30,1,30,2],[31,1,31,2],[32,1,32,2],[33,1,33,2],[34,1,34,2],[35,1,35,2],[36,1,36,2],[37,1,37,2],[38,1,38,2],[39,1,39,2],[40,1,40,2],[41,1,41,2],[42,1,42,2],[43,1,43,2],[44,1,44,2],[45,1,45,2],[46,1,46,2],[47,1,47,2],[48,1,48,2],[49,1,49,2],[50,1,50,2],[51,1,51,2],[52,1,52,2],[53,1,53,2],[54,1,54,2],[55,1,55,2],[56,1,56,2],[57,1,57,2],[58,1,58,2],[59,1,59,2],[60,1,60,2],[61,1,61,2],[62,1,62,2],[63,1,63,2],[64,1,64,2],[65,1,65,2],[66,1,66,2],[67,1,67,2],[68,1,68,2],[69,1,69,2],[70,1,70,2],[71,1,71,2],[72,1,72,2],[73,1,73,2],[74,1,74,2],[75,1,75,2],[76,1,76,2],[77,1,77,2],[78,1,78,2],[79,1,79,2],[80,1,80,2],[81,0,81,5]]}
["劳务采购工程量清单"]
["工程名称:",null,"粗格栅及提升泵站"]
["序号","项目编码",null,"项目名称","单位","工程量","人工费"]
[{"$nulls":6},"单价（元）","合价（元）"]
["","",null,"第一章 土石方工程","",""]
[1,40405002002,null,"沉井下沉","m3",4241.48,{"$f":"ROUND(H6/F6,2)","v":{"v":80.9,"d":"80.90"}},{"v":343156,"d":"343156.00"}]
["","",null,"第四章 砌筑工程","",""]
[2,10402001003,null,"200厚外墙","m3",45.65,{"$f":"ROUND(H8/F8,2)","v":161.77},7384.94]
["","",null,"第五章 混凝土及钢筋混凝土工程","",""]
[3,40405003002,null,"沉井混凝土封底","m3",269.52,{"$f":"ROUND(H10/F10,2)","v":266.36},71790.68]
[4,40601001004,null,"沉井混凝土刃脚","m3",227.59,153.03,{"v":34828.1,"d":"34828.10"}]
[5,40601001005,null,"现浇混凝土沉井井壁","m3",1233.34,130.31,160720.23]
[6,40405004002,null,"沉井混凝土底板","m3",248.06,{"v":130.6,"d":"130.60"},32397.63]
[7,40601010002,null,"现浇混凝土池盖板","m3",34.41,109.19,3757.19]
[8,40601010003,null,"现浇混凝土池盖板","m3",0.7,101.74,71.22]
[9,40103001007,null,"回填C20素砼","m3",148.62,106.81,15874.25]
[10,40601008001,null,"现浇混凝土池柱","m3",0.72,151.72,109.24]
[11,40601012002,null,"配水板","m",17.72,247.35,4382.97]
[12,40303001002,null,"砂垫层","m3",12.6,84.24,1061.45]
[13,40601030001,null,"井、池渗漏试验","m3",2703.27,1.07,2891.99]
[16,10502001001,null,"矩形柱","m3",15.78,{"$f":"ROUND(H21/F21,2)","v":122.15},{"v":1927.5,"d":"1927.50"}]
[17,40406004002,null,"女儿墙","m3",3.77,176.03,663.62]
[18,10505001003,null,"有梁板","m3",32.35,50.65,1638.57]
[19,10505008001,null,"屋面檐口","m3",6.42,{"v":172.7,"d":"172.70"},1108.72]
[20,10503005001,null,"过梁","m3",0.66,115.67,76.34]
[21,10503002001,null,"构造柱","m3",1.13,188.54,213.05]
[22,11702029003,null,"散水","m2",61.68,3.47,213.99]
[23,40901001005,null,"现浇构件钢筋","t",2.404,687.68,1653.18]
[24,40901001006,null,"现浇构件钢筋","t",10.889,687.68,7488.15]
[25,40901001009,null,"现浇构件钢筋","t",183.485,687.68,126178.96]
[26,40901001008,null,"现浇构件钢筋","t",36.883,485.69,{"v":17913.7,"d":"17913.70"}]
[27,40901001010,null,"现浇构件钢筋","t",4.926,1121.48,5524.41]
[28,40901001011,null,"现浇构件钢筋","t",5.89,1121.48,6605.52]
[29,40901001012,null,"现浇构件钢筋","t",2.72,938.41,2552.48]
[30,10516003002,null,"机械连接","个",450,{"v":3.7,"d":"3.70"},{"v":1663.2,"d":"1663.20"}]
[31,10516003001,null,"机械连接","个",2667,4.56,12153.52]
[32,10516003004,null,"机械连接","个",606,{"v":5.9,"d":"5.90"},3574.79]
[33,10516003006,null,"机械连接","个",488,6.71,3276.43]
[34,40103001008,null,"回填块石","m3",74.412,1.45,108.04]
["","",null,"第八章 门窗工程","",""]
[35,10802001002,null,"钢制普通门","m2",8.1,{"$f":"ROUND(H41/F41,2)","v":43.59},353.05]
[36,10807001001,null,"铝合金固定窗","m2",33.15,16.42,544.48]
[37,10807001002,null,"铝合金平开窗","m2",18,{"v":21.7,"d":"21.70"},390.52]
["","",null,"第九章 屋面及防水工程","",""]
[38,10902001004,null,"屋面2-混凝土保护层屋面(不上人屋面)I级防水","m2",162.36,{"$f":"ROUND(H45/F45,2)","v":56.68},9201.99]
[39,40402017001,null,"BW止水条","m",197.8,10.86,2147.65]
["","",null,"第十一章 楼地面装饰工程","",""]
[40,11102003010,null,"楼地1b（防滑地砖面层）","m2",112.48,35.86,4033.43]
[41,40601028007,null,"地防1（地面）","m2",97.5,4.79,466.55]
["","",null,"第十二章 墙、柱面装饰与隔断、幕墙工程","",""]
[42,11201001003,null,"真石漆外墙（外墙1）","m2",973.32,{"$f":"ROUND(H51/F51,2)","v":66.12},64354.89]
[43,11201001004,null,"石粉类涂料内墙面 (内墙2)","m2",294.61,14.58,4296.18]
[44,40601028008,null,"地防1（内墙）","m2",657.33,5.44,3576.24]
[45,40601028009,null,"地防1（外墙）","m2",879.13,5.44,4783.01]
["","",null,"第十三章 天棚工程","",""]
[46,11301001005,null,"石粉类涂料顶棚 (棚2)","m2",199.27,{"$f":"ROUND(H56/F56,2)","v":29.42},5862.66]
["","",null,"第十五章 其他装饰工程","",""]
[47,10604002002,null,"钢吊车梁","t",1.644,{"$f":"ROUND(H58/F58,2)","v":523.33},860.35]
["","",null,"措施项目","",""]
["","AQFHWMSG",null,"绿色施工安全防护措施费","",""]
[49,41101001001,null,"综合脚手架","m2",359.04,{"$f":"ROUND(H61/F61,2)","v":13.55},4863.72]
[50,"粤011701010002",null,"满堂脚手架","m2",153.52,10.23,1570.41]
[51,"粤011701011002",null,"里脚手架","m2",76.76,12.19,935.34]
[52,"粤011701010003",null,"满堂脚手架","m2",158.84,29.82,4736.47]
[53,"粤011701011003",null,"里脚手架","m2",79.42,26.74,2123.66]
[60,41102028001,null,"沉井刃脚模板","m2",472.22,{"v":69.8,"d":"69.80"},32960.01]
[61,41102030001,null,"沉井底板模板","m2",13.6,33.58,456.66]
[62,41102028002,null,"沉井井壁(隔墙)模板","m2",2732.48,61.78,168823.53]
[63,41102029001,null,"沉井顶板模板","m2",100.1,36.33,3636.56]
[64,41102013001,null,"沉井梁模板","m2",92.77,{"v":35.7,"d":"35.70"},3311.79]
[65,41102012001,null,"沉井柱模板","m2",9.65,59.57,574.86]
[66,41102037001,null,"配水板模板","m2",105.2,21.82,2295.35]
[67,11702002003,null,"矩形柱","m2",139.8,39.19,5478.86]
[68,11702002004,null,"构造柱","m2",14.31,39.16,560.44]
[69,11702014001,null,"有梁板","m2",142.36,52.56,7482.72]
[70,11702006002,null,"矩形梁","m2",59.29,54.84,3251.73]
[71,11702006003,null,"矩形梁","m2",47.74,58.28,{"v":2782.3,"d":"2782.30"}]
[72,11702007001,null,"女儿墙","m2",64.42,25.04,1613.29]
[73,11702020001,null,"悬挑板","m2",73.08,35.82,2618.03]
[74,11702009001,null,"过梁","m2",9.63,25.48,245.39]
[76,11703001001,null,"垂直运输","m2",52.8,21.64,{"v":1142.5,"d":"1142.50"}]
["合计",{"$nulls":6},{"$f":"SUM(H6:H81)","v":1225294.68}]

{"sheet":"6【细格栅及旋流沉砂池】","index":7,"n_rows":56,"n_cols":8,"rows_kept":56,"merged":[[0,0,0,7],[1,0,1,1],[1,2,1,7],[2,0,3,0],[2,1,3,2],[2,3,3,3],[2,4,3,4],[2,5,3,5],[2,6,2,7],[4,1,4,2],[5,1,5,2],[6,1,6,2],[7,1,7,2],[8,1,8,2],[9,1,9,2],[10,1,10,2],[11,1,11,2],[12,1,12,2],[13,1,13,2],[14,1,14,2],[15,1,15,2],[16,1,16,2],[17,1,17,2],[18,1,18,2],[19,1,19,2],[20,1,20,2],[21,1,21,2],[22,1,22,2],[23,1,23,2],[24,1,24,2],[25,1,25,2],[26,1,26,2],[27,1,27,2],[28,1,28,2],[29,1,29,2],[30,1,30,2],[31,1,31,2],[32,1,32,2],[33,1,33,2],[34,1,34,2],[35,1,35,2],[36,1,36,2],[37,1,37,2],[38,1,38,2],[39,1,39,2],[40,1,40,2],[41,1,41,2],[42,1,42,2],[43,1,43,2],[44,1,44,2],[45,1,45,2],[46,1,46,2],[47,1,47,2],[48,1,48,2],[49,1,49,2],[50,1,50,2],[51,1,51,2],[52,1,52,2],[53,1,53,2],[54,1,54,2],[55,0,55,5]]}
["劳务采购工程量清单"]
["工程名称:",null,"细格栅及旋流沉砂池"]
["序号","项目编码",null,"项目名称","单位","工程量","人工费"]
[{"$nulls":6},"单价（元）","合价（元）"]
["","",null,"土石方工程","",""]
[1,40101001001,null,"挖一般土方","m3",450.51,{"$f":"ROUND(H6/F6,2)","v":3.05},1374.53]
[2,40103001001,null,"回填土方","m3",353.12,9.45,3338.38]
[3,10101004001,null,"挖基坑土方","m3",124.86,4.69,586.21]
[4,40103001003,null,"回填方-基础及基槽","m3",80.3,{"v":12.3,"d":"12.30"},987.35]
[5,40103002001,null,"场内利用","m3",76.937,3.49,268.43]
["","",null,"第三章 桩基工程","",""]
[6,40301002003,null,"φ400预制钢筋混凝土管桩","m",935.68,{"$f":"ROUND(H12/F12,2)","v":13.51},12638.94]
[7,40901001004,null,"预制钢筋混凝土管桩插筋","t",3.68,416.79,1533.79]
[8,40901009001,null,"预埋铁件","t",0.111,1938.38,215.16]
[9,40301011002,null,"截桩头","根",68,{"v":32.9,"d":"32.90"},2237.44]
["","",null,"第五章 混凝土及钢筋混凝土工程","",""]
[10,40303001002,null,"混凝土垫层","m3",28.742,{"$f":"ROUND(H17/F17,2)","v":137.09},3940.21]
[11,40303002001,null,"C20设备基础","m3",104.806,106.81,11194.73]
[12,40303003001,null,"混凝土承台","m3",24.3,112.45,2732.53]
[13,40303017001,null,"混凝土楼梯","m3",1.977,116.89,231.09]
[14,40406003002,null,"混凝土柱","m3",6.075,122.25,742.64]
[15,40601006004,null,"现浇混凝土池底板","m3",83.4,90.07,{"v":7511.5,"d":"7511.50"}]
[16,40601007002,null,"现浇混凝土池壁(隔墙)","m3",151.51,{"v":94.4,"d":"94.40"},14301.79]
[17,40601010002,null,"现浇混凝土池盖板","m3",7.076,109.25,773.06]
[18,10505001002,null,"有梁板","m3",39.09,50.65,1979.95]
[19,40601030001,null,"井、池渗漏试验","m3",464.979,5.89,2740.57]
[22,11702029001,null,"散水","m2",39.47,13.71,541.07]
[23,10516003001,null,"机械连接","个",128,{"v":3.7,"d":"3.70"},473.09]
[24,10516003003,null,"机械连接","个",193,6.71,{"v":1295.8,"d":"1295.80"}]
[25,40901001009,null,"现浇构件钢筋","t",2.664,1442.85,3843.75]
[26,40901001006,null,"现浇构件钢筋","t",31.154,687.68,21423.98]
[27,40901001007,null,"现浇构件钢筋","t",1.372,1121.48,1538.67]
[28,40901001008,null,"现浇构件钢筋","t",4.636,1121.48,5199.18]
[29,40404004001,null,"钢板止水带","m",109.864,21.22,2331.31]
["","",null,"第十一章 楼地面装饰工程","",""]
[30,11102003002,null,"防滑地面砖面层（楼1b）","m2",241.87,{"$f":"ROUND(H36/F36,2)","v":35.86},8672.77]
[31,40601028003,null,"地防1（地面）","m2",198.05,4.79,947.93]
["","",null,"第十二章 墙、柱面装饰与隔断、幕墙工程","",""]
[32,40601028005,null,"侧壁防水","m2",690.32,5.44,3755.78]
[33,11201001002,null,"真石漆墙面 (外墙2构筑物外墙)","m2",325.11,43.63,14183.43]
["","",null,"措施项目","",""]
[35,41101001001,null,"墙面脚手架  池体","m2",163.04,{"$f":"ROUND(H42/F42,2)","v":7.38},1203.93]
[36,41101001002,null,"墙面脚手架  池体","m2",348.711,13.55,4724.15]
[37,"粤011701010001",null,"满堂脚手架","m2",1018.06,7.43,{"v":7565.8,"d":"7565.80"}]
[38,"粤011701011001",null,"里脚手架","m2",509.03,10.61,5403.04]
[44,41102001001,null,"垫层模板","m2",44.01,12.65,556.72]
[45,11702001001,null,"设备基础","m2",13,23.27,302.48]
[46,11702001003,null,"桩承台模板","m2",87.61,{"v":23.1,"d":"23.10"},2023.83]
[47,41102034001,null,"池底模板","m2",55.57,{"v":33.6,"d":"33.60"},1866.95]
[48,41102035001,null,"池壁(隔墙)模板","m2",1133.35,55.54,62943.51]
[49,11702014001,null,"有梁板","m2",212.92,47.12,10033.39]
[50,41102013001,null,"梁模板","m2",119.56,{"v":35.7,"d":"35.70"},4268.17]
[51,41102012001,null,"柱模板","m2",80.87,59.57,{"v":4817.6,"d":"4817.60"}]
[52,41102020001,null,"楼梯模板","m2",8.928,89.12,795.65]
[53,40901010001,null,"止水螺栓","t",0.142,3429.93,487.05]
["合计",{"$nulls":6},{"$f":"SUM(H6:H55)","v":240527.33}]

{"sheet":"7【AAO生化池】","index":8,"n_rows":62,"n_cols":8,"rows_kept":62,"merged":[[0,0,0,7],[1,0,1,1],[1,2,1,7],[2,0,3,0],[2,1,3,2],[2,3,3,3],[2,4,3,4],[2,5,3,5],[2,6,2,7],[4,1,4,2],[5,1,5,2],[6,1,6,2],[7,1,7,2],[8,1,8,2],[9,1,9,2],[10,1,10,2],[11,1,11,2],[12,1,12,2],[13,1,13,2],[14,1,14,2],[15,1,15,2],[16,1,16,2],[17,1,17,2],[18,1,18,2],[19,1,19,2],[20,1,20,2],[21,1,21,2],[22,1,22,2],[23,1,23,2],[24,1,24,2],[25,1,25,2],[26,1,26,2],[27,1,27,2],[28,1,28,2],[29,1,29,2],[30,1,30,2],[31,1,31,2],[32,1,32,2],[33,1,33,2],[34,1,34,2],[35,1,35,2],[36,1,36,2],[37,1,37,2],[38,1,38,2],[39,1,39,2],[40,1,40,2],[41,1,41,2],[42,1,42,2],[43,1,43,2],[44,1,44,2],[45,1,45,2],[46,1,46,2],[47,1,47,2],[48,1,48,2],[49,1,49,2],[50,1,50,2],[51,1,51,2],[52,1,52,2],[53,1,53,2],[54,1,54,2],[55,1,55,2],[56,1,56,2],[57,1,57,2],[58,1,58,2],[59,1,59,2],[60,1,60,2],[61,0,61,5]]}
["劳务采购工程量清单"]
["工程名称:",null,"AAO生化池"]
["序号","项目编码",null,"项目名称","单位","工程量","人工费"]
[{"$nulls":6},"单价（元）","合价（元）"]
["","",null,"土石方工程","",""]
[1,40101001001,null,"挖一般土方","m3",46647.37,{"$f":"ROUND(H6/F6,2)","v":3.05},142404.88]
[2,40103001001,null,"回填土方","m3",6515.76,9.45,61603.63]
[3,40103002001,null,"场内利用","m3",39154.246,3.49,136595.35]
["","",null,"第三章 桩基工程","",""]
[4,40301002001,null,"预制钢筋混凝土管桩","m",6021,14.68,88376.89]
[5,40301002004,null,"预制钢筋混凝土管桩（试验桩）","m",40.5,{"v":27.4,"d":"27.40"},1109.73]
[6,40301002002,null,"预制钢筋混凝土管桩","m",2025,29.03,58781.51]
[7,40301002003,null,"预制钢筋混凝土管桩","m",8748,24.15,211230.95]
[8,40301002006,null,"预制钢筋混凝土管桩（试验桩）","m",40.5,44.92,1819.45]
[9,10515001001,null,"预制钢筋混凝土管桩插筋","t",94.206,416.79,39264.12]
[10,40901009002,null,"预埋铁件","t",3.82,1938.36,7404.54]
[11,10301004001,null,"截(凿)桩头","个",1250,33.65,42065.51]
["","",null,"第五章 混凝土及钢筋混凝土工程","",""]
[12,40303001004,null,"混凝土垫层","m3",1006.533,{"$f":"ROUND(H19/F19,2)","v":{"v":137.1,"d":"137.10"}},137992.29]
[13,40601006001,null,"现浇混凝土池底板","m3",6903.97,87.04,600907.74]
[14,40601006002,null,"板底加强带","m3",845.4,{"v":88.2,"d":"88.20"},{"v":74560.9,"d":"74560.90"}]
[15,40601007001,null,"现浇混凝土池壁","m3",2985.73,{"v":94.4,"d":"94.40"},281837.99]
[16,40601007002,null,"现浇混凝土池壁","m3",3574.04,105.12,375692.35]
[17,40601007003,null,"壁板加强带","m3",378.61,115.66,43791.54]
[18,10505001001,null,"现浇板（走道板、平台板）","m3",1025.74,128.72,132032.23]
[19,10508001001,null,"梁板加强带","m3",114.27,89.92,10275.15]
[20,40601015002,null,"混凝土楼梯","m3",7.75,116.72,904.56]
[23,40901001007,null,"现浇构件钢筋","t",0.434,{"$f":"ROUND(H28/F28,2)","v":1121.47},486.72]
[24,40901001008,null,"现浇构件钢筋","t",12.031,1121.48,13492.53]
[25,40901001012,null,"现浇构件钢筋","t",22.608,938.41,21215.57]
[26,40901001013,null,"现浇构件钢筋","t",37.527,687.68,25806.57]
[27,40901001009,null,"现浇构件钢筋","t",783.016,687.68,538464.44]
[28,40901001010,null,"现浇构件钢筋","t",1793.765,687.68,1233536.32]
[29,10516003003,null,"机械连接","个",19556,{"v":3.7,"d":"3.70"},72278.98]
[30,10516003004,null,"机械连接","个",9304,4.56,42398.33]
[31,10516003005,null,"机械连接","个",1034,5.04,5207.22]
[32,10516003006,null,"机械连接","个",30640,{"v":5.9,"d":"5.90"},180745.36]
[33,10516003007,null,"机械连接","个",29860,6.85,204660.44]
[34,40901009001,null,"预埋钢板","t",0.23,1938.35,445.82]
["","",null,"第九章 屋面及防水工程","",""]
[35,40601029001,null,"变形缝","m",342.6,{"$f":"ROUND(H41/F41,2)","v":10.86},3719.85]
[36,40402017001,null,"变形缝","m2",2253.27,{"$f":"ROUND(H42/F42,2)","v":13.24},29833.29]
[37,40601028001,null,"柔性防水（池防1）","m2",9000.5,4.79,43068.29]
[38,40601028002,null,"侧壁防水","m2",31952.082,5.44,173844.99]
[39,40601030001,null,"井、池渗漏试验","m3",65703.584,1.07,70298.02]
[40,40404004001,null,"钢板止水带","m",3884.8,21.22,82435.46]
["","",null,"第十一章 楼地面装饰工程","",""]
[41,11102003002,null,"防滑地面砖面层（楼1b）","m2",6149.63,{"$f":"ROUND(H48/F48,2)","v":43.15},265332.49]
["","",null,"第十二章 墙、柱面装饰与隔断、幕墙工程","",""]
[43,11201001001,null,"真石漆墙面 (外墙2构筑物外墙)","m2",1960.603,{"$f":"ROUND(H50/F50,2)","v":43.63},85536.86]
["","",null,"措施项目","",""]
[44,41101001001,null,"墙面脚手架  池体","m2",5515.594,{"$f":"ROUND(H52/F52,2)","v":13.55},74724.79]
[45,"粤011701010001",null,"满堂脚手架","m2",3413.86,13.03,44483.45]
[46,"粤011701011001",null,"里脚手架","m2",10798,4.95,53396.11]
[52,41102001002,null,"垫层模板","m2",72.436,12.65,916.09]
[53,41102034002,null,"池底模板","m2",906.148,33.58,30425.89]
[54,41102035002,null,"池壁(隔墙)模板","m2",32778.426,30.15,988118.01]
[55,41102035003,null,"池壁(隔墙)模板","m2",1914.87,46.08,88231.66]
[56,11702014001,null,"有梁板","m2",6693.621,38.29,256284.69]
[57,41102020001,null,"楼梯模板","m2",31.88,{"v":89.1,"d":"89.10"},2840.51]
[60,41106001001,null,"大型机械设备安拆费","项",1,{"v":14740,"d":"14740.00"},{"v":14740,"d":"14740.00"}]
["合计",{"$nulls":6},{"$f":"SUM(H6:H61)","v":7095620.06}]

{"sheet":"8【砂介质高效沉淀池】","index":9,"n_rows":74,"n_cols":8,"rows_kept":74,"merged":[[0,0,0,7],[1,0,1,1],[1,2,1,7],[2,0,3,0],[2,1,3,2],[2,3,3,3],[2,4,3,4],[2,5,3,5],[2,6,2,7],[4,1,4,2],[5,1,5,2],[6,1,6,2],[7,1,7,2],[8,1,8,2],[9,1,9,2],[10,1,10,2],[11,1,11,2],[12,1,12,2],[13,1,13,2],[14,1,14,2],[15,1,15,2],[16,1,16,2],[17,1,17,2],[18,1,18,2],[19,1,19,2],[20,1,20,2],[21,1,21,2],[22,1,22,2],[23,1,23,2],[24,1,24,2],[25,1,25,2],[26,1,26,2],[27,1,27,2],[28,1,28,2],[29,1,29,2],[30,1,30,2],[31,1,31,2],[32,1,32,2],[33,1,33,2],[34,1,34,2],[35,1,35,2],[36,1,36,2],[37,1,37,2],[38,1,38,2],[39,1,39,2],[40,1,40,2],[41,1,41,2],[42,1,42,2],[43,1,43,2],[44,1,44,2],[45,1,45,2],[46,1,46,2],[47,1,47,2],[48,1,48,2],[49,1,49,2],[50,1,50,2],[51,1,51,2],[52,1,52,2],[53,1,53,2],[54,1,54,2],[55,1,55,2],[56,1,56,2],[57,1,57,2],[58,1,58,2],[59,1,59,2],[60,1,60,2],[61,1,61,2],[62,1,62,2],[63,1,63,2],[64,1,64,2],[65,1,65,2],[66,1,66,2],[67,1,67,2],[68,1,68,2],[69,1,69,2],[70,1,70,2],[71,1,71,2],[72,1,72,2],[73,0,73,5]]}
["劳务采购工程量清单"]
["工程名称:",null,"砂介质高效沉淀池"]
["序号","项目编码",null,"项目名称","单位","工程量","人工费"]
[{"$nulls":6},"单价（元）","合价（元）"]
["","",null,"第一章 土石方工程","",""]
[1,40101001001,null,"挖一般土方","m3",1985.6,{"$f":"ROUND(H6/F6,2)","v":3.05},{"v":6062,"d":"6062.00"}]
[2,40103001003,null,"回填方","m3",892.29,{"v":12.3,"d":"12.30"},10971.54]
[3,40103002001,null,"场内回填利用土方","m3",959.467,3.49,3347.03]
["","",null,"第二章 地基处理与边坡支护工程","",""]
[4,40101001003,null,"挖一般土方（利用）","m3",954.4,4.52,4310.15]
[5,40103001004,null,"换填7:3砂石","m3",954.4,3.19,3045.48]
["","",null,"第五章 混凝土及钢筋混凝土工程","",""]
[6,40303001004,null,"混凝土垫层","m3",109.68,{"$f":"ROUND(H13/F13,2)","v":{"v":137.1,"d":"137.10"}},{"v":15036.8,"d":"15036.80"}]
[7,40303002002,null,"C20设备基础","m3",0.67,106.81,71.56]
[8,40103001005,null,"回填C20素砼","m3",166.24,106.81,17756.25]
[9,40601006012,null,"现浇混凝土池底板 50cm以外","m3",519.64,87.04,45228.43]
[10,40601006014,null,"渠道底板","m3",84.51,90.05,7610.04]
[11,40601007009,null,"现浇混凝土池壁（直行）-30cm以外","m3",537.41,94.39,50728.81]
[12,40601007008,null,"现浇混凝土池壁（直行）-30cm以内","m3",242.16,105.12,25455.14]
[13,40601011001,null,"现浇钢筋混凝土池 走道板","m3",6.99,128.72,899.74]
[14,40601010002,null,"现浇混凝土池盖板","m3",7.64,109.19,{"v":834.2,"d":"834.20"}]
[15,40601010001,null,"现浇混凝土池盖板","m3",19.77,101.75,2011.57]
[16,40601006013,null,"池底板加强带","m3",37.96,{"v":88.2,"d":"88.20"},3347.92]
[17,10502001001,null,"矩形柱","m3",15.81,122.15,1931.16]
[18,40406004001,null,"女儿墙","m3",8.64,176.02,1520.83]
[19,10505001004,null,"有梁板","m3",73.34,50.65,3714.73]
[20,40601015002,null,"混凝土楼梯","m3",2.12,116.71,247.43]
[23,40601030001,null,"井、池渗漏试验","m3",3631.97,{"$f":"ROUND(H28/F28,2)","v":1.07},3885.95]
[24,11702029001,null,"散水","m2",103.65,3.47,359.74]
[25,40901001020,null,"现浇构件钢筋","t",14.765,687.68,{"v":10153.6,"d":"10153.60"}]
[26,40901001021,null,"现浇构件钢筋","t",47.848,687.68,32904.11]
[27,40901001022,null,"现浇构件钢筋","t",170.885,687.68,{"v":117514.2,"d":"117514.20"}]
[28,40901001026,null,"现浇构件钢筋","t",8.006,1121.48,8978.57]
[29,40901001024,null,"现浇构件钢筋","t",3.078,1121.48,3451.92]
[30,40901001025,null,"现浇构件钢筋","t",0.399,938.42,374.43]
[31,10516003009,null,"机械连接","个",580,{"v":3.7,"d":"3.70"},2143.68]
[32,10516003010,null,"机械连接","个",1678,4.56,7646.65]
[33,10516003011,null,"机械连接","个",164,{"v":5.9,"d":"5.90"},967.44]
[34,40901009004,null,"预埋不锈钢板","t",0.011,1938.18,21.32]
["","",null,"第九章 屋面及防水工程","",""]
[35,10902001002,null,"屋面4-(不上人屋面)","m2",661.5,37.33,24690.59]
[36,40601028008,null,"地防1（地面）","m2",619.24,4.78,2962.93]
[37,40601028009,null,"地防1（内墙）","m2",2529.56,5.44,13763.05]
[38,40601028010,null,"地防1（外墙）","m2",749.17,5.44,4076.25]
[39,40404004002,null,"钢板止水带","m",466.5,21.22,9899.13]
["","",null,"第十一章 楼地面装饰工程","",""]
[40,11102003004,null,"楼地1b（防滑地砖面层）","m2",264.74,35.85,9490.21]
["","",null,"第十二章 墙、柱面装饰与隔断、幕墙工程","",""]
[41,11201001005,null,"真石漆外墙（外墙1）","m2",72.72,{"v":66.1,"d":"66.10"},4806.95]
[42,11201001006,null,"真石漆外墙（外墙1）-独立柱","m2",110.25,67.92,7488.07]
[43,11201001004,null,"真石漆外墙（外墙2）","m2",112.7,43.63,4916.86]
["","",null,"第十三章 天棚工程","",""]
[44,11301001002,null,"石粉类涂料顶棚 (棚2)","m2",1185.27,29.42,34867.13]
["","",null,"第十五章 其他装饰工程","",""]
[46,10604002001,null,"钢吊车梁","t",1.465,{"$f":"ROUND(H55/F55,2)","v":{"v":527.3,"d":"527.30"}},{"v":772.5,"d":"772.50"}]
["","",null,"措施项目","",""]
[47,41101001002,null,"综合脚手架","m2",1463.5,{"$f":"ROUND(H57/F57,2)","v":13.55},19827.36]
[48,"粤011701010002",null,"满堂脚手架","m2",521.54,13.03,6795.21]
[49,"粤011701011002",null,"里脚手架","m2",260.77,14.61,3809.44]
[50,"粤011701010003",null,"满堂脚手架","m2",476.29,7.43,3539.51]
[56,41102001003,null,"垫层模板","m2",37.14,12.64,469.45]
[57,41102002001,null,"泵基础","m2",3.86,30.38,117.26]
[58,41102034003,null,"池底模板","m2",130.58,33.58,4385.38]
[59,41102035003,null,"池壁(直行)模板","m2",361.5,{"v":28,"d":"28.00"},{"v":10123.1,"d":"10123.10"}]
[60,41102035004,null,"池壁(隔墙)模板","m2",3057.14,37.33,114136.88]
[61,11702002002,null,"矩形柱","m2",7.93,46.44,{"v":368.3,"d":"368.30"}]
[62,11702002003,null,"矩形柱","m2",67.39,36.87,2484.93]
[63,11702002004,null,"矩形柱","m2",34.12,39.42,1344.86]
[64,11702014004,null,"有梁板","m2",458.83,47.12,21622.01]
[65,11702006004,null,"矩形梁","m2",188.13,45.27,8515.92]
[66,11702006005,null,"矩形梁","m2",682.13,53.54,36524.39]
[67,11702007002,null,"女儿墙","m2",144,25.05,3607.36]
[68,11702024002,null,"楼梯","m2",11.05,{"v":89.1,"d":"89.10"},984.57]
["合计",{"$nulls":6},{"$f":"SUM(H6:H73)","v":748922.02}]

{"sheet":"9【生物除臭设施】","index":10,"n_rows":21,"n_cols":8,"rows_kept":21,"merged":[[0,0,0,7],[1,0,1,1],[1,2,1,7],[2,0,3,0],[2,1,3,2],[2,3,3,3],[2,4,3,4],[2,5,3,5],[2,6,2,7],[4,1,4,2],[5,1,5,2],[6,1,6,2],[7,1,7,2],[8,1,8,2],[9,1,9,2],[10,1,10,2],[11,1,11,2],[12,1,12,2],[13,1,13,2],[14,1,14,2],[15,1,15,2],[16,1,16,2],[17,1,17,2],[18,1,18,2],[19,1,19,2],[20,0,20,5]]}
["劳务采购工程量清单"]
["工程名称:",null,"生物除臭设施"]
["序号","项目编码",null,"项目名称","单位","工程量","人工费"]
[{"$nulls":6},"单价（元）","合价（元）"]
["","",null,"第一章 土石方工程","",""]
[1,40101001002,null,"挖一般土方","m3",266.74,{"$f":"ROUND(H6/F6,2)","v":3.05},812.93]
[2,40103001002,null,"回填方","m3",13.27,12.32,163.53]
[3,40103002001,null,"场内利用","m3",251.48,3.49,877.12]
["","",null,"第三章 桩基工程","",""]
[4,40301002006,null,"φ500预制钢筋混凝土管桩","m",603.2,{"$f":"ROUND(H10/F10,2)","v":15.94},9615.25]
[5,40901001009,null,"预制钢筋混凝土管桩插筋","t",1.753,416.79,730.63]
[6,40901009009,null,"桩基础预埋钢板（回填混凝土的底板）","t",0.071,1938.31,137.62]
[7,40301011005,null,"截桩头","根",32,33.65,1076.87]
["","",null,"第五章 混凝土及钢筋混凝土工程","",""]
[8,40303001005,null,"混凝土垫层","m3",56.355,{"$f":"ROUND(H15/F15,2)","v":137.11},7726.69]
[9,10501004003,null,"筏板基础","m3",112,106.81,11962.83]
[10,40901001007,null,"现浇构件钢筋","t",37.754,687.68,25962.67]
["","",null,"措施项目","",""]
[16,41102001002,null,"垫层模板","m2",10.875,{"$f":"ROUND(H19/F19,2)","v":12.68},137.88]
[17,11702001001,null,"基础模板","m2",21.6,{"$f":"ROUND(H20/F20,2)","v":23.27},502.59]
["合计",{"$nulls":6},{"$f":"SUM(H6:H20)","v":59706.61}]

{"sheet":"10【储泥池】","index":11,"n_rows":47,"n_cols":8,"rows_kept":47,"merged":[[0,0,0,7],[1,0,1,1],[1,2,1,7],[2,0,3,0],[2,1,3,2],[2,3,3,3],[2,4,3,4],[2,5,3,5],[2,6,2,7],[4,1,4,2],[5,1,5,2],[6,1,6,2],[7,1,7,2],[8,1,8,2],[9,1,9,2],[10,1,10,2],[11,1,11,2],[12,1,12,2],[13,1,13,2],[14,1,14,2],[15,1,15,2],[16,1,16,2],[17,1,17,2],[18,1,18,2],[19,1,19,2],[20,1,20,2],[21,1,21,2],[22,1,22,2],[23,1,23,2],[24,1,24,2],[25,1,25,2],[26,1,26,2],[27,1,27,2],[28,1,28,2],[29,1,29,2],[30,1,30,2],[31,1,31,2],[32,1,32,2],[33,1,33,2],[34,1,34,2],[35,1,35,2],[36,1,36,2],[37,1,37,2],[38,1,38,2],[39,1,39,2],[40,1,40,2],[41,1,41,2],[42,1,42,2],[43,1,43,2],[44,1,44,2],[45,1,45,2],[46,0,46,5]]}
["劳务采购工程量清单"]
["工程名称:",null,"储泥池"]
["序号","项目编码",null,"项目名称","单位","工程量","人工费"]
[{"$nulls":6},"单价（元）","合价（元）"]
["","",null,"第一章 土石方工程","",""]
[1,40101001001,null,"挖一般土方","m3",14.27,{"$f":"ROUND(H6/F6,2)","v":3.04},43.41]
[2,40103001002,null,"回填方","m3",2.37,12.45,29.51]
[3,40103002002,null,"场内回填利用土方","m3",11.545,3.51,40.47]
["","",null,"第三章 桩基工程","",""]
[4,40301002003,null,"φ500预制钢筋混凝土管桩","m",204.6,16.02,3278.47]
[5,40901001012,null,"预制钢筋混凝土管桩插筋","t",0.48,416.79,200.06]
[6,40901009001,null,"桩基础预埋钢板（回填混凝土的底板）","t",0.029,1938.28,56.21]
[7,40301011003,null,"截桩头","根",12,33.66,403.86]
["","",null,"第五章 混凝土及钢筋混凝土工程","",""]
[8,40303001005,null,"混凝土垫层","m3",6.05,{"$f":"ROUND(H15/F15,2)","v":{"v":137.1,"d":"137.10"}},829.44]
[9,40303002002,null,"C20设备基础","m3",6.475,106.87,691.98]
[10,40601006005,null,"现浇混凝土池底板","m3",23.826,90.06,2145.87]
[11,40601007006,null,"现浇混凝土池壁（直行）","m3",40.71,105.12,4279.31]
[12,40601010003,null,"现浇混凝土池盖板","m3",3.75,109.19,409.47]
[13,40601021001,null,"混凝土池壁牛腿","m3",0.09,151.56,13.64]
[14,40601015003,null,"混凝土楼梯","m3",1.842,116.59,214.75]
[15,11702029002,null,"散水","m2",33.9,3.46,117.41]
[16,40901001013,null,"现浇构件钢筋","t",1.474,687.68,1013.64]
[17,40901001014,null,"现浇构件钢筋","t",2.788,687.68,1917.25]
[18,40901001015,null,"现浇构件钢筋","t",2.738,687.68,1882.87]
[19,40901001016,null,"现浇构件钢筋","t",0.034,1121.47,38.13]
[20,40901001017,null,"现浇构件钢筋","t",0.035,1121.43,39.25]
[21,40601030001,null,"井、池渗漏试验","m3",153.9,5.89,907.04]
["","",null,"第九章 屋面及防水工程","",""]
[22,40404004002,null,"钢板止水带","m",57.4,{"$f":"ROUND(H30/F30,2)","v":21.22},1218.03]
["","",null,"第十一章 楼地面装饰工程","",""]
[23,11102003003,null,"楼地1b（防滑地砖面层）","m2",31.54,35.81,1129.36]
[24,40601028007,null,"地防1（地面）","m2",49.83,4.78,{"v":238.3,"d":"238.30"}]
["","",null,"第十二章 墙、柱面装饰与隔断、幕墙工程","",""]
[25,11201001003,null,"真石漆外墙（外墙2）","m2",123.539,{"$f":"ROUND(H35/F35,2)","v":43.61},5388.05]
[26,40601028008,null,"地防1（内墙）","m2",148.56,5.44,{"v":808.5,"d":"808.50"}]
["","",null,"措施项目","",""]
[28,41101001002,null,"综合脚手架","m2",139.95,7.39,1034.01]
[29,"粤011701010002",null,"满堂脚手架","m2",40.7,7.43,302.46]
[30,"粤011701011001",null,"里脚手架","m2",20.35,7.34,149.37]
[36,41102001002,null,"垫层模板","m2",3.31,12.62,41.77]
[37,41102002001,null,"基础","m2",5.1,30.09,153.46]
[38,41102034002,null,"池底模板","m2",12.92,33.53,433.18]
[39,41102035002,null,"池壁(直行)模板","m2",268.74,{"v":28,"d":"28.00"},7524.47]
[40,41102036002,null,"池盖模板","m2",31.12,36.31,1129.85]
[41,11702024002,null,"楼梯","m2",7.45,{"v":89.1,"d":"89.10"},663.81]
["合计",{"$nulls":6},{"$f":"SUM(H6:H46)","v":38766.66}]

{"sheet":"11【配水井及污泥泵房】","index":12,"n_rows":67,"n_cols":8,"rows_kept":67,"merged":[[0,0,0,7],[1,0,1,1],[1,2,1,7],[2,0,3,0],[2,1,3,2],[2,3,3,3],[2,4,3,4],[2,5,3,5],[2,6,2,7],[4,1,4,2],[5,1,5,2],[6,1,6,2],[7,1,7,2],[8,1,8,2],[9,1,9,2],[10,1,10,2],[11,1,11,2],[12,1,12,2],[13,1,13,2],[14,1,14,2],[15,1,15,2],[16,1,16,2],[17,1,17,2],[18,1,18,2],[19,1,19,2],[20,1,20,2],[21,1,21,2],[22,1,22,2],[23,1,23,2],[24,1,24,2],[25,1,25,2],[26,1,26,2],[27,1,27,2],[28,1,28,2],[29,1,29,2],[30,1,30,2],[31,1,31,2],[32,1,32,2],[33,1,33,2],[34,1,34,2],[35,1,35,2],[36,1,36,2],[37,1,37,2],[38,1,38,2],[39,1,39,2],[40,1,40,2],[41,1,41,2],[42,1,42,2],[43,1,43,2],[44,1,44,2],[45,1,45,2],[46,1,46,2],[47,1,47,2],[48,1,48,2],[49,1,49,2],[50,1,50,2],[51,1,51,2],[52,1,52,2],[53,1,53,2],[54,1,54,2],[55,1,55,2],[56,1,56,2],[57,1,57,2],[58,1,58,2],[59,1,59,2],[60,1,60,2],[61,1,61,2],[62,1,62,2],[63,1,63,2],[64,1,64,2],[65,1,65,2],[66,0,66,5]]}
["劳务采购工程量清单"]
["工程名称:",null,"配水井及污泥泵房"]
["序号","项目编码",null,"项目名称","单位","工程量","人工费"]
[{"$nulls":6},"单价（元）","合价（元）"]
["","",null,"第一章 土石方工程","",""]
[1,40101001001,null,"挖一般土方","m3",68.59,{"$f":"ROUND(H6/F6,2)","v":3.04},208.39]
[2,40103001001,null,"回填方","m3",5.3,{"v":12.3,"d":"12.30"},65.17]
[3,40103002001,null,"场内回填利用土方","m3",62.495,3.49,217.81]
["","",null,"第三章 桩基工程","",""]
[4,40301002003,null,"φ500预制钢筋混凝土管桩","m",454.73,{"$f":"ROUND(H10/F10,2)","v":16.35},7434.77]
[5,40901001009,null,"预制钢筋混凝土管桩插筋","t",2.22,416.79,925.27]
[6,40901009002,null,"桩基础预埋钢板（回填混凝土的底板）","t",0.089,1938.31,172.51]
[7,40301011003,null,"截桩头","根",37,33.65,{"v":1245.2,"d":"1245.20"}]
["","",null,"第五章 混凝土及钢筋混凝土工程","",""]
[8,40303001003,null,"混凝土垫层","m3",39.43,{"$f":"ROUND(H15/F15,2)","v":{"v":137.1,"d":"137.10"}},5405.73]
[9,40303002002,null,"C20设备基础","m3",4.89,106.81,{"v":522.3,"d":"522.30"}]
[10,40601006006,null,"现浇混凝土池底板","m3",113.49,102.23,11601.63]
[11,40601006005,null,"现浇混凝土池底板","m3",15.72,90.05,1415.57]
[12,40601007003,null,"现浇混凝土池壁（弧形）-30cm以外","m3",155.67,96.29,14989.31]
[13,40601007004,null,"现浇混凝土池壁（直行）-30cm以内","m3",21.75,105.12,{"v":2286.3,"d":"2286.30"}]
[14,40601010003,null,"现浇混凝土池盖板","m3",21.28,109.19,2323.54]
[15,40601010004,null,"现浇混凝土池盖板","m3",3.98,101.75,404.96]
[16,10502001001,null,"矩形柱","m3",8.35,122.15,1019.95]
[17,40406004002,null,"女儿墙","m3",3.61,176.02,635.44]
[18,10505001003,null,"有梁板","m3",38.41,50.65,1945.51]
[19,10505008002,null,"屋面檐口","m3",5.12,{"v":172.7,"d":"172.70"},884.21]
[20,40601015001,null,"混凝土楼梯","m3",0.89,116.73,103.89]
[23,40601030002,null,"井、池渗漏试验","m3",1107.715,1.07,1185.47]
[24,11702029002,null,"散水","m2",54.03,3.47,187.39]
[25,40901001010,null,"现浇构件钢筋","t",5.723,687.68,3935.59]
[26,40901001011,null,"现浇构件钢筋","t",31.427,687.68,21611.72]
[27,40901001012,null,"现浇构件钢筋","t",6.016,687.68,4137.08]
[28,40901001013,null,"现浇构件钢筋","t",3.368,1121.48,3777.14]
[29,40901001014,null,"现浇构件钢筋","t",0.293,1121.47,328.59]
[30,10516003004,null,"机械连接","个",498,{"v":3.7,"d":"3.70"},1840.61]
[31,10516003005,null,"机械连接","个",144,4.56,656.21]
[32,40404004002,null,"钢板止水带","m",148.836,21.22,{"v":3158.3,"d":"3158.30"}]
["","",null,"第九章 屋面及防水工程","",""]
[33,10902001001,null,"屋面4-(不上人屋面)","m2",242.41,{"$f":"ROUND(H39/F39,2)","v":37.31},9045.07]
["","",null,"第十一章 楼地面装饰工程","",""]
[34,11102003003,null,"楼地1b（防滑地砖面层）","m2",186.26,35.86,6679.36]
[35,40601028006,null,"地防1（地面）","m2",212.68,4.79,1017.79]
["","",null,"第十二章 墙、柱面装饰与隔断、幕墙工程","",""]
[36,40601028007,null,"地防1（内墙）","m2",547.79,{"$f":"ROUND(H44/F44,2)","v":5.44},2980.47]
[37,40601028008,null,"地防1（外墙）","m2",293.33,5.44,1595.79]
[38,11201001006,null,"真石漆外墙（外墙1）-独立柱","m2",81.71,67.88,5546.47]
[39,11201001007,null,"真石漆外墙（外墙2）","m2",97.23,43.61,4240.63]
["","",null,"第十三章 天棚工程","",""]
[40,11301001003,null,"石粉类涂料顶棚 (棚2)","m2",302.4,{"$f":"ROUND(H49/F49,2)","v":29.42},{"v":8895.5,"d":"8895.50"}]
["","",null,"措施项目","",""]
[42,41101001004,null,"综合脚手架","m2",443.64,13.55,6009.87]
[43,41101001005,null,"综合脚手架","m2",91.52,7.38,675.82]
[44,"粤011701010002",null,"满堂脚手架","m2",178.49,10.23,1826.18]
[45,"粤011701010003",null,"满堂脚手架","m2",206.11,7.43,{"v":1531.6,"d":"1531.60"}]
[46,"粤011701010004",null,"满堂脚手架","m2",33.2,7.43,246.72]
[47,"粤011701011002",null,"里脚手架","m2",89.25,9.76,870.75]
[53,41102001002,null,"垫层模板","m2",12.51,12.64,158.16]
[54,41102002001,null,"设备基础","m2",6.12,29.99,183.56]
[55,41102034002,null,"池底模板","m2",39.42,33.56,1323.04]
[56,41102035002,null,"池壁(直行)模板","m2",169.91,{"v":28,"d":"28.00"},4757.74]
[57,41102035003,null,"池壁(隔墙)模板","m2",777.45,44.25,34398.55]
[58,11702002001,null,"矩形柱","m2",77.24,34.03,{"v":2628.8,"d":"2628.80"}]
[59,11702014002,null,"有梁板","m2",176.48,41.71,7361.24]
[60,11702006001,null,"矩形梁","m2",125.66,45.29,{"v":5690.8,"d":"5690.80"}]
[61,11702020001,null,"悬挑板","m2",42.584,35.83,1525.68]
[62,11702024001,null,"楼梯","m2",4.63,{"v":89.1,"d":"89.10"},412.55]
["合计",{"$nulls":6},{"$f":"SUM(H6:H66)","v":{"v":204227.7,"d":"204227.70"}}]

{"sheet":"12【二沉池】","index":13,"n_rows":52,"n_cols":8,"rows_kept":52,"merged":[[0,0,0,7],[1,0,1,1],[1,2,1,7],[2,0,3,0],[2,1,3,2],[2,3,3,3],[2,4,3,4],[2,5,3,5],[2,6,2,7],[4,1,4,2],[5,1,5,2],[6,1,6,2],[7,1,7,2],[8,1,8,2],[9,1,9,2],[10,1,10,2],[11,1,11,2],[12,1,12,2],[13,1,13,2],[14,1,14,2],[15,1,15,2],[16,1,16,2],[17,1,17,2],[18,1,18,2],[19,1,19,2],[20,1,20,2],[21,1,21,2],[22,1,22,2],[23,1,23,2],[24,1,24,2],[25,1,25,2],[26,1,26,2],[27,1,27,2],[28,1,28,2],[29,1,29,2],[30,1,30,2],[31,1,31,2],[32,1,32,2],[33,1,33,2],[34,1,34,2],[35,1,35,2],[36,1,36,2],[37,1,37,2],[38,1,38,2],[39,1,39,2],[40,1,40,2],[41,1,41,2],[42,1,42,2],[43,1,43,2],[44,1,44,2],[45,1,45,2],[46,1,46,2],[47,1,47,2],[48,1,48,2],[49,1,49,2],[50,1,50,2],[51,0,51,5]]}
["劳务采购工程量清单"]
["工程名称:",null,"二沉池"]
["序号","项目编码",null,"项目名称","单位","工程量","人工费"]
[{"$nulls":6},"单价（元）","合价（元）"]
["","",null,"第一章 土石方工程","",""]
[1,40101001001,null,"挖一般土方","m3",5515.86,{"$f":"ROUND(H6/F6,2)","v":3.05},16838.86]
[2,40101002001,null,"挖沟槽土方","m3",53.87,4.92,265.28]
[3,40103001002,null,"回填方","m3",2941.44,{"v":12.3,"d":"12.30"},36166.87]
[4,40103002001,null,"场内回填利用土方","m3",2187.074,3.49,7629.91]
["","",null,"第三章 桩基工程","",""]
[5,40301002004,null,"φ500预制钢筋混凝土管桩","m",7112.2,{"$f":"ROUND(H11/F11,2)","v":16.92},120348.15]
[6,40301002005,null,"φ500预制钢筋混凝土管桩-试验桩","m",74.4,32.11,2388.62]
[7,40901001016,null,"预制钢筋混凝土管桩插筋","t",34.8,416.79,14504.29]
[8,40901009005,null,"桩基础预埋钢板（回填混凝土的底板）","t",0.007,1938.57,13.57]
[9,40301011004,null,"截桩头","根",580,33.65,19518.42]
["","",null,"第五章 混凝土及钢筋混凝土工程","",""]
[10,40303001001,null,"混凝土垫层","m3",650.92,{"$f":"ROUND(H17/F17,2)","v":{"v":137.1,"d":"137.10"}},89239.18]
[11,40601006001,null,"现浇混凝土池底板","m3",2406.88,98.77,237717.91]
[12,40601006005,null,"板底加强带","m3",410,91.22,37401.84]
[13,40601007001,null,"现浇混凝土池壁（弧形）","m3",852.12,96.29,82049.78]
[14,40601007004,null,"现浇混凝土池壁（直行）-300厚","m3",29,105.12,3048.39]
[15,40601007005,null,"现浇混凝土池壁（直行）-200厚","m3",15.6,111.36,1737.18]
[16,40601007003,null,"池壁加强带","m3",64.04,115.66,7407.11]
[17,40601007002,null,"进出水槽","m3",281.92,247.35,69731.79]
[18,11702029001,null,"散水","m2",513.96,3.47,1783.66]
[19,40601030001,null,"井、池渗漏试验","m3",20347.2,1.07,21769.66]
[22,40901001013,null,"现浇构件钢筋","t",14.792,687.68,10172.16]
[23,40901001014,null,"现浇构件钢筋","t",160.812,687.68,{"v":110587.2,"d":"110587.20"}]
[24,40901001015,null,"现浇构件钢筋","t",312.04,687.68,214583.67]
[25,40901001017,null,"现浇构件钢筋","t",4.04,1121.48,4530.78]
[26,10516003001,null,"机械连接","个",4624,{"v":3.7,"d":"3.70"},{"v":17090.3,"d":"17090.30"}]
[27,40404004001,null,"钢板止水带","m",845.78,21.22,17947.45]
["","",null,"第十一章 楼地面装饰工程","",""]
[28,40601028009,null,"地防1（地面）","m2",4106.44,{"$f":"ROUND(H34/F34,2)","v":4.79},19649.53]
["","",null,"第十二章 墙、柱面装饰与隔断、幕墙工程","",""]
[29,11201001002,null,"真石漆外墙（外墙2）","m2",726.84,43.63,31708.76]
[30,40601028010,null,"地防1（内墙）","m2",4268.52,5.44,23224.05]
[31,40601028011,null,"地防1（外墙）","m2",1685.48,5.44,9170.47]
["","",null,"第十五章 其他装饰工程","",""]
[32,10507004001,null,"台阶","m2",9.04,{"$f":"ROUND(H40/F40,2)","v":66.72},603.17]
["","",null,"措施项目","",""]
[34,41101001001,null,"综合脚手架","m2",2426.44,13.55,32872.65]
[35,"粤011701010001",null,"墙面脚手架","m2",2430.52,4.94,12018.82]
[36,"粤011701010002",null,"满堂脚手架","m2",8,7.43,59.45]
[42,10402001001,null,"砖胎膜","m3",14.76,155.52,{"v":2295.5,"d":"2295.50"}]
[43,41102001001,null,"垫层模板","m2",114.4,12.65,1447.46]
[44,41102002001,null,"混凝土管模板","m2",251.76,23.27,5857.96]
[45,41102034001,null,"池底模板","m2",343.48,33.58,11534.32]
[46,41102035001,null,"池壁(弧形)模板","m2",4881.4,47.91,233868.84]
[47,41102035004,null,"池壁(直行)模板","m2",373.28,{"v":28,"d":"28.00"},{"v":10453.5,"d":"10453.50"}]
[48,41102035003,null,"进出水槽模板","m2",2295.8,39.74,91244.05]
["合计",{"$nulls":6},{"$f":"SUM(H6:H51)","v":1630480.56}]

{"sheet":"13【接触消毒池及计量槽】","index":14,"n_rows":61,"n_cols":8,"rows_kept":61,"merged":[[0,0,0,7],[1,0,1,1],[1,2,1,7],[2,0,3,0],[2,1,3,2],[2,3,3,3],[2,4,3,4],[2,5,3,5],[2,6,2,7],[4,1,4,2],[5,1,5,2],[6,1,6,2],[7,1,7,2],[8,1,8,2],[9,1,9,2],[10,1,10,2],[11,1,11,2],[12,1,12,2],[13,1,13,2],[14,1,14,2],[15,1,15,2],[16,1,16,2],[17,1,17,2],[18,1,18,2],[19,1,19,2],[20,1,20,2],[21,1,21,2],[22,1,22,2],[23,1,23,2],[24,1,24,2],[25,1,25,2],[26,1,26,2],[27,1,27,2],[28,1,28,2],[29,1,29,2],[30,1,30,2],[31,1,31,2],[32,1,32,2],[33,1,33,2],[34,1,34,2],[35,1,35,2],[36,1,36,2],[37,1,37,2],[38,1,38,2],[39,1,39,2],[40,1,40,2],[41,1,41,2],[42,1,42,2],[43,1,43,2],[44,1,44,2],[45,1,45,2],[46,1,46,2],[47,1,47,2],[48,1,48,2],[49,1,49,2],[50,1,50,2],[51,1,51,2],[52,1,52,2],[53,1,53,2],[54,1,54,2],[55,1,55,2],[56,1,56,2],[57,1,57,2],[58,1,58,2],[59,1,59,2],[60,0,60,5]]}
["劳务采购工程量清单"]
["工程名称:",null,"接触消毒池及计量槽"]
["序号","项目编码",null,"项目名称","单位","工程量","人工费"]
[{"$nulls":6},"单价（元）","合价（元）"]
["","",null,"土方工程","",""]
[1,40101001001,null,"挖一般土方","m3",5925.4,{"$f":"ROUND(H6/F6,2)","v":3.05},18089.76]
[2,40103001002,null,"回填方","m3",4697.02,{"v":12.3,"d":"12.30"},57753.37]
[3,40103002001,null,"场内利用","m3",25.357,3.48,{"v":88.3,"d":"88.30"}]
["","",null,"第三章 桩基工程","",""]
[4,40301002003,null,"φ500预制钢筋混凝土管桩","m",1118.4,{"$f":"ROUND(H10/F10,2)","v":17.03},{"v":19050.4,"d":"19050.40"}]
[5,40901001018,null,"预制钢筋混凝土管桩插筋","t",3.84,416.79,1600.47]
[6,40901009002,null,"桩基础预埋钢板（回填混凝土的底板）","t",0.208,1938.37,403.18]
[7,40301011003,null,"截桩头","根",96,33.65,3230.62]
["","",null,"第五章 混凝土及钢筋混凝土工程","",""]
[8,40303001005,null,"混凝土垫层","m3",148.74,{"$f":"ROUND(H15/F15,2)","v":{"v":137.1,"d":"137.10"}},20391.81]
[9,40303001003,null,"回填C20混凝土","m3",7,106.81,747.68]
[10,40303002001,null,"C20设备基础","m3",0.13,60.31,7.84]
[11,40406003001,null,"混凝土柱","m3",1.33,122.14,162.45]
[12,40601006004,null,"现浇混凝土池底板","m3",492.8,90.05,44376.15]
[13,40601007003,null,"现浇混凝土池壁（隔墙）","m3",217.706,105.12,22885.02]
[14,40601010001,null,"现浇混凝土池盖板","m3",183.146,109.19,19997.96]
[15,40601007004,null,"现浇混凝土池壁","m3",154.97,94.39,14628.38]
[16,10505001002,null,"有梁板","m3",42.849,50.65,2170.38]
[17,10505008002,null,"雨蓬、悬挑板、阳台板","m3",3.17,{"v":172.7,"d":"172.70"},547.46]
[18,40406004001,null,"女儿墙","m3",1.56,176.03,274.61]
[19,40601030001,null,"井、池渗漏试验","m3",3540.712,1.07,3788.59]
[22,40901001012,null,"现浇构件钢筋","t",0.955,687.68,656.73]
[23,40901001013,null,"现浇构件钢筋","t",48.449,687.68,33317.41]
[24,40901001014,null,"现浇构件钢筋","t",88.56,687.68,60900.94]
[25,40901001017,null,"现浇构件钢筋","t",2.048,1121.48,2296.79]
[26,10516003001,null,"机械连接","个",1662,{"v":3.7,"d":"3.70"},6142.75]
["","",null,"第九章 屋面及防水工程","",""]
[27,10902003002,null,"不上人屋面(屋面4)","m2",25.37,{"$f":"ROUND(H33/F33,2)","v":37.36},947.74]
[28,10902003003,null,"屋面3-雨棚屋面(不上人屋面)II级防水","m2",17.43,19.02,{"v":331.5,"d":"331.50"}]
["","",null,"第十一章 楼地面装饰工程","",""]
[29,11102003002,null,"防滑地面砖面层（楼1b）","m2",19.47,35.91,699.13]
[30,40601028005,null,"地防1（地面）","m2",790.28,4.79,3781.66]
[31,40601028008,null,"地防1（天棚）","m2",933.13,4.78,4464.98]
["","",null,"第十二章 墙、柱面装饰与隔断、幕墙工程","",""]
[32,40601028006,null,"地防1（内墙）","m2",1158.43,{"$f":"ROUND(H40/F40,2)","v":5.44},6302.62]
[33,40601028009,null,"防水外墙面","m2",661.66,5.44,3600.18]
[34,11201001004,null,"真石漆墙面 (外墙2构筑物外墙)","m2",63.7,{"v":45.4,"d":"45.40"},2891.71]
["","",null,"第十五章 其他装饰工程","",""]
[36,40404004001,null,"钢板止水带","m",370.8,21.22,7868.38]
["","",null,"措施项目","",""]
[37,41101001001,null,"墙面脚手架  池体","m2",819.45,{"$f":"ROUND(H46/F46,2)","v":13.55},11102.48]
[38,"粤011701010001",null,"满堂脚手架","m2",25.63,7.42,190.24]
[39,"粤011701010003",null,"满堂脚手架","m2",873.09,7.43,6488.26]
[40,"粤011701011001",null,"里脚手架","m2",12.815,14.12,180.94]
[41,"粤011701011003",null,"里脚手架","m2",436.545,10.61,4633.46]
[42,"粤011701010002",null,"满堂脚手架","m2",50.375,7.44,374.54]
[43,"粤011701011002",null,"里脚手架","m2",25.188,14.14,356.23]
[49,41102001001,null,"垫层模板","m2",35.23,12.64,445.39]
[50,11702001001,null,"设备基础","m2",0.56,23.27,13.03]
[51,41102034002,null,"池底模板","m2",87.38,33.59,2934.77]
[52,11702002002,null,"矩形柱","m2",17.66,29.81,526.37]
[53,11702021001,null,"栏板","m2",25.944,25.01,648.85]
[54,41102035002,null,"池壁(隔墙)模板","m2",2210.92,31.74,70164.71]
[55,41102036001,null,"走道板、水渠底板模板","m2",803.561,36.33,{"v":29194.2,"d":"29194.20"}]
[56,11702006001,null,"矩形梁","m2",232.611,43.98,10230.81]
["合计",{"$nulls":6},{"$f":"SUM(H6:H60)","v":501881.23}]

{"sheet":"14【精密过滤器】","index":15,"n_rows":63,"n_cols":8,"rows_kept":63,"merged":[[0,0,0,7],[1,0,1,1],[1,2,1,7],[2,0,3,0],[2,1,3,2],[2,3,3,3],[2,4,3,4],[2,5,3,5],[2,6,2,7],[4,1,4,2],[5,1,5,2],[6,1,6,2],[7,1,7,2],[8,1,8,2],[9,1,9,2],[10,1,10,2],[11,1,11,2],[12,1,12,2],[13,1,13,2],[14,1,14,2],[15,1,15,2],[16,1,16,2],[17,1,17,2],[18,1,18,2],[19,1,19,2],[20,1,20,2],[21,1,21,2],[22,1,22,2],[23,1,23,2],[24,1,24,2],[25,1,25,2],[26,1,26,2],[27,1,27,2],[28,1,28,2],[29,1,29,2],[30,1,30,2],[31,1,31,2],[32,1,32,2],[33,1,33,2],[34,1,34,2],[35,1,35,2],[36,1,36,2],[37,1,37,2],[38,1,38,2],[39,1,39,2],[40,1,40,2],[41,1,41,2],[42,1,42,2],[43,1,43,2],[44,1,44,2],[45,1,45,2],[46,1,46,2],[47,1,47,2],[48,1,48,2],[49,1,49,2],[50,1,50,2],[51,1,51,2],[52,1,52,2],[53,1,53,2],[54,1,54,2],[55,1,55,2],[56,1,56,2],[57,1,57,2],[58,1,58,2],[59,1,59,2],[60,1,60,2],[61,1,61,2],[62,0,62,5]]}
["劳务采购工程量清单"]
["工程名称:",null,"精密过滤器"]
["序号","项目编码",null,"项目名称","单位","工程量","人工费"]
[{"$nulls":6},"单价（元）","合价（元）"]
["","",null,"第一章 土石方工程","",""]
[1,40101001001,null,"挖一般土方","m3",1017.14,{"$f":"ROUND(H6/F6,2)","v":3.05},3106.24]
[2,40103001001,null,"回填方","m3",783.49,{"v":12.3,"d":"12.30"},9633.76]
[3,40103002001,null,"场内回填利用土方","m3",116.127,3.49,405.08]
["","",null,"第三章 桩基工程","",""]
[4,40301002003,null,"φ500预制钢筋混凝土管桩","m",648,{"$f":"ROUND(H10/F10,2)","v":16.38},10612.79]
[5,40901001013,null,"预制钢筋混凝土管桩插筋","t",1.44,416.79,600.18]
[6,40901009002,null,"桩基础预埋钢板（回填混凝土的底板）","t",0.086,1938.37,{"v":166.7,"d":"166.70"}]
[7,40301011003,null,"截桩头","根",36,33.66,1211.61]
["","",null,"第五章 混凝土及钢筋混凝土工程","",""]
[8,40303001003,null,"混凝土垫层","m3",37.09,{"$f":"ROUND(H15/F15,2)","v":{"v":137.1,"d":"137.10"}},5084.93]
[9,40303002002,null,"C20设备基础","m3",24.2,106.81,2584.83]
[10,40601006005,null,"现浇混凝土池底板","m3",80.372,90.05,7237.24]
[11,40601007004,null,"现浇混凝土池壁（直行）-200","m3",6.02,111.36,670.37]
[12,40601007003,null,"现浇混凝土池壁（直行）-300","m3",96.43,105.12,10136.43]
[13,40601010003,null,"现浇混凝土池盖板","m3",7.719,{"v":109.2,"d":"109.20"},842.94]
[14,10502001001,null,"矩形柱","m3",11.61,122.15,1418.13]
[15,40406004002,null,"女儿墙","m3",5.85,176.02,1029.74]
[16,10505001003,null,"有梁板","m3",54.87,50.65,2779.23]
[17,10505008002,null,"屋面檐口","m3",8.15,{"v":172.7,"d":"172.70"},{"v":1407.5,"d":"1407.50"}]
[18,11702029001,null,"散水","m2",65.4,3.47,226.72]
[19,40901001014,null,"现浇构件钢筋","t",5.4,687.68,3713.47]
[20,40901001015,null,"现浇构件钢筋","t",16.673,687.68,11465.69]
[21,40901001016,null,"现浇构件钢筋","t",15.524,687.68,10675.54]
[22,40901001017,null,"现浇构件钢筋","t",0.166,1121.51,186.17]
[23,40901001018,null,"现浇构件钢筋","t",1.747,1121.48,1959.23]
[24,40601029001,null,"女儿墙伸缩缝","m",4,17.06,68.24]
[25,40601030002,null,"井、池渗漏试验","m3",712.232,1.07,761.78]
["","",null,"第六章 金属结构工程","",""]
[28,10604002001,null,"钢吊车梁","t",1.613,{"$f":"ROUND(H34/F34,2)","v":523.76},844.82]
["","",null,"第九章 屋面及防水工程","",""]
[29,10902001001,null,"屋面4-(不上人屋面)","m2",267.88,37.33,9998.91]
["","",null,"第十一章 楼地面装饰工程","",""]
[30,11102003003,null,"楼地1b（防滑地砖面层）","m2",78.17,35.87,2803.68]
[31,40601028005,null,"地防1（地面）","m2",201.17,4.79,962.76]
["","",null,"第十二章 墙、柱面装饰与隔断、幕墙工程","",""]
[32,11201001007,null,"真石漆外墙（外墙1）","m2",55.47,{"$f":"ROUND(H41/F41,2)","v":66.16},3669.68]
[33,11201001008,null,"真石漆外墙（外墙1）-独立柱","m2",116.47,67.91,7908.98]
[34,11201001009,null,"真石漆外墙（外墙2）","m2",18.42,43.58,802.75]
[35,40601028006,null,"地防1（墙体）","m2",345.01,5.44,1877.08]
["","",null,"第十三章 天棚工程","",""]
[36,11301001003,null,"石粉类涂料顶棚 (棚2)","m2",392.053,{"$f":"ROUND(H46/F46,2)","v":29.42},11534.12]
["","",null,"第十五章 其他装饰工程","",""]
[38,40404004002,null,"钢板止水带","m",210.1,21.22,4458.32]
["","",null,"措施项目","",""]
[39,41101001004,null,"墙面脚手架","m2",211.83,4.94,1047.35]
[40,41101001003,null,"综合脚手架","m2",728.61,13.55,{"v":9871,"d":"9871.00"}]
[41,"粤011701010002",null,"满堂脚手架","m2",201.17,7.43,1495.18]
[42,"粤011701010003",null,"满堂脚手架","m2",203.85,10.23,2086.03]
[43,"粤011701011002",null,"里脚手架","m2",100.58,{"v":4.9,"d":"4.90"},492.47]
[49,41102001002,null,"垫层模板","m2",10.71,12.64,{"v":135.4,"d":"135.40"}]
[50,41102002001,null,"设备基础","m2",33,30.09,992.87]
[51,41102034002,null,"池底模板","m2",22.66,33.64,762.19]
[52,41102035002,null,"池壁(直行)模板","m2",692.752,{"v":28,"d":"28.00"},19400.41]
[53,11702002004,null,"矩形柱","m2",106.38,36.63,3896.46]
[54,11702014002,null,"有梁板","m2",195.48,47.13,9213.34]
[55,11702006003,null,"矩形梁","m2",190.47,53.56,10200.66]
[56,11702007002,null,"女儿墙","m2",33.68,25.07,844.22]
["合计",{"$nulls":6},{"$f":"SUM(H6:H62)","v":193283.22}]

{"sheet":"15【污泥料仓】","index":16,"n_rows":24,"n_cols":8,"rows_kept":24,"merged":[[0,0,0,7],[1,0,1,1],[1,2,1,7],[2,0,3,0],[2,1,3,2],[2,3,3,3],[2,4,3,4],[2,5,3,5],[2,6,2,7],[4,1,4,2],[5,1,5,2],[6,1,6,2],[7,1,7,2],[8,1,8,2],[9,1,9,2],[10,1,10,2],[11,1,11,2],[12,1,12,2],[13,1,13,2],[14,1,14,2],[15,1,15,2],[16,1,16,2],[17,1,17,2],[18,1,18,2],[19,1,19,2],[20,1,20,2],[21,1,21,2],[22,1,22,2],[23,0,23,5]]}
["劳务采购工程量清单"]
["工程名称:",null,"污泥料仓"]
["序号","项目编码",null,"项目名称","单位","工程量","人工费"]
[{"$nulls":6},"单价（元）","合价（元）"]
["","",null,"第三章 桩基工程","",""]
[1,40301002003,null,"φ500预制钢筋混凝土管桩","m",148.5,{"$f":"ROUND(H6/F6,2)","v":16.05},2383.73]
[2,40901001011,null,"预制钢筋混凝土管桩插筋","t",0.51,416.78,212.56]
[3,40901009004,null,"桩基础预埋钢板（回填混凝土的底板）","t",0.02,{"v":1938.5,"d":"1938.50"},38.77]
[4,10301002001,null,"接桩","根",9,34.48,310.32]
[5,40301011001,null,"截桩头","根",9,33.64,302.73]
["","",null,"第五章 混凝土及钢筋混凝土工程","",""]
[6,40303001004,null,"混凝土垫层","m3",10.53,{"$f":"ROUND(H12/F12,2)","v":{"v":137.1,"d":"137.10"}},1443.63]
[7,40406003003,null,"混凝土柱","m3",1.54,{"v":118.1,"d":"118.10"},181.87]
[8,10501004003,null,"筏板基础","m3",53.58,106.81,5722.94]
[9,40901009005,null,"预埋铁件","t",0.383,2652.38,1015.86]
[10,40901001012,null,"现浇构件钢筋","t",0.498,687.67,342.46]
[11,40901001013,null,"现浇构件钢筋","t",1.247,687.68,857.54]
[12,40901001014,null,"现浇构件钢筋","t",6.367,687.68,4378.46]
[13,40901001015,null,"现浇构件钢筋","t",0.415,1121.47,465.41]
["","",null,"措施项目","",""]
[19,41102001002,null,"垫层模板","m2",4.15,{"$f":"ROUND(H21/F21,2)","v":{"v":12.8,"d":"12.80"}},{"v":53.1,"d":"53.10"}]
[20,11702001001,null,"基础模板","m2",46.12,23.27,1073.13]
[21,11702002001,null,"矩形柱","m2",7.68,31.81,244.29]
["合计",{"$nulls":6},{"$f":"SUM(H6:H23)","v":{"v":19026.8,"d":"19026.80"}}]

{"sheet":"16【基坑支护工程】","index":17,"n_rows":13,"n_cols":8,"rows_kept":13,"merged":[[0,0,0,7],[1,0,1,1],[1,2,1,7],[2,0,3,0],[2,1,3,2],[2,3,3,3],[2,4,3,4],[2,5,3,5],[2,6,2,7],[4,1,4,2],[5,1,5,2],[6,1,6,2],[7,1,7,2],[8,1,8,2],[9,1,9,2],[10,1,10,2],[11,1,11,2],[12,0,12,5]]}
["劳务采购工程量清单"]
["工程名称:",null,"基坑支护工程"]
["序号","项目编码",null,"项目名称","单位","工程量","人工费"]
[{"$nulls":6},"单价（元）","合价（元）"]
["","",null,"基坑支护工程","",""]
["1","040302008001",null,"喷射C20混凝土 80mm","㎡","4210.550",{"$f":"ROUND(H6/F6,2)","v":12.66},53288.26]
["2","040302008002",null,"喷射C20混凝土 50mm","㎡","489.110",7.91,3869.38]
["3","040901003001",null,"钢筋网片","t","15.610",{"v":1298,"d":"1298.00"},20261.78]
["4","040501004001",null,"泄水管","m","715.200",6.38,4564.35]
["5","040302006001",null,"钢筋土钉φ20","m","124.000",14.83,1838.43]
["6","040302007001",null,"钢花管φ48","m","6904.000",25.57,176507.67]
["7","040901001001",null,"钢筋插钉φ16","t","0.560",687.68,{"v":385.1,"d":"385.10"}]
["合计",{"$nulls":6},{"$f":"SUM(H6:H12)","v":260714.97}]

{"sheet":"17【综合楼】","index":18,"n_rows":157,"n_cols":8,"rows_kept":157,"merged":[[0,0,0,7],[1,0,1,1],[1,2,1,7],[2,0,3,0],[2,1,3,2],[2,3,3,3],[2,4,3,4],[2,5,3,5],[2,6,2,7],[4,1,4,2],[5,1,5,2],[6,1,6,2],[7,1,7,2],[8,1,8,2],[9,1,9,2],[10,1,10,2],[11,1,11,2],[12,1,12,2],[13,1,13,2],[14,1,14,2],[15,1,15,2],[16,1,16,2],[17,1,17,2],[18,1,18,2],[19,1,19,2],[20,1,20,2],[21,1,21,2],[22,1,22,2],[23,1,23,2],[24,1,24,2],[25,1,25,2],[26,1,26,2],[27,1,27,2],[28,1,28,2],[29,1,29,2],[30,1,30,2],[31,1,31,2],[32,1,32,2],[33,1,33,2],[34,1,34,2],[35,1,35,2],[36,1,36,2],[37,1,37,2],[38,1,38,2],[39,1,39,2],[40,1,40,2],[41,1,41,2],[42,1,42,2],[43,1,43,2],[44,1,44,2],[45,1,45,2],[46,1,46,2],[47,1,47,2],[48,1,48,2],[49,1,49,2],[50,1,50,2],[51,1,51,2],[52,1,52,2],[53,1,53,2],[54,1,54,2],[55,1,55,2],[56,1,56,2],[57,1,57,2],[58,1,58,2],[59,1,59,2],[60,1,60,2],[61,1,61,2],[62,1,62,2],[63,1,63,2],[64,1,64,2],[65,1,65,2],[66,1,66,2],[67,1,67,2],[68,1,68,2],[69,1,69,2],[70,1,70,2],[71,1,71,2],[72,1,72,2],[73,1,73,2],[74,1,74,2],[75,1,75,2],[76,1,76,2],[77,1,77,2],[78,1,78,2],[79,1,79,2],[80,1,80,2],[81,1,81,2],[82,1,82,2],[83,1,83,2],[84,1,84,2],[85,1,85,2],[86,1,86,2],[87,1,87,2],[88,1,88,2],[89,1,89,2],[90,1,90,2],[91,1,91,2],[92,1,92,2],[93,1,93,2],[94,1,94,2],[95,1,95,2],[96,1,96,2],[97,1,97,2],[98,1,98,2],[99,1,99,2],[100,1,100,2],[101,1,101,2],[102,1,102,2],[103,1,103,2],[104,1,104,2],[105,1,105,2],[106,1,106,2],[107,1,107,2],[108,1,108,2],[109,1,109,2],[110,1,110,2],[111,1,111,2],[112,1,112,2],[113,1,113,2],[114,1,114,2],[115,1,115,2],[116,1,116,2],[117,1,117,2],[118,1,118,2],[119,1,119,2],[120,1,120,2],[121,1,121,2],[122,1,122,2],[123,1,123,2],[124,1,124,2],[125,1,125,2],[126,1,126,2],[127,1,127,2],[128,1,128,2],[129,1,129,2],[130,1,130,2],[131,1,131,2],[132,1,132,2],[133,1,133,2],[134,1,134,2],[135,1,135,2],[136,1,136,2],[137,1,137,2],[138,1,138,2],[139,1,139,2],[140,1,140,2],[141,1,141,2],[142,1,142,2],[143,1,143,2],[144,1,144,2],[145,1,145,2],[146,1,146,2],[147,1,147,2],[148,1,148,2],[149,1,149,2],[150,1,150,2],[151,1,151,2],[152,1,152,2],[153,1,153,2],[154,1,154,2],[155,1,155,2],[156,0,156,5]]}
["劳务采购工程量清单"]
["工程名称:",null,"综合楼"]
["序号","项目编码",null,"项目名称","单位","工程量","人工费"]
[{"$nulls":6},"单价（元）","合价（元）"]
["","一",null,"土石方工程","",""]
["1","010101004001",null,"挖基坑土方","m3","296.480",{"$f":"ROUND(H6/F6,2)","v":4.71},1395.94]
["2","010101003001",null,"挖沟槽土方","m3","192.950",4.57,{"v":880.9,"d":"880.90"}]
["3","010101002001",null,"挖一般土方","m3","832.970",2.98,2483.68]
["4","040103001001",null,"回填方-基础及基槽","m3","145.600",12.32,{"v":1793.5,"d":"1793.50"}]
["5","040103001004",null,"回填方-大开挖","m3","449.860",9.47,4261.09]
["6","040103001002",null,"房心回填土","m3","269.910",9.47,2556.28]
["","二",null,"桩基工程","",""]
["7","010301002011",null,"预制钢筋混凝土管桩","m","1934.750",{"$f":"ROUND(H13/F13,2)","v":16.34},{"v":31605.4,"d":"31605.40"}]
["8","010301002014",null,"预制钢筋混凝土管桩（试验桩）","m","53.250",31.54,1679.76]
["9","010301002013",null,"预埋铁件","t","0.280",{"v":2645,"d":"2645.00"},{"v":740.6,"d":"740.60"}]
["10","010301002006",null,"接桩","根","112.000",34.48,3861.76]
["11","010301004003",null,"截(凿)桩头","个","112.000",33.72,3776.46]
["12","010515001009",null,"桩头插筋","t","4.650",359.92,1673.63]
["","三",null,"砌筑工程","",""]
["13","010401001001",null,"砖基础","m3","77.320",{"$f":"ROUND(H20/F20,2)","v":155.52},12024.96]
["14","010402001001",null,"300厚外墙","m3","18.110",151.76,2748.46]
["15","010402001005",null,"200厚外墙","m3","198.900",161.77,32176.65]
["16","010402001004",null,"100厚外墙","m3","16.360",161.77,2646.61]
["17","010402001002",null,"200厚内墙","m3","268.570",154.47,41484.67]
["18","010402001006",null,"150厚内墙","m3","13.070",{"v":169.4,"d":"169.40"},2214.12]
["19","010402001003",null,"100厚内墙","m3","14.780",169.41,2503.81]
["20","010401012001",null,"砖砌台阶","m2","4.000",67.02,268.08]
["","四",null,"混凝土及钢筋混凝土工程","",""]
["21","010501001001",null,"垫层","m3","92.730",{"$f":"ROUND(H29/F29,2)","v":57.84},5363.13]
["22","010501005001",null,"桩承台基础","m3","101.170",45.69,4622.66]
["23","010503001001",null,"基础梁","m3","101.120",36.43,{"v":3684,"d":"3684.00"}]
["24","010501004001",null,"满堂基础","m3","140.180",45.69,{"v":6405.1,"d":"6405.10"}]
["25","010502001001",null,"矩形柱","m3","119.070",122.15,14544.17]
["26","010504001001",null,"直形墙","m3","1.440",71.44,102.87]
["27","010502002001",null,"构造柱","m3","60.640",188.54,11432.82]
["28","010503005001",null,"反坎、过梁","m3","13.800",115.67,1596.27]
["29","010503005002",null,"窗台","m3","3.430",115.67,396.75]
["30","010507005001",null,"压顶","m3","3.740",231.04,864.09]
["31","010505001002",null,"有梁板","m3","223.510",50.65,{"v":11321,"d":"11321.00"}]
["33","010505001001",null,"有梁板","m3","228.440",50.65,{"v":11570.7,"d":"11570.70"}]
["34","010505006001",null,"栏板（女儿墙、种植屋面翻边）","m3","50.690",171.97,8717.41]
["35","010505008001",null,"雨蓬板","m3","26.730",168.65,4508.01]
["36","010506001001",null,"直形楼梯","m3","15.320",87.84,1345.74]
["37","010507001005",null,"台阶","m2","6.420",7.75,49.74]
["38","010507001003",null,"坡道","m2","7.930",7.74,{"v":61.4,"d":"61.40"}]
["39","010507001004",null,"散水","m2","198.220",3.47,687.67]
["40","010515001003",null,"现浇构件圆钢 Ф10内","t","4.304",710.25,3056.92]
["41","010515001004",null,"现浇构件钢筋φ8~10","t","30.303",688.19,20854.22]
["42","010515001005",null,"现浇构件钢筋φ12~16","t","41.886",500.16,{"v":20949.7,"d":"20949.70"}]
["43","010515001006",null,"现浇构件钢筋φ18～25","t","63.447",500.16,31733.65]
["44","010515001010",null,"现浇构件钢筋φ28～32","t","10.397",500.16,5200.16]
["45","010515001007",null,"现浇构件箍筋","t","33.805",{"v":1246.1,"d":"1246.10"},42124.41]
["46","010515001008",null,"现浇构件箍筋φ8~10","t","5.939",1451.69,8621.59]
["47","010515001011",null,"现浇构件箍筋φ12~16","t","4.459",750.54,3346.66]
["48","010516003001",null,"机械连接","个","16.000",{"v":3.7,"d":"3.70"},59.14]
["49","010516003002",null,"机械连接","个","1200.000",4.56,{"v":5468.4,"d":"5468.40"}]
["50","010516003004",null,"机械连接","个","224.000",{"v":5.9,"d":"5.90"},1321.38]
["51","穗010514003001",null,"成品通风道","m","8.400",61.68,518.09]
["52","穗010514003002",null,"成品通风道","m","8.400",61.68,518.09]
["","",null,"金属结构工程","",""]
["53","010607005001",null,"砌块墙钢丝网加固-不同材质交接处","m2","233.349",{"$f":"ROUND(H61/F61,2)","v":8.57},2000.59]
["54","010607005002",null,"砌块墙钢丝网加固-不同材质交接处","m2","861.420",8.58,7386.68]
["","五",null,"第八章  门窗工程","",""]
["56","010802003001",null,"钢质甲级双扇防火门","m2","13.570",26.77,{"v":363.3,"d":"363.30"}]
["57","010802003003",null,"钢质丙级单扇防火门","m2","10.800",40.99,{"v":442.7,"d":"442.70"}]
["58","010801001001",null,"木饰面普通门","m2","109.250",36.17,3951.46]
["59","010802001001",null,"木饰面铝合金平开门（带闭门器）","m2","9.200",43.13,396.79]
["60","010802001003",null,"木饰面铝合金平开门","m2","64.550",32.04,2067.88]
["61","010802001002",null,"铝合金玻璃地弹门","m2","13.430",79.28,1064.79]
["62","010802001004",null,"米白色钢质门","m2","6.480",32.11,208.07]
["63","010802003005",null,"门联窗（MLC2123、MLC72a32、MLC48a33）","m2","87.485",62.12,5434.43]
["64","010807001001",null,"铝合金推拉窗","m2","12.060",21.77,262.52]
["65","010807001002",null,"铝合金固定窗","m2","62.720",16.39,1028.27]
["66","010807001003",null,"铝合金平开窗","m2","255.070",{"v":21.7,"d":"21.70"},{"v":5534.6,"d":"5534.60"}]
["67","010807003001",null,"深灰色铝合金防雨百叶","m2","168.900",27.19,4591.88]
["68","010807004001",null,"金属纱窗","m2","7.920",25.14,199.11]
["","六",null,"第九章  屋面及防水工程","",""]
["69","010902001003",null,"屋面1-屋面砖屋面(上人屋面)I级防水","m2","52.230",{"$f":"ROUND(H78/F78,2)","v":46.63},2435.37]
["70","011102001002",null,"屋1-花岗岩地面","m2","52.230",27.45,1433.74]
["71","010902001002",null,"屋面2-混凝土保护层屋面(不上人屋面)I级防水","m2","1009.610",{"v":43,"d":"43.00"},{"v":43410.6,"d":"43410.60"}]
["72","010902001001",null,"屋面5-种植屋面(上人屋面)I级防水","m2","38.230",59.56,2276.97]
["73","010902001004",null,"庭院基础梁包耐穿刺卷材","m2","20.740",6.53,135.45]
["74","010903003001",null,"墙身防潮层","m2","118.990",8.29,986.24]
["75","010903003002",null,"棚4-防水层","m2","244.710",4.79,1173.07]
["","七",null,"保温、隔热、防腐工程","",""]
["76","011001001001",null,"屋面1、2-保温层","m2","1061.840",{"$f":"ROUND(H86/F86,2)","v":12.07},12820.81]
["77","011001001002",null,"屋面5-保温层","m2","38.230",12.07,461.25]
["","八",null,"楼地面装饰工程","",""]
["78","011102003001",null,"地1","m2","836.180",37.89,31681.19]
["79","011102003002",null,"地4-无沉箱","m2","88.480",66.54,5887.25]
["80","011102003009",null,"地5","m2","27.020",66.33,1792.37]
["81","011102003004",null,"楼1","m2","179.308",{"v":32.1,"d":"32.10"},5756.16]
["82","011102003007",null,"楼1a","m2","444.950",{"v":35.5,"d":"35.50"},15795.99]
["83","011102003010",null,"楼1a-踏步","m2","46.770",132.02,6174.68]
["84","011102003005",null,"楼3","m2","131.330",39.75,5220.33]
["85","011102003008",null,"楼4","m2","56.390",109.36,6166.71]
["86","011102003006",null,"楼5","m2","91.530",60.68,5554.32]
["87","011106002001",null,"防滑条","m2","8.978",52.68,472.92]
["88","011105003001",null,"踢1","m2","115.310",66.03,7613.48]
["89","011102001001",null,"台阶及坡道-花岗岩贴面","m2","32.670",{"v":67.3,"d":"67.30"},{"v":2198.7,"d":"2198.70"}]
["","九",null,"墙、柱面装饰与隔断、幕墙工程","",""]
["90","011201001003",null,"内墙1","m2","3800.510",{"$f":"ROUND(H102/F102,2)","v":11.41},43378.53]
["91","011204003001",null,"内墙3","m2","609.490",82.13,50057.32]
["92","011201001002",null,"真石漆墙面 (外墙1)","m2","2844.930",44.27,125943.44]
["93","011201001007",null,"随砌随抹（井道及封闭空调机位）","m2","535.480",11.68,6255.71]
["","十",null,"天棚工程","",""]
["94","011301001002",null,"棚3-轻钢龙骨石膏吊顶","m2","658.660",{"$f":"ROUND(H107/F107,2)","v":23.08},15204.57]
["95","011302001001",null,"铝合金方形板吊顶 (棚4)","m2","244.710",23.85,5837.27]
["96","011301001003",null,"轻钢龙骨钢板网抹灰吊顶 (棚5)","m2","83.020",45.58,3784.11]
["","十一",null,"油漆、涂料、裱糊工程","",""]
["98","011201001005",null,"内墙1-涂料","m2","3800.510",{"$f":"ROUND(H111/F111,2)","v":14.49},55066.58]
["99","011201001006",null,"外墙1-真石漆","m2","2844.930",26.25,74676.63]
["100","011301001004",null,"棚1-涂料","m2","1001.280",18.24,18262.21]
["101","011301001005",null,"棚3-涂料","m2","658.400",21.26,13996.79]
["102","011301001006",null,"棚5-涂料","m2","83.020",25.73,2135.81]
["","十二",null,"其他","",""]
["103","011503008001",null,"玻璃栏板C3型-外走廊","m","10.890",{"$f":"ROUND(H117/F117,2)","v":{"v":82.4,"d":"82.40"}},897.33]
["104","011503008002",null,"玻璃栏板PC14型-露台","m","21.540",82.17,1769.96]
["105","011503008003",null,"玻璃栏板C3型-楼梯","m","25.890",82.36,2132.18]
["107","011503001002",null,"靠墙扶手","m","12.300",9.09,111.83]
["108","011505001001",null,"洗手台","m2","8.880",140.84,1250.67]
["109","011210005001",null,"成品隔断","m2","74.220",20.89,{"v":1550.3,"d":"1550.30"}]
["110","011207001001",null,"玻璃镜面","m2","9.530",{"v":17.9,"d":"17.90"},170.58]
["112","011505004001",null,"无障碍卫生间安全抓杆","个","2.000",3.77,7.54]
["113","011505004002",null,"无障碍卫生间便器抓杆","个","2.000",3.77,7.54]
["114","011505008001",null,"无障碍卫生间多功能台","个","2.000",3.01,6.02]
["115","010606008001",null,"钢爬梯","t","0.300",852.33,{"v":255.7,"d":"255.70"}]
["116","010903004001",null,"外墙变形缝","m","8.400",8.54,71.74]
["117","010903004002",null,"墙面变形缝","m","8.400",10.54,88.55]
["118","010904004001",null,"地面变形缝","m","5.800",12.76,73.99]
["119","010902008001",null,"吊顶变形缝","m","5.400",0.57,3.06]
["120","010902008002",null,"屋面变形缝","m","9.300",25.04,232.88]
["","",null,"措施项目","",""]
["121","粤011701008002",null,"综合钢脚手架","m2","2149.070",{"$f":"ROUND(H134/F134,2)","v":14.73},31647.57]
["122","粤011701010003",null,"满堂脚手架","m2","1993.400",7.43,14813.55]
["123","粤011701011003",null,"里脚手架","m2","996.700",7.35,7321.87]
["134","010402001002",null,"砖胎膜","m3","169.910",155.52,26424.74]
["135","011702001004",null,"垫层","m2","149.370",10.65,1591.43]
["136","011702002003",null,"矩形柱模板","m2","42.700",31.53,1346.24]
["137","011702002005",null,"矩形柱模板","m2","793.290",34.32,27227.49]
["138","011702002004",null,"矩形柱模板","m2","2.950",29.43,86.83]
["139","011702002006",null,"矩形柱模板","m2","75.000",31.75,2381.41]
["140","011702003005",null,"构造柱","m2","823.880",38.93,{"v":32074.9,"d":"32074.90"}]
["141","011702011001",null,"直形墙","m2","35.190",19.47,685.24]
["142","011702006001",null,"矩形梁","m2","1400.170",40.49,56696.88]
["143","011702006002",null,"矩形梁","m2","667.880",43.99,29377.23]
["144","011702009002",null,"过梁","m2","79.490",25.57,2032.18]
["145","011702008001",null,"反坎","m2","101.630",25.55,2597.11]
["146","011702008002",null,"窗台","m2","33.780",25.58,{"v":864,"d":"864.00"}]
["147","011702028001",null,"压顶","m","187.700",{"v":19.6,"d":"19.60"},3678.22]
["148","011702014002",null,"有梁板","m2","1705.310",{"v":36.5,"d":"36.50"},62240.05]
["149","011702023001",null,"雨篷、悬挑板、阳台板","m2","286.330",39.95,11440.06]
["150","011702024002",null,"楼梯","m2","59.230",87.25,5167.55]
["151","011702025002",null,"栏板、反檐","m2","812.320",25.05,20349.01]
["152","011702027002",null,"台阶","m2","46.100",21.13,974.29]
["153","011703001001",null,"垂直运输","m2","1993.400",21.64,43133.99]
["合计",{"$nulls":6},{"$f":"SUM(H6:H156)","v":1385583.65}]

{"sheet":"18【传达室】","index":19,"n_rows":90,"n_cols":8,"rows_kept":90,"merged":[[0,0,0,7],[1,0,1,1],[1,2,1,7],[2,0,3,0],[2,1,3,2],[2,3,3,3],[2,4,3,4],[2,5,3,5],[2,6,2,7],[4,1,4,2],[5,1,5,2],[6,1,6,2],[7,1,7,2],[8,1,8,2],[9,1,9,2],[10,1,10,2],[11,1,11,2],[12,1,12,2],[13,1,13,2],[14,1,14,2],[15,1,15,2],[16,1,16,2],[17,1,17,2],[18,1,18,2],[19,1,19,2],[20,1,20,2],[21,1,21,2],[22,1,22,2],[23,1,23,2],[24,1,24,2],[25,1,25,2],[26,1,26,2],[27,1,27,2],[28,1,28,2],[29,1,29,2],[30,1,30,2],[31,1,31,2],[32,1,32,2],[33,1,33,2],[34,1,34,2],[35,1,35,2],[36,1,36,2],[37,1,37,2],[38,1,38,2],[39,1,39,2],[40,1,40,2],[41,1,41,2],[42,1,42,2],[43,1,43,2],[44,1,44,2],[45,1,45,2],[46,1,46,2],[47,1,47,2],[48,1,48,2],[49,1,49,2],[50,1,50,2],[51,1,51,2],[52,1,52,2],[53,1,53,2],[54,1,54,2],[55,1,55,2],[56,1,56,2],[57,1,57,2],[58,1,58,2],[59,1,59,2],[60,1,60,2],[61,1,61,2],[62,1,62,2],[63,1,63,2],[64,1,64,2],[65,1,65,2],[66,1,66,2],[67,1,67,2],[68,1,68,2],[69,1,69,2],[70,1,70,2],[71,1,71,2],[72,1,72,2],[73,1,73,2],[74,1,74,2],[75,1,75,2],[76,1,76,2],[77,1,77,2],[78,1,78,2],[79,1,79,2],[80,1,80,2],[81,1,81,2],[82,1,82,2],[83,1,83,2],[84,1,84,2],[85,1,85,2],[86,1,86,2],[87,1,87,2],[88,1,88,2],[89,0,89,5]]}
["劳务采购工程量清单"]
["工程名称:",null,"传达室"]
["序号","项目编码",null,"项目名称","单位","工程量","人工费"]
[{"$nulls":6},"单价（元）","合价（元）"]
["","",null,"第一章 土石方工程","",""]
["1","010101004002",null,"挖基坑土方","m3","120.170",{"$f":"ROUND(H6/F6,2)","v":4.71},565.69]
["2","010103001004",null,"回填方","m3","108.150",12.32,1332.81]
["","二",null,"桩基工程","",""]
["3","010301002001",null,"φ500预制钢筋混凝土管桩","m","55.000",16.68,917.18]
["4","010301002002",null,"预埋铁件","t","0.009",2644.44,{"v":23.8,"d":"23.80"}]
["5","010301004001",null,"截(凿)桩头","个","4.000",33.75,{"v":135,"d":"135.00"}]
["6","010515001007",null,"桩头插筋","t","0.219",359.91,78.82]
["7","010201009003",null,"深层搅拌桩","m","200.000",22.51,4502.74]
["","",null,"第四章 砌筑工程","",""]
["8","010401001004",null,"砖基础","m3","2.530",{"$f":"ROUND(H15/F15,2)","v":155.52},393.47]
["9","010402001008",null,"120厚内墙","m3","0.580",{"v":169.4,"d":"169.40"},98.25]
["10","010402001009",null,"200厚外墙","m3","10.740",161.77,1737.44]
["11","010402001010",null,"300厚外墙","m3","2.240",151.76,339.95]
["","",null,"第五章 混凝土及钢筋混凝土工程","",""]
["12","010501001004",null,"垫层C15","m3","0.680",{"$f":"ROUND(H20/F20,2)","v":57.84},39.33]
["13","010501001005",null,"垫层C20","m3","1.040",57.84,60.15]
["14","010103001005",null,"回填中砂垫层","m3","5.350",55.01,294.29]
["15","010501005002",null,"桩承台基础","m3","4.360",45.69,199.22]
["16","010501004002",null,"满堂基础","m3","2.590",45.69,118.34]
["17","010503001002",null,"基础梁","m3","0.920",36.43,33.52]
["18","010502001004",null,"矩形柱","m3","4.320",122.15,527.68]
["19","010502002002",null,"构造柱","m3","0.640",188.53,120.66]
["20","010505001003",null,"有梁板","m3","3.480",50.65,176.27]
["21","010505008003",null,"雨蓬板","m3","0.410",172.71,70.81]
["22","010503005003",null,"过梁","m3","0.100",{"v":115.7,"d":"115.70"},11.57]
["23","010505006004",null,"栏板（女儿墙）","m3","1.160",176.03,204.19]
["24","010507001004",null,"散水","m2","10.530",3.46,36.44]
["25","010507004001",null,"台阶","m2","1.350",{"v":11.7,"d":"11.70"},{"v":15.8,"d":"15.80"}]
["26","010516003002",null,"机械连接","个","64.000",4.56,291.65]
["27","010515001005",null,"现浇构件箍筋","t","0.105",{"v":1246.1,"d":"1246.10"},130.84]
["28","010515001006",null,"现浇构件箍筋φ8~10","t","0.494",1451.68,717.13]
["29","010515001002",null,"现浇构件钢筋φ8~10","t","0.482",{"v":688.2,"d":"688.20"},331.71]
["30","010515001003",null,"现浇构件钢筋φ12~16","t","0.523",500.15,261.58]
["31","010515001004",null,"现浇构件钢筋φ18～25","t","1.913",500.16,956.81]
["","",null,"第六章 金属结构工程","",""]
["32","010607005001",null,"砌块墙钢丝网加固-不同材质交接处","m2","21.030",{"$f":"ROUND(H41/F41,2)","v":6.85},144.05]
["","",null,"第八章  门窗工程","",""]
["33","010802001004",null,"木饰面普通门（M1128)","m2","2.420",31.75,76.83]
["34","010802001005",null,"木饰面铝合金门（M10a23）","m2","2.415",31.81,76.83]
["35","010807001005",null,"铝合金推拉窗","m2","6.240",21.56,134.51]
["36","010807001006",null,"铝合金固定窗","m2","5.110",16.37,83.64]
["37","010807003003",null,"深灰色铝合金防雨百叶","m2","3.360",27.51,92.44]
["","",null,"第九章 屋面及防水工程","",""]
["38","010902001004",null,"屋面2-混凝土保护层屋面(不上人屋面)I级防水","m2","13.230",{"$f":"ROUND(H49/F49,2)","v":43.46},574.97]
["39","010902003004",null,"屋面3-雨棚屋面(不上人屋面)II级防水","m2","3.140",18.81,59.06]
["40","010903003001",null,"墙身防潮层","m2","12.650",8.32,105.25]
["41","010904003001",null,"棚4-防水层","m2","3.490",4.81,16.78]
["","",null,"第十章 保温、隔热、防腐工程","",""]
["42","011001001002",null,"屋面2-保温层","m2","13.230",{"$f":"ROUND(H54/F54,2)","v":12.05},159.38]
["","",null,"第十一章 楼地面装饰工程","",""]
["43","011102001002",null,"台阶-花岗岩贴面","m2","1.350",57.08,77.06]
["44","011102003007",null,"地1","m2","8.470",36.87,312.25]
["45","011102003006",null,"地4","m2","3.740",{"v":68.5,"d":"68.50"},256.18]
["46","011105003002",null,"踢1","m2","1.180",67.15,79.24]
["47","011201001015",null,"外墙1","m2","60.870",44.29,2696.04]
["48","011201001014",null,"外墙2","m2","54.250",17.39,943.66]
["49","011201001007",null,"内墙1","m2","27.200",9.66,262.63]
["50","011204003005",null,"内墙3","m2","23.110",70.46,1628.33]
["","",null,"第十三章 天棚工程","",""]
["51","011302001003",null,"铝合金方形板吊顶 (棚4)","m2","3.490",{"$f":"ROUND(H65/F65,2)","v":23.92},83.49]
["","",null,"第十四章 油漆、涂料、裱糊工程","",""]
["52","011301001001",null,"棚1-涂料","m2","10.770",18.29,196.98]
["53","011201001009",null,"内墙1-涂料","m2","27.200",14.49,394.11]
["54","011201001010",null,"真石漆墙面","m2","114.284",26.25,3000.29]
["","",null,"第十五章 其他装饰工程","",""]
["55","011207001001",null,"玻璃镜面","m2","0.630",{"$f":"ROUND(H71/F71,2)","v":{"v":17.1,"d":"17.10"}},10.77]
["56","011505001002",null,"洗手台","m2","0.800",140.53,112.42]
["","",null,"措施项目","",""]
["57","粤011701008001",null,"综合钢脚手架","m2","114.560",14.73,1687.51]
["58","粤011701010001",null,"满堂脚手架","m2","16.394",7.43,121.88]
["59","粤011701011001",null,"里脚手架","m2","8.197",{"v":4.9,"d":"4.90"},40.15]
["71","011702001001",null,"垫层","m2","3.960",10.76,42.61]
["72","011702001003",null,"筏板基础","m2","5.160",19.36,99.88]
["73","011702001004",null,"桩承台模板","m2","15.840",23.05,365.04]
["74","011702002001",null,"矩形柱模板","m2","17.580",31.52,554.07]
["75","011702002002",null,"矩形柱模板","m2","26.240",36.57,{"v":959.5,"d":"959.50"}]
["76","011702003001",null,"构造柱","m2","7.720",36.24,279.81]
["77","011702009001",null,"过梁","m2","1.934",25.12,48.58]
["78","011702014001",null,"有梁板","m2","17.660",30.93,546.29]
["79","011702006001",null,"矩形梁","m2","14.470",35.78,517.79]
["80","011702006002",null,"矩形梁","m2","9.280",45.37,421.02]
["81","011702005001",null,"基础梁","m2","5.580",24.82,138.51]
["82","011702025001",null,"女儿墙模板","m2","19.344",{"v":25,"d":"25.00"},483.51]
["83","011703001001",null,"垂直运输","m2","19.890",21.64,{"v":430.4,"d":"430.40"}]
["合计",{"$nulls":6},{"$f":"SUM(H6:H89)","v":33036.88}]

{"sheet":"19【加药间】","index":20,"n_rows":85,"n_cols":8,"rows_kept":85,"merged":[[0,0,0,7],[1,0,1,1],[1,2,1,7],[2,0,3,0],[2,1,3,2],[2,3,3,3],[2,4,3,4],[2,5,3,5],[2,6,2,7],[4,1,4,2],[5,1,5,2],[6,1,6,2],[7,1,7,2],[8,1,8,2],[9,1,9,2],[10,1,10,2],[11,1,11,2],[12,1,12,2],[13,1,13,2],[14,1,14,2],[15,1,15,2],[16,1,16,2],[17,1,17,2],[18,1,18,2],[19,1,19,2],[20,1,20,2],[21,1,21,2],[22,1,22,2],[23,1,23,2],[24,1,24,2],[25,1,25,2],[26,1,26,2],[27,1,27,2],[28,1,28,2],[29,1,29,2],[30,1,30,2],[31,1,31,2],[32,1,32,2],[33,1,33,2],[34,1,34,2],[35,1,35,2],[36,1,36,2],[37,1,37,2],[38,1,38,2],[39,1,39,2],[40,1,40,2],[41,1,41,2],[42,1,42,2],[43,1,43,2],[44,1,44,2],[45,1,45,2],[46,1,46,2],[47,1,47,2],[48,1,48,2],[49,1,49,2],[50,1,50,2],[51,1,51,2],[52,1,52,2],[53,1,53,2],[54,1,54,2],[55,1,55,2],[56,1,56,2],[57,1,57,2],[58,1,58,2],[59,1,59,2],[60,1,60,2],[61,1,61,2],[62,1,62,2],[63,1,63,2],[64,1,64,2],[65,1,65,2],[66,1,66,2],[67,1,67,2],[68,1,68,2],[69,1,69,2],[70,1,70,2],[71,1,71,2],[72,1,72,2],[73,1,73,2],[74,1,74,2],[75,1,75,2],[76,1,76,2],[77,1,77,2],[78,1,78,2],[79,1,79,2],[80,1,80,2],[81,1,81,2],[82,1,82,2],[83,1,83,2],[84,0,84,5]]}
["劳务采购工程量清单"]
["工程名称:",null,"加药间"]
["序号","项目编码",null,"项目名称","单位","工程量","人工费"]
[{"$nulls":6},"单价（元）","合价（元）"]
["","",null,"第一章 土石方工程","",""]
["1","010101004001",null,"挖基坑土方","m3","65.040",{"$f":"ROUND(H6/F6,2)","v":4.76},{"v":309.3,"d":"309.30"}]
["2","010101003001",null,"挖沟槽土方","m3","86.660",4.56,394.89]
["3","010103001003",null,"回填方","m3","63.150",12.33,{"v":778.5,"d":"778.50"}]
["4","040103002001",null,"场内利用","m3","79.080",3.49,275.85]
["","二",null,"桩基工程","",""]
["5","010301002001",null,"φ500预制钢筋混凝土管桩","m","794.640",{"$f":"ROUND(H11/F11,2)","v":16.31},12963.82]
["6","010301002002",null,"预埋铁件","t","0.095",2644.95,251.27]
["7","010301004001",null,"截(凿)桩头","个","44.000",33.72,1483.59]
["8","010515001021",null,"桩头插筋","t","0.120",359.92,43.19]
["","",null,"第四章 砌筑工程","",""]
["9","010401001003",null,"砖基础","m3","16.510",{"$f":"ROUND(H16/F16,2)","v":155.52},2567.67]
["10","010402001006",null,"200厚外墙","m3","94.970",161.77,15363.58]
["11","010402001007",null,"200厚砖砌围堰","m3","16.480",154.46,2545.58]
["","",null,"第五章 混凝土及钢筋混凝土工程","",""]
["12","010501001003",null,"垫层C20","m3","7.420",{"$f":"ROUND(H20/F20,2)","v":57.84},429.14]
["13","010501001004",null,"楼6、7（200厚C25混凝土）","m3","119.957",57.84,6938.01]
["14","040303002003",null,"C20设备基础","m3","3.300",60.28,198.92]
["15","010501005002",null,"桩承台基础","m3","53.980",45.69,2466.45]
["16","010501004002",null,"满堂基础","m3","128.160",45.69,5855.89]
["17","010503001002",null,"基础梁","m3","44.893",36.43,1635.43]
["18","010502001002",null,"矩形柱","m3","44.530",122.15,5439.24]
["19","010503005003",null,"过梁","m3","1.250",115.67,144.59]
["20","010505001003",null,"有梁板","m3","145.500",50.65,7369.73]
["21","010505006002",null,"栏板（女儿墙）","m3","18.180",176.02,{"v":3200.1,"d":"3200.10"}]
["22","010505008002",null,"雨蓬板","m3","14.210",{"v":172.7,"d":"172.70"},2454.04]
["23","010507001006",null,"坡道","m2","24.300",{"v":14.6,"d":"14.60"},354.69]
["24","010507004002",null,"台阶","m2","2.460",11.47,28.21]
["25","010507001005",null,"散水","m2","100.800",3.47,349.91]
["26","010515001015",null,"现浇构件箍筋","t","0.402",1246.09,500.93]
["27","010515001016",null,"现浇构件箍筋φ8~10","t","6.947",1451.69,10084.89]
["28","010515001020",null,"现浇构件箍筋φ12~16","t","0.918",750.54,{"v":689,"d":"689.00"}]
["29","010515001017",null,"现浇构件钢筋φ8~10","t","11.613",688.19,7991.95]
["30","010515001018",null,"现浇构件钢筋φ12~16","t","18.867",500.16,9436.52]
["31","010515001019",null,"现浇构件钢筋φ18～25","t","29.691",500.16,14850.25]
["32","010516003009",null,"机械连接","个","272.000",4.56,{"v":1239.5,"d":"1239.50"}]
["33","010516003010",null,"机械连接","个","127.000",{"v":5.9,"d":"5.90"},749.17]
["","",null,"第八章 门窗工程","",""]
["34","010802001003",null,"米白色钢制普通门","m2","16.200",{"$f":"ROUND(H43/F43,2)","v":43.59},706.11]
["35","010803001001",null,"卷帘门","m2","31.500",39.82,{"v":1254.2,"d":"1254.20"}]
["36","010807001003",null,"铝合金推拉窗","m2","29.700",{"v":21.7,"d":"21.70"},644.37]
["37","010807001004",null,"铝合金固定窗","m2","41.580",16.41,682.24]
["38","010807003002",null,"深灰色铝合金防雨百叶","m2","5.400",27.19,146.81]
["","",null,"第九章 屋面及防水工程","",""]
["39","010902001002",null,"屋面2-混凝土保护层屋面(不上人屋面)I级防水","m2","661.650",{"$f":"ROUND(H49/F49,2)","v":42.71},28256.16]
["40","010902003002",null,"屋面3-雨棚屋面(不上人屋面)II级防水","m2","118.400",19.05,2255.72]
["41","010903003001",null,"墙身防潮层","m2","82.560",8.29,684.56]
["","",null,"第十章 保温、隔热、防腐工程","",""]
["42","011001001001",null,"屋面1、2-保温层","m2","661.650",{"$f":"ROUND(H53/F53,2)","v":12.08},7989.76]
["","",null,"第十一章 楼地面装饰工程","",""]
["43","011102003004",null,"抗腐蚀地面一（地6）","m2","297.080",62.59,18595.22]
["44","011102003005",null,"抗腐蚀地面二（地7）","m2","302.705",115.71,35026.76]
["45","011105003002",null,"踢1","m2","22.050",66.18,{"v":1459.3,"d":"1459.30"}]
["47","011102001003",null,"台阶-花岗岩贴面","m2","2.460",55.94,137.61]
["","",null,"第十二章 墙、柱面装饰与隔断、幕墙工程","",""]
["48","011201001010",null,"内墙2","m2","634.670",{"$f":"ROUND(H60/F60,2)","v":15.89},10084.88]
["49","011201001008",null,"外墙1","m2","822.230",47.74,39256.43]
["","",null,"油漆、涂料、裱糊工程","",""]
["50","011201001009",null,"外墙1-真石漆","m2","822.230",26.25,21582.17]
["51","011301001007",null,"石粉类涂料顶棚 (棚2)","m2","797.490",25.33,20201.39]
["","",null,"第十五章 其他装饰工程","",""]
["52","040201022002",null,"排水沟、截水沟 300(深)*500(宽)","m","62.750",{"$f":"ROUND(H66/F66,2)","v":{"v":57.3,"d":"57.30"}},3595.37]
["53","010606008002",null,"钢爬梯","t","0.300",852.33,{"v":255.7,"d":"255.70"}]
["","",null,"措施项目","",""]
["54","粤011701008001",null,"综合钢脚手架","m2","930.240",14.73,13698.21]
["55","粤011701010001",null,"满堂脚手架","m2","678.720",10.23,6943.58]
["56","粤011701011001",null,"里脚手架","m2","339.360",{"v":4.9,"d":"4.90"},1661.42]
["68","011702001007",null,"满堂基础模板","m2","19.460",25.13,489.05]
["69","011702005001",null,"基础梁","m2","415.230",24.73,10269.99]
["70","011702001006",null,"桩承台模板","m2","115.380",23.11,2666.08]
["71","011702001001",null,"垫层","m2","18.990",10.66,202.39]
["72","011702001003",null,"设备基础","m2","10.120",27.08,274.02]
["73","011702002001",null,"矩形柱模板","m2","370.360",36.62,13564.39]
["74","011702009001",null,"过梁","m2","19.110",25.55,488.25]
["75","011702014001",null,"有梁板","m2","761.670",47.55,36219.09]
["76","011702006001",null,"矩形梁","m2","320.680",50.06,16052.42]
["77","011702023001",null,"雨篷、悬挑板、阳台板","m2","133.090",39.96,5318.42]
["78","011702025002",null,"女儿墙模板","m2","181.760",25.06,4554.27]
["79","011702026001",null,"电缆沟、地沟","m2","37.500",23.02,863.27]
["80","011703001001",null,"垂直运输","m2","678.720",21.64,14686.42]
["合计",{"$nulls":6},{"$f":"SUM(H6:H84)","v":440149.83}]

{"sheet":"20【鼓风机房及配电中心】","index":21,"n_rows":97,"n_cols":8,"rows_kept":97,"merged":[[0,0,0,7],[1,0,1,1],[1,2,1,7],[2,0,3,0],[2,1,3,2],[2,3,3,3],[2,4,3,4],[2,5,3,5],[2,6,2,7],[4,1,4,2],[5,1,5,2],[6,1,6,2],[7,1,7,2],[8,1,8,2],[9,1,9,2],[10,1,10,2],[11,1,11,2],[12,1,12,2],[13,1,13,2],[14,1,14,2],[15,1,15,2],[16,1,16,2],[17,1,17,2],[18,1,18,2],[19,1,19,2],[20,1,20,2],[21,1,21,2],[22,1,22,2],[23,1,23,2],[24,1,24,2],[25,1,25,2],[26,1,26,2],[27,1,27,2],[28,1,28,2],[29,1,29,2],[30,1,30,2],[31,1,31,2],[32,1,32,2],[33,1,33,2],[34,1,34,2],[35,1,35,2],[36,1,36,2],[37,1,37,2],[38,1,38,2],[39,1,39,2],[40,1,40,2],[41,1,41,2],[42,1,42,2],[43,1,43,2],[44,1,44,2],[45,1,45,2],[46,1,46,2],[47,1,47,2],[48,1,48,2],[49,1,49,2],[50,1,50,2],[51,1,51,2],[52,1,52,2],[53,1,53,2],[54,1,54,2],[55,1,55,2],[56,1,56,2],[57,1,57,2],[58,1,58,2],[59,1,59,2],[60,1,60,2],[61,1,61,2],[62,1,62,2],[63,1,63,2],[64,1,64,2],[65,1,65,2],[66,1,66,2],[67,1,67,2],[68,1,68,2],[69,1,69,2],[70,1,70,2],[71,1,71,2],[72,1,72,2],[73,1,73,2],[74,1,74,2],[75,1,75,2],[76,1,76,2],[77,1,77,2],[78,1,78,2],[79,1,79,2],[80,1,80,2],[81,1,81,2],[82,1,82,2],[83,1,83,2],[84,1,84,2],[85,1,85,2],[86,1,86,2],[87,1,87,2],[88,1,88,2],[89,1,89,2],[90,1,90,2],[91,1,91,2],[92,1,92,2],[93,1,93,2],[94,1,94,2],[95,1,95,2],[96,0,96,5]]}
["劳务采购工程量清单"]
["工程名称:",null,"鼓风机房及配电中心"]
["序号","项目编码",null,"项目名称","单位","工程量","人工费"]
[{"$nulls":6},"单价（元）","合价（元）"]
["","一",null,"土石方工程","",""]
["1","010101004003",null,"挖一般土方","m3","397.820",{"$f":"ROUND(H6/F6,2)","v":1.61},639.41]
["2","010101004004",null,"挖基坑土方","m3","111.690",4.72,{"v":527.1,"d":"527.10"}]
["3","010101003003",null,"挖沟槽土方","m3","62.980",4.54,285.93]
["4","040103001008",null,"回填方","m3","386.540",12.32,4760.91]
["5","040103002001",null,"场内利用","m3","127.970",3.49,446.45]
["","二",null,"桩基工程","",""]
["6","010301002001",null,"φ500预制钢筋混凝土管桩","m","392.150",{"$f":"ROUND(H12/F12,2)","v":16.38},6424.41]
["7","040301002004",null,"φ600预制钢筋混凝土管桩","m","244.500",25.16,6150.93]
["8","010301002002",null,"预埋铁件","t","0.110",{"v":2645,"d":"2645.00"},290.95]
["9","010515001020",null,"桩头插筋","t","1.852",359.92,666.57]
["10","010301004001",null,"截(凿)桩头","个","38.000",34.57,1313.76]
["","三",null,"砌筑工程","",""]
["11","010401001003",null,"砖基础","m3","16.210",{"$f":"ROUND(H18/F18,2)","v":155.52},2521.01]
["12","010402001007",null,"200厚外墙","m3","56.390",161.77,9122.38]
["13","010402001008",null,"200厚内墙 防火墙","m3","34.140",154.47,5273.44]
["","四",null,"第五章 混凝土及钢筋混凝土工程","",""]
["14","010501001002",null,"垫层","m3","44.780",60.34,2701.91]
["15","010501005002",null,"桩承台基础","m3","37.800",{"$f":"ROUND(H23/F23,2)","v":45.69},1727.16]
["16","010501004002",null,"满堂基础","m3","52.490",45.69,2398.37]
["17","010502001002",null,"矩形柱","m3","44.270",119.62,5295.49]
["18","010503005003",null,"过梁","m3","1.670",115.67,193.17]
["19","010505001002",null,"有梁板","m3","68.510",50.65,{"v":3470.1,"d":"3470.10"}]
["20","010505006002",null,"栏板（女儿墙）","m3","8.900",176.02,1566.61]
["21","010505008002",null,"雨蓬板","m3","11.010",{"v":172.7,"d":"172.70"},{"v":1901.4,"d":"1901.40"}]
["22","040303002001",null,"C20设备基础","m3","2.850",60.28,171.79]
["23","010507001006",null,"坡道","m2","36.410",14.59,531.31]
["24","010507001007",null,"散水","m2","76.970",3.47,{"v":267.2,"d":"267.20"}]
["25","010515001013",null,"现浇构件箍筋","t","0.215",1246.09,267.91]
["26","010515001014",null,"现浇构件箍筋φ8~10","t","5.450",1451.69,7911.71]
["27","010515001019",null,"现浇构件箍筋φ12～16","t","0.903",750.54,677.74]
["28","010515001015",null,"现浇构件钢筋φ10 内","t","0.620",710.26,440.36]
["29","010515001016",null,"现浇构件钢筋φ8~10","t","5.603",688.19,3855.93]
["30","010515001017",null,"现浇构件钢筋φ12~16","t","16.580",500.16,8292.65]
["31","010515001018",null,"现浇构件钢筋φ18～25","t","22.771",500.16,11389.14]
["32","010516003004",null,"机械连接","个","360.000",4.56,1640.52]
["33","010516003005",null,"机械连接","个","105.000",{"v":5.9,"d":"5.90"},{"v":619.4,"d":"619.40"}]
["","五",null,"金属结构工程","",""]
["34","010607005001",null,"砌块墙钢丝网加固-不同材质交接处","m2","6.050",{"$f":"ROUND(H43/F43,2)","v":6.92},41.84]
["","六",null,"第八章  门窗工程","",""]
["35","010802003004",null,"钢质甲级双扇防火门","m2","22.680",17.33,392.96]
["36","010802003006",null,"钢质甲级单扇防火门","m2","2.530",17.11,43.28]
["37","010802003005",null,"防火门闭门器","套","9.000",25.57,230.17]
["38","010802001004",null,"米白色钢制普通门","m2","19.980",43.63,871.74]
["39","010807001003",null,"铝合金推拉窗","m2","21.450",21.75,466.46]
["40","010807001004",null,"铝合金固定窗","m2","27.960",16.42,{"v":459.2,"d":"459.20"}]
["41","010807003002",null,"深灰色铝合金防雨百叶","m2","5.400",27.19,146.81]
["","七",null,"第九章  屋面及防水工程","",""]
["42","010902001002",null,"屋面2-混凝土保护层屋面(不上人屋面)I级防水","m2","367.200",{"$f":"ROUND(H53/F53,2)","v":43.78},16074.24]
["43","010902003002",null,"屋面3-雨棚屋面(不上人屋面)II级防水","m2","82.800",19.05,1577.48]
["44","010903003001",null,"墙身防潮层","m2","26.440",8.28,{"v":218.8,"d":"218.80"}]
["45","010903002001",null,"电缆沟防水涂料","m2","40.140",{"v":6.4,"d":"6.40"},257.08]
["46","010903003002",null,"电缆沟防水墙面","m2","106.200",9.53,1012.19]
["","八",null,"保温、隔热、防腐工程","",""]
["47","011001001001",null,"屋面1、2-保温层","m2","367.200",{"$f":"ROUND(H59/F59,2)","v":12.07},4433.79]
["","九",null,"楼地面装饰工程","",""]
["48","011102003002",null,"地1","m2","350.040",36.73,12857.18]
["49","011105003001",null,"踢1","m2","17.640",{"v":67.9,"d":"67.90"},1197.83]
["","十",null,"墙、柱面装饰与隔断、幕墙工程","",""]
["51","011202001002",null,"内墙2-独立柱","m2","30.480",{"$f":"ROUND(H64/F64,2)","v":27.92},850.86]
["52","011201001011",null,"内墙2","m2","798.080",15.89,12681.17]
["53","011201001010",null,"真石漆墙面 (外墙1)","m2","577.860",44.27,25583.58]
["","十一",null,"油漆、涂料、裱糊工程","",""]
["54","011201001012",null,"外墙1-真石漆","m2","577.860",{"$f":"ROUND(H68/F68,2)","v":26.25},15169.47]
["55","011301001007",null,"石粉类涂料顶棚 (棚2)","m2","411.490",25.33,10423.67]
["","十二",null,"其他","",""]
["56","010401014002",null,"电缆沟垫层","m2","46.790",21.81,1020.41]
["57","010401014003",null,"电缆沟支墩","m3","32.600",187.03,6097.11]
["58","010516002001",null,"预埋铁件","t","0.771",2644.99,2039.29]
["59","011210005002",null,"挡鼠板","m2","3.850",3.55,13.67]
["60","010607005002",null,"进、出风口装设圆形不锈钢防护网","m2","0.750",9.15,6.86]
["61","010606008002",null,"钢爬梯","t","0.300",852.33,{"v":255.7,"d":"255.70"}]
["62","040402016001",null,"10mm厚不锈钢花纹钢盖板","m","21.900",12.27,268.73]
["63","040201022002",null,"排水沟、截水沟 300(深)*200(宽)","m","3.700",42.69,157.95]
["","",null,"措施项目","",""]
["64","粤011701008002",null,"综合钢脚手架","m2","627.480",{"$f":"ROUND(H80/F80,2)","v":14.73},{"v":9240.5,"d":"9240.50"}]
["65","粤011701010003",null,"满堂脚手架","m2","350.040",7.43,2600.96]
["66","粤011701011003",null,"里脚手架","m2","188.240",7.32,1378.21]
["77","011702001008",null,"垫层","m2","58.170",10.66,619.95]
["78","011702001009",null,"满堂基础","m2","11.230",25.02,280.92]
["79","011702005002",null,"基础梁","m2","129.870",24.74,3213.07]
["80","011702001010",null,"桩承台","m2","111.590",23.11,{"v":2578.3,"d":"2578.30"}]
["81","011702002007",null,"矩形柱模板","m2","38.210",39.43,1506.55]
["82","011702002006",null,"矩形柱模板","m2","310.630",36.62,11374.49]
["83","011702003006",null,"构造柱","m2","16.840",41.38,696.85]
["84","011702009003",null,"过梁","m2","23.490",25.57,{"v":600.7,"d":"600.70"}]
["85","011702014003",null,"有梁板","m2","319.690",41.71,13333.65]
["86","011702006002",null,"矩形梁","m2","234.430",45.27,10612.08]
["87","011702023002",null,"雨篷、悬挑板、阳台板","m2","92.268",39.97,3688.11]
["88","011702025003",null,"女儿墙模板","m2","149.120",25.05,3735.12]
["89","011702001011",null,"设备基础","m2","4.630",10.59,49.01]
["90","011703001001",null,"垂直运输","m2","376.480",21.64,8146.42]
["合计",{"$nulls":6},{"$f":"SUM(H5:H96)","v":282247.53}]

{"sheet":"21【机修车间及仓库】","index":22,"n_rows":94,"n_cols":8,"rows_kept":94,"merged":[[0,0,0,7],[1,0,1,1],[1,2,1,7],[2,0,3,0],[2,1,3,2],[2,3,3,3],[2,4,3,4],[2,5,3,5],[2,6,2,7],[4,1,4,2],[5,1,5,2],[6,1,6,2],[7,1,7,2],[8,1,8,2],[9,1,9,2],[10,1,10,2],[11,1,11,2],[12,1,12,2],[13,1,13,2],[14,1,14,2],[15,1,15,2],[16,1,16,2],[17,1,17,2],[18,1,18,2],[19,1,19,2],[20,1,20,2],[21,1,21,2],[22,1,22,2],[23,1,23,2],[24,1,24,2],[25,1,25,2],[26,1,26,2],[27,1,27,2],[28,1,28,2],[29,1,29,2],[30,1,30,2],[31,1,31,2],[32,1,32,2],[33,1,33,2],[34,1,34,2],[35,1,35,2],[36,1,36,2],[37,1,37,2],[38,1,38,2],[39,1,39,2],[40,1,40,2],[41,1,41,2],[42,1,42,2],[43,1,43,2],[44,1,44,2],[45,1,45,2],[46,1,46,2],[47,1,47,2],[48,1,48,2],[49,1,49,2],[50,1,50,2],[51,1,51,2],[52,1,52,2],[53,1,53,2],[54,1,54,2],[55,1,55,2],[56,1,56,2],[57,1,57,2],[58,1,58,2],[59,1,59,2],[60,1,60,2],[61,1,61,2],[62,1,62,2],[63,1,63,2],[64,1,64,2],[65,1,65,2],[66,1,66,2],[67,1,67,2],[68,1,68,2],[69,1,69,2],[70,1,70,2],[71,1,71,2],[72,1,72,2],[73,1,73,2],[74,1,74,2],[75,1,75,2],[76,1,76,2],[77,1,77,2],[78,1,78,2],[79,1,79,2],[80,1,80,2],[81,1,81,2],[82,1,82,2],[83,1,83,2],[84,1,84,2],[85,1,85,2],[86,1,86,2],[87,1,87,2],[88,1,88,2],[89,1,89,2],[90,1,90,2],[91,1,91,2],[92,1,92,2],[93,0,93,5]]}
["劳务采购工程量清单"]
["工程名称:",null,"机修车间及仓库"]
["序号","项目编码",null,"项目名称","单位","工程量","人工费"]
[{"$nulls":6},"单价（元）","合价（元）"]
["","一",null,"土石方工程","",""]
["1","010101004002",null,"挖基坑土方","m3","50.700",{"$f":"ROUND(H6/F6,2)","v":4.67},236.86]
["2","010101003002",null,"挖沟槽土方","m3","62.140",{"$f":"ROUND(H7/F7,2)","v":4.57},284.18]
["3","010101002002",null,"挖一般土方","m3","199.680",2.99,596.43]
["4","040103001005",null,"回填方-基础及基槽","m3","64.880",12.32,799.44]
["5","040103001006",null,"回填方-大开挖","m3","195.780",9.47,1854.46]
["","二",null,"桩基工程","",""]
["6","010301002017",null,"预制钢筋混凝土管桩","m","469.000",{"v":16.4,"d":"16.40"},7693.51]
["7","010301002013",null,"预埋铁件","t","0.070",{"v":2645,"d":"2645.00"},185.15]
["8","010301002006",null,"接桩","根","28.000",34.48,965.44]
["9","010301004003",null,"截(凿)桩头","个","28.000",33.71,943.94]
["10","010515001009",null,"桩头插筋","t","1.326",359.92,477.25]
["","三",null,"砌筑工程","",""]
["11","010401001002",null,"砖基础","m3","10.360",155.52,1611.21]
["12","010402001005",null,"200厚外墙","m3","48.780",161.77,7891.29]
["13","010402001002",null,"200厚内墙","m3","24.250",154.47,3745.78]
["","四",null,"混凝土及钢筋混凝土工程","",""]
["14","010501001001",null,"垫层","m3","29.010",57.84,1677.82]
["15","010501005001",null,"桩承台基础","m3","26.810",45.69,{"v":1225,"d":"1225.00"}]
["16","010503001001",null,"基础梁","m3","23.310",36.43,849.23]
["17","010501004001",null,"满堂基础","m3","72.960",45.69,3333.69]
["18","010502001001",null,"矩形柱","m3","20.100",122.15,2455.17]
["19","010502002001",null,"构造柱","m3","0.820",188.54,{"v":154.6,"d":"154.60"}]
["20","010503005001",null,"圈梁、过梁","m3","1.696",115.94,196.64]
["21","010503005002",null,"窗台","m3","1.020",115.68,117.99]
["22","010505001001",null,"有梁板","m3","87.960",50.65,4455.27]
["23","010505006001",null,"栏板（女儿墙）","m3","7.940",176.02,1397.61]
["24","010505008001",null,"雨蓬板","m3","10.060",{"v":172.7,"d":"172.70"},1737.35]
["25","010507001003",null,"坡道","m2","19.440",14.57,283.17]
["26","010507004001",null,"台阶","m3","0.276",17.93,4.95]
["27","010507001004",null,"散水","m2","75.700",3.47,262.58]
["28","010515001003",null,"现浇构件钢筋","t","0.412",710.24,292.62]
["29","010515001010",null,"现浇构件钢筋","t","0.063",445.08,28.04]
["30","010515001004",null,"现浇构件钢筋φ8~10","t","5.702",688.19,3924.06]
["31","010515001005",null,"现浇构件钢筋φ12~16","t","9.452",{"$f":"ROUND(H39/F39,2)","v":500.16},4727.51]
["32","010515001006",null,"现浇构件钢筋φ18～25","t","16.025",500.16,8015.06]
["33","010515001012",null,"现浇构件钢筋25以外","t","1.292",442.31,571.46]
["34","010515001007",null,"现浇构件箍筋","t","7.004",{"v":1246.1,"d":"1246.10"},8727.68]
["35","010515001008",null,"现浇构件箍筋φ8~10","t","0.644",1451.69,934.89]
["36","010515001014",null,"现浇构件箍筋φ12~16","t","0.291",750.55,218.41]
["37","010515001013",null,"现浇构件箍筋φ18~25","t","1.651",750.54,1239.14]
["38","010516003002",null,"机械连接","个","196.000",4.56,893.17]
["39","010516003003",null,"机械连接","个","92.000",{"v":5.9,"d":"5.90"},542.71]
["","",null,"金属结构工程","",""]
["40","010607005001",null,"砌块墙钢丝网加固-不同材质交接处","m2","7.645",8.52,65.17]
["","五",null,"第八章  门窗工程","",""]
["41","010802001002",null,"米白色钢制普通门","m2","25.110",{"v":32,"d":"32.00"},803.46]
["42","010807001001",null,"铝合金推拉窗","m2","38.250",21.72,830.95]
["43","010807001002",null,"铝合金固定窗","m2","30.600",{"v":16.4,"d":"16.40"},501.84]
["","六",null,"第九章  屋面及防水工程","",""]
["44","010902001003",null,"屋面2-混凝土保护层屋面(不上人屋面)I级防水","m2","348.000",42.97,14952.25]
["45","010902003001",null,"屋面3-雨棚屋面(不上人屋面)II级防水","m2","70.400",19.96,1405.29]
["46","010903003001",null,"墙身防潮层","m2","22.680",8.29,188.13]
["","七",null,"保温、隔热、防腐工程","",""]
["47","011001001002",null,"屋面1、2-保温层","m2","348.000",12.07,4201.96]
["","八",null,"楼地面装饰工程","",""]
["48","011102003002",null,"地1","m2","309.100",36.73,11354.73]
["49","011105003001",null,"踢1","m2","11.380",66.15,752.76]
["50","011102003003",null,"环氧树脂自流平面层(地2)","m2","33.060",44.45,1469.64]
["51","011102001001",null,"坡道-金刚砂","m2","19.440"]
["52","011102001002",null,"台阶及坡道-花岗岩贴面","m2","2.760",58.61,161.75]
["","九",null,"墙、柱面装饰与隔断、幕墙工程","",""]
["53","011201001008",null,"石粉类涂料内墙面 (内墙2)","m2","595.630",24.14,14380.64]
["54","011201001009",null,"真石漆墙面 (外墙1)","m2","509.530",44.27,22555.51]
["55","011204003001",null,"墙裙","m2","19.350",32.89,636.51]
["","十一",null,"油漆、涂料、裱糊工程","",""]
["56","011201001006",null,"外墙1-真石漆","m2","509.530",{"$f":"ROUND(H71/F71,2)","v":26.25},13374.02]
["57","011301001005",null,"石粉类涂料顶棚 (棚2)","m2","465.720",{"$f":"ROUND(H72/F72,2)","v":29.42},13699.18]
["","十二",null,"其他","",""]
["58","040201022001",null,"排水沟、截水沟","m","11.600",{"$f":"ROUND(H74/F74,2)","v":44.47},515.89]
["59","010606008002",null,"钢爬梯","t","0.300",{"$f":"ROUND(H75/F75,2)","v":852.33},{"v":255.7,"d":"255.70"}]
["","",null,"措施项目","",""]
["60","粤011701008002",null,"综合钢脚手架","m2","508.800",{"$f":"ROUND(H77/F77,2)","v":14.73},7492.58]
["61","粤011701010003",null,"满堂脚手架","m2","342.160",7.43,2542.99]
["62","粤011701011003",null,"里脚手架","m2","182.400",7.32,1335.74]
["73","011702001003",null,"垫层","m2","52.350",10.66,558.17]
["74","011702001001",null,"桩承台模板","m2","66.210",{"v":23.1,"d":"23.10"},1529.43]
["75","011702001002",null,"满堂基础模板 有梁式","m2","13.100",25.08,328.56]
["76","011702005001",null,"梁模板 基础梁模板","m2","157.780",24.74,3903.17]
["77","011702002003",null,"矩形柱模板","m2","132.790",36.62,4863.27]
["78","011702002005",null,"矩形柱模板","m2","33.340",39.39,1313.33]
["79","011702003005",null,"构造柱","m2","12.070",41.58,501.86]
["80","011702009002",null,"过梁","m2","33.500",25.56,856.34]
["81","011702014002",null,"有梁板","m2","310.510",41.71,12949.97]
["82","011702006001",null,"矩形梁","m2","171.650",45.29,7773.35]
["83","011702006002",null,"矩形梁","m2","134.490",48.77,6558.97]
["84","011702023001",null,"雨篷、悬挑板、阳台板","m2","111.630",39.95,4459.38]
["85","011702025002",null,"栏板、反檐","m2","132.630",25.05,{"v":3321.8,"d":"3321.80"}]
["86","011703001001",null,"垂直运输","m2","364.800",21.64,7893.69]
["合计",{"$nulls":6},{"$f":"SUM(H6:H93)","v":245838.74}]

{"sheet":"22【污泥脱水车间】","index":23,"n_rows":109,"n_cols":8,"rows_kept":109,"merged":[[0,0,0,7],[1,0,1,1],[1,2,1,7],[2,0,3,0],[2,1,3,2],[2,3,3,3],[2,4,3,4],[2,5,3,5],[2,6,2,7],[4,1,4,2],[5,1,5,2],[6,1,6,2],[7,1,7,2],[8,1,8,2],[9,1,9,2],[10,1,10,2],[11,1,11,2],[12,1,12,2],[13,1,13,2],[14,1,14,2],[15,1,15,2],[16,1,16,2],[17,1,17,2],[18,1,18,2],[19,1,19,2],[20,1,20,2],[21,1,21,2],[22,1,22,2],[23,1,23,2],[24,1,24,2],[25,1,25,2],[26,1,26,2],[27,1,27,2],[28,1,28,2],[29,1,29,2],[30,1,30,2],[31,1,31,2],[32,1,32,2],[33,1,33,2],[34,1,34,2],[35,1,35,2],[36,1,36,2],[37,1,37,2],[38,1,38,2],[39,1,39,2],[40,1,40,2],[41,1,41,2],[42,1,42,2],[43,1,43,2],[44,1,44,2],[45,1,45,2],[46,1,46,2],[47,1,47,2],[48,1,48,2],[49,1,49,2],[50,1,50,2],[51,1,51,2],[52,1,52,2],[53,1,53,2],[54,1,54,2],[55,1,55,2],[56,1,56,2],[57,1,57,2],[58,1,58,2],[59,1,59,2],[60,1,60,2],[61,1,61,2],[62,1,62,2],[63,1,63,2],[64,1,64,2],[65,1,65,2],[66,1,66,2],[67,1,67,2],[68,1,68,2],[69,1,69,2],[70,1,70,2],[71,1,71,2],[72,1,72,2],[73,1,73,2],[74,1,74,2],[75,1,75,2],[76,1,76,2],[77,1,77,2],[78,1,78,2],[79,1,79,2],[80,1,80,2],[81,1,81,2],[82,1,82,2],[83,1,83,2],[84,1,84,2],[85,1,85,2],[86,1,86,2],[87,1,87,2],[88,1,88,2],[89,1,89,2],[90,1,90,2],[91,1,91,2],[92,1,92,2],[93,1,93,2],[94,1,94,2],[95,1,95,2],[96,1,96,2],[97,1,97,2],[98,1,98,2],[99,1,99,2],[100,1,100,2],[101,1,101,2],[102,1,102,2],[103,1,103,2],[104,1,104,2],[105,1,105,2],[106,1,106,2],[107,1,107,2],[108,0,108,5]]}
["劳务采购工程量清单"]
["工程名称:",null,"污泥脱水车间"]
["序号","项目编码",null,"项目名称","单位","工程量","人工费"]
[{"$nulls":6},"单价（元）","合价（元）"]
["","二",null,"桩基工程","",""]
["1","040301002001",null,"φ600预制钢筋混凝土管桩","m","929.750",{"$f":"ROUND(H6/F6,2)","v":24.96},23204.33]
["2","010301002002",null,"预埋铁件","t","0.207",{"$f":"ROUND(H7/F7,2)","v":2644.98},547.51]
["3","010515001023",null,"桩头插筋","t","2.730",359.92,982.58]
["4","010301004001",null,"截(凿)桩头","个","50.000",34.62,1730.79]
["","三",null,"砌筑工程","",""]
["5","010401001003",null,"砖基础","m3","5.980",155.52,930.02]
["6","010402001006",null,"200厚外墙","m3","97.860",161.77,15831.11]
["7","010402001007",null,"200厚内墙","m3","17.220",154.47,2659.89]
["","四",null,"混凝土及钢筋混凝土工程","",""]
["8","010501001001",null,"垫层","m3","20.340",57.84,1176.38]
["9","010501005002",null,"桩承台基础","m3","80.880",45.69,3695.57]
["10","010501004002",null,"满堂基础","m3","78.890",45.69,3604.64]
["11","010502001002",null,"矩形柱","m3","85.630",122.15,10459.53]
["12","010502002002",null,"构造柱","m3","1.090",188.53,{"v":205.5,"d":"205.50"}]
["13","010503005003",null,"圈梁、过梁","m3","5.990",115.67,692.88]
["14","010505001002",null,"有梁板","m3","125.050",50.65,6333.92]
["15","010505006002",null,"栏板（女儿墙）","m3","10.260",176.02,1806.01]
["16","010505008002",null,"雨蓬板","m3","13.940",{"v":172.7,"d":"172.70"},{"v":2407.4,"d":"2407.40"}]
["17","040303002001",null,"C20设备基础","m3","3.640",60.28,219.41]
["18","010507001007",null,"坡道","m2","21.420",14.58,312.37]
["19","010507004002",null,"台阶","m2","2.760",11.45,{"v":31.6,"d":"31.60"}]
["20","010507001008",null,"散水","m2","83.000",3.47,288.02]
["21","010515001015",null,"现浇构件箍筋圆钢 Ф10以内","t","0.528",{"v":1246.1,"d":"1246.10"},657.94]
["22","010515001016",null,"现浇构件箍筋φ8~10","t","10.515",1451.69,15264.52]
["23","010515001022",null,"现浇构件箍筋φ12～16","t","1.315",750.54,986.96]
["24","010515001017",null,"现浇构件圆钢 Ф10以内","t","0.679",710.25,482.26]
["25","010515001018",null,"现浇构件钢筋φ8~10","t","10.584",688.19,{"v":7283.8,"d":"7283.80"}]
["26","010515001019",null,"现浇构件钢筋φ12~16","t","16.559",500.16,8282.15]
["27","010515001020",null,"现浇构件钢筋φ18～25","t","42.439",500.16,21226.29]
["28","010516003004",null,"机械连接","个","576.000",4.56,2624.83]
["29","010516003005",null,"机械连接","个","169.000",{"v":5.9,"d":"5.90"},996.93]
["","",null,"金属结构工程","",""]
["30","010607005001",null,"砌块墙钢丝网加固-不同材质交接处","m2","11.700",6.86,80.26]
["","六",null,"第八章  门窗工程","",""]
["31","010802003003",null,"钢质甲级双扇防火门","m2","13.770",{"$f":"ROUND(H40/F40,2)","v":17.35},238.89]
["32","010802003004",null,"钢质甲级单扇防火门","m2","5.060",17.45,88.29]
["33","010802003005",null,"防火门闭门器","套","8.000",25.58,{"v":204.6,"d":"204.60"}]
["34","010802001005",null,"米白色钢制普通门","m2","17.100",43.59,745.34]
["35","010802001006",null,"木饰面铝合金平开门","m2","2.300",32.01,73.62]
["36","010807001005",null,"铝合金推拉窗","m2","29.350",21.73,637.86]
["37","010807001006",null,"铝合金固定窗","m2","54.800",{"v":16.4,"d":"16.40"},898.71]
["","六",null,"第九章  屋面及防水工程","",""]
["38","010902001002",null,"屋面2-混凝土保护层屋面(不上人屋面)I级防水","m2","442.400",42.95,19000.99]
["39","010902003002",null,"屋面3-雨棚屋面(不上人屋面)II级防水","m2","97.110",19.05,1849.92]
["40","010903003001",null,"墙身防潮层","m2","23.120",8.28,191.45]
["41","010904003001",null,"棚4-防水层","m2","4.050",4.85,19.65]
["42","010903003002",null,"电缆沟防水墙面","m2","2.760",9.67,26.69]
["43","010903002002",null,"电缆沟防水涂料","m2","6.900",6.41,44.24]
["","七",null,"保温、隔热、防腐工程","",""]
["44","011001001002",null,"屋面1、2-保温层","m2","442.400",12.07,{"v":5341.8,"d":"5341.80"}]
["","八",null,"楼地面装饰工程","",""]
["45","011102003004",null,"地1","m2","534.920",36.73,19649.44]
["46","011102003005",null,"地4","m2","4.320",67.19,290.25]
["47","011105003002",null,"踢1","m2","12.410",65.98,{"v":818.8,"d":"818.80"}]
["48","011102001004",null,"坡道-金刚砂","m2","21.420"]
["49","011102001004",null,"台阶-花岗岩贴面","m2","2.760",55.84,154.13]
["","九",null,"墙、柱面装饰与隔断、幕墙工程","",""]
["50","011201001011",null,"内墙2","m2","964.500",15.89,15325.13]
["51","011202001003",null,"内墙2-独立柱","m2","125.610",27.89,3503.89]
["52","011204003003",null,"内墙3","m2","37.270",70.55,2629.26]
["53","011201001010",null,"真石漆墙面 (外墙1)","m2","951.630",44.27,42127.24]
["","十",null,"天棚工程","",""]
["54","011302001002",null,"铝合金方形板吊顶 (棚4)","m2","4.050",24.15,{"v":97.8,"d":"97.80"}]
["","十一",null,"油漆、涂料、裱糊工程","",""]
["55","011201001012",null,"外墙1-真石漆","m2","951.630",26.25,24978.83]
["56","011301001006",null,"石粉类涂料顶棚 (棚2)","m2","727.520",{"$f":"ROUND(H71/F71,2)","v":25.33},18428.23]
["","十二",null,"其他","",""]
["57","040201022002",null,"排水沟、截水沟 400(深)*600(宽)","m","34.400",57.67,1983.78]
["58","010606008003",null,"钢楼梯","t","0.300",852.33,{"v":255.7,"d":"255.70"}]
["59","010401014005",null,"电缆沟垫层","m2","4.140",21.81,90.31]
["60","010401014004",null,"电缆沟支墩","m3","1.380",187.03,{"v":258.1,"d":"258.10"}]
["61","010516002001",null,"预埋铁件","t","0.110",{"v":2645,"d":"2645.00"},290.95]
["62","011210005001",null,"挡鼠板","m2","2.350",3.58,8.41]
["63","040402016002",null,"10mm厚不锈钢花纹钢盖板","m","6.900",12.27,84.67]
["64","011503001002",null,"不锈钢栏杆","m","43.720",33.48,1463.94]
["65","010606008002",null,"钢梯","t","0.487",829.65,404.04]
["66","010604001001",null,"钢梁","t","3.266",517.49,1690.12]
["67","011505001001",null,"洗手台","m2","1.350",145.73,196.73]
["68","011207001002",null,"玻璃镜面","m2","0.630",{"v":17.1,"d":"17.10"},10.77]
["","",null,"措施项目","",""]
["69","粤011701008002",null,"综合钢脚手架","m2","939.890",14.73,13840.95]
["70","粤011701010003",null,"满堂脚手架","m2","387.360",18.63,7216.82]
["71","粤011701010004",null,"满堂脚手架","m2","76.320",7.43,567.02]
["72","粤011701011004",null,"里脚手架","m2","193.680",17.04,3299.61]
["73","粤011701011003",null,"里脚手架","m2","38.160",7.33,279.75]
["84","011702001001",null,"垫层","m2","60.570",10.66,645.51]
["85","011702001002",null,"满堂基础","m2","10.540",24.99,263.37]
["86","011702005001",null,"基础梁","m2","148.280",24.74,3668.19]
["87","011702001003",null,"桩承台","m2","122.470",23.11,2830.11]
["88","011702002006",null,"矩形柱模板","m2","12.720",53.23,{"v":677.1,"d":"677.10"}]
["89","011702002007",null,"矩形柱模板","m2","293.870",36.87,10835.63]
["90","011702002009",null,"矩形柱","m2","209.840",34.29,7195.93]
["91","011702002008",null,"矩形柱模板","m2","32.940",31.69,1043.91]
["92","011702003006",null,"构造柱","m2","15.020",41.42,622.18]
["93","011702009003",null,"过梁","m2","38.530",25.54,984.15]
["94","011702014003",null,"有梁板","m2","439.260",41.71,18321.75]
["95","011702006005",null,"矩形梁","m2","230.030",45.27,10412.86]
["96","011702006004",null,"矩形梁","m2","292.900",63.11,18484.71]
["97","011702023003",null,"雨篷、悬挑板、阳台板","m2","154.410",39.96,6169.57]
["98","011702025004",null,"女儿墙模板","m2","171.010",25.05,4283.74]
["99","011702026001",null,"电缆沟、地沟","m2","83.330",23.01,1917.65]
["100","011702001004",null,"设备基础","m2","13.510",10.65,143.82]
["101","011703001001",null,"垂直运输","m2","510.420",21.64,11044.67]
["合计",{"$nulls":6},{"$f":"SUM(H6:H108)","v":423856.97}]

{"sheet":"23【厂区围墙及大门】","index":24,"n_rows":47,"n_cols":8,"rows_kept":47,"merged":[[0,0,0,7],[1,0,1,1],[1,2,1,7],[2,0,3,0],[2,1,3,2],[2,3,3,3],[2,4,3,4],[2,5,3,5],[2,6,2,7],[4,1,4,2],[5,1,5,2],[6,1,6,2],[7,1,7,2],[8,1,8,2],[9,1,9,2],[10,1,10,2],[11,1,11,2],[12,1,12,2],[13,1,13,2],[14,1,14,2],[15,1,15,2],[16,1,16,2],[17,1,17,2],[18,1,18,2],[19,1,19,2],[20,1,20,2],[21,1,21,2],[22,1,22,2],[23,1,23,2],[24,1,24,2],[25,1,25,2],[26,1,26,2],[27,1,27,2],[28,1,28,2],[29,1,29,2],[30,1,30,2],[31,1,31,2],[32,1,32,2],[33,1,33,2],[34,1,34,2],[35,1,35,2],[36,1,36,2],[37,1,37,2],[38,1,38,2],[39,1,39,2],[40,1,40,2],[41,1,41,2],[42,1,42,2],[43,1,43,2],[44,1,44,2],[45,1,45,2],[46,0,46,5]]}
["劳务采购工程量清单"]
["工程名称:",null,"厂区围墙及大门"]
["序号","项目编码",null,"项目名称","单位","工程量","人工费"]
[{"$nulls":6},"单价（元）","合价（元）"]
["","",null,"厂区围墙及大门","",""]
["","",null,"围墙拆除及恢复（管线迁改）","",""]
["1","010502001004",null,"矩形柱","m3","18.056",{"$f":"ROUND(H7/F7,2)","v":122.17},2205.98]
["2","010503001002",null,"基础梁","m3","9.472",{"$f":"ROUND(H8/F8,2)","v":36.42},345.01]
["3","011201001008",null,"外墙1-真石漆","m2","184.630",43.62,8053.71]
["4","010501001004",null,"垫层","m3","10.360",57.84,599.18]
["5","010501003002",null,"独立基础","m3","15.651",45.69,715.08]
["6","010515001005",null,"现浇构件钢筋","t","1.628",{"v":1246.1,"d":"1246.10"},2028.65]
["7","010515001006",null,"现浇构件钢筋","t","2.331",478.16,1114.59]
["8","040501004003",null,"UPVC泄水管 φ75","m","7.400",6.22,46.01]
["9","010903004003",null,"墙面变形缝","m","0.740",9.97,7.38]
["11","011602001001",null,"拆除混凝土基础","m3","2.830",44.07,124.71]
["12","011601001001",null,"砖砌体拆除","m3","10.480",87.79,920.03]
["13","011609001001",null,"铝制围栏拆除","m","116.881",{"v":21.3,"d":"21.30"},2489.66]
["14","010101004001",null,"挖基坑土方","m3","571.200",3.36,1917.81]
["15","010103001001",null,"回填方","m3","461.550",12.32,5685.99]
["16","040103002001",null,"场内利用","m3","40.418",3.58,{"v":144.5,"d":"144.50"}]
["17","010502001003",null,"矩形柱","m3","124.440",122.15,15200.08]
["18","010503001001",null,"基础梁","m3","65.024",36.43,2368.81]
["19","011201001007",null,"外墙1-真石漆","m2","1269.260",43.63,55376.89]
["20","010501001003",null,"垫层","m3","71.400",57.84,4129.49]
["21","010501003001",null,"独立基础","m3","107.865",45.69,{"v":4928.8,"d":"4928.80"}]
["22","010515001001",null,"现浇构件钢筋","t","11.176",{"v":1246.1,"d":"1246.10"},13926.41]
["23","010515001002",null,"现浇构件钢筋","t","16.002",478.16,7651.52]
["24","040501004001",null,"UPVC泄水管 φ75","m","50.800",6.22,315.82]
["25","010903004002",null,"墙面变形缝","m","18.220",10.53,191.86]
["","",null,"围墙大门","",""]
["27","010804005002",null,"单向开启暗装式(全封闭)伸缩钢制大门","m2","13.500",{"$f":"ROUND(H32/F32,2)","v":21.69},{"v":292.8,"d":"292.80"}]
["","",null,"地磅","",""]
["28","010501006002",null,"地磅基础","m3","21.600",45.69,986.95]
["29","010501001005",null,"垫层","m3","4.157",57.88,{"v":240.6,"d":"240.60"}]
["30","010515001003",null,"现浇构件钢筋","t","0.799",478.16,382.05]
["31","010515001004",null,"现浇构件钢筋","t","0.198",750.56,148.61]
["32","010516002001",null,"铁预埋件","t","0.365",2644.99,965.42]
["33","040501004002",null,"DN150UPVC排水管","m","1.500",10.86,16.29]
["","",null,"措施项目","",""]
["34","粤011701009001",null,"活动脚手架","m2","1022.000",{"$f":"ROUND(H41/F41,2)","v":{"v":1.6,"d":"1.60"}},1630.19]
["46","011702001001",null,"垫层","m2","84.957",10.66,905.44]
["47","011702005001",null,"基础梁","m2","770.880",24.74,{"v":19068.2,"d":"19068.20"}]
["48","011702002001",null,"矩形柱模板","m2","1378.240",31.73,43729.07]
["49","011702001002",null,"独立基础","m2","449.680",19.22,8641.19]
["50","011702001003",null,"筏板基础","m2","14.500",19.22,278.63]
["合计",{"$nulls":6},{"$f":"SUM(H7:H46)","v":207773.41}]

{"sheet":"24【厂区照明工程-安装工程】","index":25,"n_rows":17,"n_cols":8,"rows_kept":17,"merged":[[0,0,0,7],[1,0,1,1],[1,2,1,7],[2,0,3,0],[2,1,3,2],[2,3,3,3],[2,4,3,4],[2,5,3,5],[2,6,2,7],[4,1,4,2],[5,1,5,2],[6,1,6,2],[7,1,7,2],[8,1,8,2],[9,1,9,2],[10,1,10,2],[11,1,11,2],[12,1,12,2],[13,1,13,2],[14,1,14,2],[15,1,15,2],[16,0,16,5]]}
["劳务采购工程量清单"]
["工程名称:",null,"厂区照明工程-安装工程"]
["序号","项目编码",null,"项目名称","单位","工程量","人工费"]
[{"$nulls":6},"单价（元）","合价（元）"]
["","",null,"厂区照明工程","",""]
["1","030412007001",null,"庭园型路灯（H=3.5m） | 1x36W LED光源 色温约≤4500K","套","95.000",{"$f":"ROUND(H6/F6,2)","v":271.14},25758.53]
["2","030411001001",null,"PC32","m","1742.400",{"$f":"ROUND(H7/F7,2)","v":6.39},{"v":11126.1,"d":"11126.10"}]
["3","030408001001",null,"照明线 | YJV-1kV 5×6","m","1534.000",2.55,3914.74]
["4","030408001002",null,"照明线 | YJV-1kV 3×6","m","208.400",1.96,408.78]
["5","030412007002",null,"球场高杆灯 篮球场专用防眩灯 | 3×150W 色温5500K IP65 LED灯源","套","6.000",1127.24,6763.46]
["6","030404016001",null,"厂区排水泵控制箱 | 非标WxHxD=450x450x300mm 不锈钢IP55","台","1.000",275.83,275.83]
["","",null,"土石方工程","",""]
["7","040101002001",null,"挖沟槽土方","m3","64.880",6.03,390.95]
["8","040103001001",null,"回填方","m3","64.160",{"v":12.3,"d":"12.30"},789.39]
["","",null,"措施项目","",""]
["16","031301017001",null,"脚手架搭拆","项","1.000",772.22,772.22]
["合计",{"$nulls":6},{"$f":"SUM(H6:H16)","v":{"v":50200,"d":"50200.00"}}]

{"sheet":"25【安防工程-安装工程】","index":26,"n_rows":35,"n_cols":8,"rows_kept":35,"merged":[[0,0,0,7],[1,0,1,1],[1,2,1,7],[2,0,3,0],[2,1,3,2],[2,3,3,3],[2,4,3,4],[2,5,3,5],[2,6,2,7],[4,1,4,2],[5,1,5,2],[6,1,6,2],[7,1,7,2],[8,1,8,2],[9,1,9,2],[10,1,10,2],[11,1,11,2],[12,1,12,2],[13,1,13,2],[14,1,14,2],[15,1,15,2],[16,1,16,2],[17,1,17,2],[18,1,18,2],[19,1,19,2],[20,1,20,2],[21,1,21,2],[22,1,22,2],[23,1,23,2],[24,1,24,2],[25,1,25,2],[26,1,26,2],[27,1,27,2],[28,1,28,2],[29,1,29,2],[30,1,30,2],[31,1,31,2],[32,1,32,2],[33,1,33,2],[34,0,34,5]]}
["劳务采购工程量清单"]
["工程名称:",null,"安防工程-安装工程"]
["序号","项目编码",null,"项目名称","单位","工程量","人工费"]
[{"$nulls":6},"单价（元）","合价（元）"]
["","",null,"安防系统","",""]
["1","030507008001",null,"高清红外球形摄像机","台","54.000",{"$f":"ROUND(H6/F6,2)","v":195.92},10579.68]
["2","030507013001",null,"数字硬盘录像机 | 32路视频输入 4口 硬盘8Tx4 含操作键盘","台","1.000",{"$f":"ROUND(H7/F7,2)","v":{"v":457.4,"d":"457.40"}},{"v":457.4,"d":"457.40"}]
["3","030507013002",null,"数字硬盘录像机 | 4口 无硬盘 含操作键盘","台","1.000",152.33,152.33]
["4","030501012001",null,"工业级交换机 | 24电口，1000M","台","1.000",146.89,146.89]
["5","粤030503014001",null,"安防监控主机（含32寸显示器、键盘、鼠标）","台","1.000",266.63,266.63]
["6","030507014001",null,"32寸显示器（不含主材）","台","1.000",106.83,106.83]
["7","030501017001",null,"视频监控软件","套","1.000",78.38,78.38]
["8","030404017001",null,"安防视频箱","台","13.000",{"v":172.7,"d":"172.70"},{"v":2245.1,"d":"2245.10"}]
["9","030502013001",null,"4口光纤收发器","台","17.000",212.99,3620.83]
["10","040205003001",null,"监控立杆 | H=4m，不锈钢立杆","根","9.000",{"v":141.4,"d":"141.40"},1272.57]
["11","040205003002",null,"监控立杆 | H=2m，不锈钢立杆","根","4.000",{"v":51.1,"d":"51.10"},{"v":204.4,"d":"204.40"}]
["12","030507001001",null,"脉冲电子围栏前端","套","7.000",{"v":24.2,"d":"24.20"},{"v":169.4,"d":"169.40"}]
["13","030507001002",null,"脉冲电子围栏报警主机","套","1.000",{"v":302.5,"d":"302.50"},{"v":302.5,"d":"302.50"}]
["14","031101001001",null,"开关电源电池 | 12V,7Ah","台","1.000",64.42,64.42]
["15","030501017002",null,"电子围栏管理平台软件","套","1.000",78.38,78.38]
["16","030507014002",null,"55\"液晶电视","台","1.000",152.33,152.33]
["17","030507006001",null,"门禁控制器（含读卡器、电磁锁、支架等）","台","3.000",97.96,293.88]
["18","030507005001",null,"发卡器（含卡片）","台","1.000",60.52,60.52]
["19","030507001003",null,"红外接近探测器","套","1.000",147.06,147.06]
["20","030901013001",null,"悬挂式七氟丙烷气体灭火器 10KG","套","2.000",5.51,11.01]
["21","030408002001",null,"监控电源线 | KVVP-450/750V,3×2.5","m","2767.054",3.99,11032.98]
["22","030502007001",null,"单模铠装光缆 | 2芯","m","2304.920",1.85,4267.29]
["23","030502005001",null,"监控六类双绞线","m","1292.210",0.99,1279.28]
["24","030411001001",null,"电缆管SC32","m","3941.626",6.67,26276.68]
["25","030505005001",null,"高清视频线","m","5.000",0.99,4.95]
["26","030507017005",null,"安全防范分系统调试 （摄像机）","台","61.000",45.64,2784.04]
["27","030507017006",null,"安全防范分系统调试","系统","1.000",3024.91,3024.91]
["","",null,"措施项目","",""]
[9,"031301017001",null,"脚手架搭拆","项","1.000",2148.53,2148.53]
["合计",{"$nulls":6},{"$f":"SUM(H6:H34)","v":{"v":71229.2,"d":"71229.20"}}]

{"sheet":"26【工艺管线-安装工程】","index":27,"n_rows":118,"n_cols":8,"rows_kept":118,"merged":[[0,0,0,7],[1,0,1,1],[1,2,1,7],[2,0,3,0],[2,1,3,2],[2,3,3,3],[2,4,3,4],[2,5,3,5],[2,6,2,7],[4,1,4,2],[5,1,5,2],[6,1,6,2],[7,1,7,2],[8,1,8,2],[9,1,9,2],[10,1,10,2],[11,1,11,2],[12,1,12,2],[13,1,13,2],[14,1,14,2],[15,1,15,2],[16,1,16,2],[17,1,17,2],[18,1,18,2],[19,1,19,2],[20,1,20,2],[21,1,21,2],[22,1,22,2],[23,1,23,2],[24,1,24,2],[25,1,25,2],[26,1,26,2],[27,1,27,2],[28,1,28,2],[29,1,29,2],[30,1,30,2],[31,1,31,2],[32,1,32,2],[33,1,33,2],[34,1,34,2],[35,1,35,2],[36,1,36,2],[37,1,37,2],[38,1,38,2],[39,1,39,2],[40,1,40,2],[41,1,41,2],[42,1,42,2],[43,1,43,2],[44,1,44,2],[45,1,45,2],[46,1,46,2],[47,1,47,2],[48,1,48,2],[49,1,49,2],[50,1,50,2],[51,1,51,2],[52,1,52,2],[53,1,53,2],[54,1,54,2],[55,1,55,2],[56,1,56,2],[57,1,57,2],[58,1,58,2],[59,1,59,2],[60,1,60,2],[61,1,61,2],[62,1,62,2],[63,1,63,2],[64,1,64,2],[65,1,65,2],[66,1,66,2],[67,1,67,2],[68,1,68,2],[69,1,69,2],[70,1,70,2],[71,1,71,2],[72,1,72,2],[73,1,73,2],[74,1,74,2],[75,1,75,2],[76,1,76,2],[77,1,77,2],[78,1,78,2],[79,1,79,2],[80,1,80,2],[81,1,81,2],[82,1,82,2],[83,1,83,2],[84,1,84,2],[85,1,85,2],[86,1,86,2],[87,1,87,2],[88,1,88,2],[89,1,89,2],[90,1,90,2],[91,1,91,2],[92,1,92,2],[93,1,93,2],[94,1,94,2],[95,1,95,2],[96,1,96,2],[97,1,97,2],[98,1,98,2],[99,1,99,2],[100,1,100,2],[101,1,101,2],[102,1,102,2],[103,1,103,2],[104,1,104,2],[105,1,105,2],[106,1,106,2],[107,1,107,2],[108,1,108,2],[109,1,109,2],[110,1,110,2],[111,1,111,2],[112,1,112,2],[113,1,113,2],[114,1,114,2],[115,1,115,2],[116,1,116,2],[117,0,117,5]]}
["劳务成本分析表"]
["工程名称:",null,"工艺管线-安装工程"]
["序号","项目编码",null,"项目名称","单位","工程量","人工费"]
[{"$nulls":6},"单价（元）","合价（元）"]
["","",null,"室外工艺管道","",""]
["1","030801005001",null,"钢管 D1420×12","m","194.440",{"$f":"ROUND(H6/F6,2)","v":163.08},31709.06]
["2","030801005002",null,"钢管 D1020×10","m","342.700",{"$f":"ROUND(H7/F7,2)","v":105.79},36255.89]
["3","030801005003",null,"钢管 D630×8","m","27.910",64.76,1807.57]
["4","030801005004",null,"钢管 D530×8","m","7.020",54.98,385.98]
["5","030804002001",null,"焊接弯头90° D1420*12","个","3.000",452.24,1356.72]
["6","030804002002",null,"焊接弯头90° D1020*10","个","8.000",373.12,2984.98]
["7","030804002003",null,"焊接弯头45° D1020*10","个","4.000",373.12,1492.49]
["8","030804002006",null,"焊接弯头12° D1020*10","个","4.000",373.12,1492.49]
["9","030804002004",null,"焊接弯头30° D630*8","个","4.000",178.38,713.53]
["10","030804002005",null,"焊接弯头30° D530*8","个","1.000",167.44,167.44]
["11","030804002007",null,"三通 DN1400","个","2.000",452.24,904.47]
["12","030804002008",null,"异径三通 DN1400*DN1000","个","2.000",452.24,904.47]
["13","030804002009",null,"异径管 DN1400*DN1000","个","1.000",452.24,452.24]
["14","030801016003",null,"UPVC管 DN25","m","65.000",7.91,514.16]
["15","030411001002",null,"镀锌钢管 DN50","m","10.000",{"v":11.4,"d":"11.40"},113.95]
["","",null,"曝气管道","",""]
["16","030801007001",null,"不锈钢管 D820×6","m","28.150",125.72,3538.97]
["17","030804002010",null,"不锈钢焊接弯头30° D820*6","个","2.000",403.52,807.04]
["","",null,"加药管","",""]
["18","030801016001",null,"UPVC管 DN25","m","888.530",7.91,7028.32]
["19","030801016002",null,"UPVC管 DN32","m","167.510",8.14,1363.86]
["20","030411001001",null,"镀锌钢管 DN150","m","102.850",30.51,3138.45]
["21","040501018001",null,"400*300加药管沟","m","165.000",144.27,23804.48]
["","",null,"回流、剩余污泥系统","",""]
["22","030801005005",null,"钢管 D920×10","m","155.330",94.28,{"v":14644.9,"d":"14644.90"}]
["23","030801005006",null,"钢管 D219×6","m","176.910",29.88,5286.12]
["24","030804002012",null,"焊接弯头90° D912*10","个","2.000",268.13,536.25]
["25","030804002013",null,"焊接弯头45° D912*10","个","2.000",268.13,536.25]
["26","030804002014",null,"焊接弯头90° D219*6","个","6.000",59.05,354.29]
["27","030804002015",null,"焊接弯头45° D219*6","个","2.000",59.05,{"v":118.1,"d":"118.10"}]
["28","030804002016",null,"正三通 D219*6","个","1.000",59.05,59.05]
["29","040504002001",null,"污泥流量计井 1.4*1.4*2.0m","座","2.000",{"v":1352.6,"d":"1352.60"},{"v":2705.2,"d":"2705.20"}]
["30","031003010001",null,"可曲绕橡胶接头 DN200","个","1.000",178.11,178.11]
["31","030601004002",null,"电磁流量计 DN200","台","1.000",{"$f":"ROUND(H39/F39,2)","v":443.75},443.75]
["","",null,"除臭管","",""]
["32","040501002001",null,"夹砂玻璃钢管 DN1600","m","58.870",170.69,{"v":10048.4,"d":"10048.40"}]
["33","040501002002",null,"夹砂玻璃钢管 DN1000","m","27.710",81.17,{"v":2249.2,"d":"2249.20"}]
["34","040501002003",null,"夹砂玻璃钢管 DN600","m","52.030",49.86,2594.33]
["35","040501002004",null,"夹砂玻璃钢管 DN400","m","16.820",{"v":26.9,"d":"26.90"},452.52]
["36","040501002005",null,"夹砂玻璃钢管 DN300","m","82.010",20.93,1716.62]
["37","040501002006",null,"夹砂玻璃钢管 DN200","m","23.220",15.11,350.93]
["","",null,"土石方","",""]
["38","040101002007",null,"挖沟槽土方 2m内","m3","3137.140",6.31,19800.61]
["39","040101002008",null,"挖沟槽土方 4m内","m3","2095.390",6.71,14069.49]
["40","040103001002",null,"回填石屑","m3","2903.770",15.98,46415.79]
["41","040305001001",null,"中粗砂垫层","m3","57.430",39.68,2279.05]
["42","040103001003",null,"回填中粗砂","m3","824.440",15.98,13177.62]
["43","040103002001",null,"余方弃置","m3","5233.340",6.29,32941.86]
["","",null,"进水流量计井 4.2*3.3*2.7m","",""]
["","",null,"结构部分","",""]
["44","040303001001",null,"混凝土垫层","m3","2.430",111.19,270.18]
["45","040601006001",null,"现浇混凝土池底板","m3","6.633",90.01,597.02]
["46","040601010001",null,"现浇混凝土池盖板","m3","0.595",105.26,62.63]
["47","040601007001",null,"现浇混凝土池壁","m3","11.200",102.09,{"v":1143.4,"d":"1143.40"}]
["48","010505001001",null,"有梁板","m3","1.673",46.52,77.83]
["49","040601030001",null,"井、池渗漏试验","m3","42.966",{"v":5.9,"d":"5.90"},253.43]
["50","040901001001",null,"现浇构件钢筋","t","0.089",687.64,{"v":61.2,"d":"61.20"}]
["51","040901001002",null,"现浇构件钢筋","t","2.092",687.68,1438.63]
["52","040901001003",null,"现浇构件钢筋","t","0.059",687.63,40.57]
["53","040901001004",null,"现浇构件钢筋","t","0.109",1121.47,122.24]
["54","040201013002",null,"水泥搅拌桩","m3","21.200",78.11,1655.99]
["","",null,"管道部分","",""]
["55","030801005007",null,"钢管 D920×10","m","1.400",94.29,{"v":132,"d":"132.00"}]
["56","040502002001",null,"异径管(Q235B) DN1000*900","个","4.000",151.84,607.36]
["57","031003010002",null,"可曲绕橡胶接头 DN900","个","1.000",358.21,358.21]
["58","040502006001",null,"法兰盘 DN900","个","2.000",{"$f":"ROUND(H71/F71,2)","v":166.94},333.88]
["59","040502008005",null,"柔性防水套管 DN1000","个","4.000",1092.88,4371.52]
["60","010606006004",null,"复合钢格盖板 2400*1400","块","2.000",{"v":182.9,"d":"182.90"},365.79]
["61","010606006005",null,"复合钢格盖板 800*800","块","2.000",66.76,133.51]
["62","030109001001",null,"潜水泵","台","1.000",{"v":192.3,"d":"192.30"},{"v":192.3,"d":"192.30"}]
["63","040503002001",null,"混凝土支墩 600*600*400","m3","0.290",245.79,71.28]
["","",null,"风管疏水阀井 4.5*2.6*3.75m","",""]
["","",null,"结构部分","",""]
["64","040303001002",null,"混凝土垫层","m3","1.734",111.01,192.49]
["65","040601006002",null,"现浇混凝土池底板","m3","5.865",90.13,528.59]
["66","040601010002",null,"现浇混凝土池盖板","m3","1.464",105.87,{"v":155,"d":"155.00"}]
["67","040601007002",null,"现浇混凝土池壁","m3","16.116",102.11,1645.67]
["68","010505001002",null,"有梁板","m3","0.417",46.93,19.57]
["69","040601030002",null,"井、池渗漏试验","m3","50.310",5.89,296.45]
["70","040901001005",null,"现浇构件钢筋","t","0.011",687.27,7.56]
["71","040901001006",null,"现浇构件钢筋","t","3.324",687.68,2285.85]
["72","040901001007",null,"现浇构件钢筋","t","0.034",1121.47,38.13]
["73","040201015005",null,"水泥搅拌桩","m3","23.550",78.12,{"v":1839.7,"d":"1839.70"}]
["","",null,"管道部分","",""]
["74","040502008002",null,"柔性防水套管 DN1000","个","2.000",1092.88,2185.76]
["75","040502008003",null,"柔性防水套管 DN800","个","2.000",879.57,1759.14]
["76","040502008004",null,"柔性防水套管 DN600","个","2.000",640.76,1281.52]
["77","010606006003",null,"复合钢格盖板 1200*900","块","2.000",137.99,275.98]
["78","030109001003",null,"潜水泵","台","1.000",{"v":192.3,"d":"192.30"},{"v":192.3,"d":"192.30"}]
["79","040503002002",null,"混凝土支墩 600*600*400","m3","0.290",245.79,71.28]
["","",null,"管道地基处理","",""]
["80","040201015006",null,"水泥搅拌桩","m","19336.850",15.33,{"v":296450.6,"d":"296450.60"}]
["","",null,"措施项目","",""]
["81","041101005001",null,"井字架","座","3.000",130.71,392.13]
["97","041102001001",null,"垫层模板","m2","0.790",12.78,{"v":10.1,"d":"10.10"}]
["98","041102034001",null,"池底模板","m2","1.510",40.37,60.96]
["99","041102035001",null,"池壁(隔墙)模板","m2","36.420",29.78,1084.65]
["100","041102035002",null,"井筒(隔墙)模板","m2","4.610",44.15,203.53]
["101","041102036001",null,"池盖模板","m2","0.720",95.86,69.02]
["102","041102037001",null,"流槽模板","m2","3.250",{"v":25.7,"d":"25.70"},83.51]
["103","041102001002",null,"垫层模板","m2","6.800",12.65,86.04]
["104","041102002001",null,"底板模板","m2","8.390",23.27,195.21]
["105","041102035003",null,"墙身模板","m2","72.500",{"v":29.8,"d":"29.80"},{"v":2160.3,"d":"2160.30"}]
["106","041102001003",null,"垫层模板","m2","1.980",12.78,{"v":25.3,"d":"25.30"}]
["107","041102034002",null,"池底模板","m2","5.700",33.58,191.41]
["108","041102036002",null,"池盖模板","m2","6.060",36.57,221.59]
["109","011702014001",null,"有梁板","m2","12.410",92.91,{"v":1153,"d":"1153.00"}]
["110","041102001004",null,"垫层模板","m2","1.900",12.65,24.04]
["111","041102034003",null,"池底模板","m2","5.700",33.58,191.41]
["112","041102036003",null,"池盖模板","m2","6.060",36.57,221.59]
["113","011702014002",null,"有梁板","m2","3.200",92.98,297.53]
["114","041102001005",null,"镇墩模板","m2","2.880",23.26,{"v":67,"d":"67.00"}]
["合计",{"$nulls":6},{"$f":"SUM(H6:H117)","v":620147.88}]

{"sheet":"27【绿化灌溉管线-安装工程】","index":28,"n_rows":28,"n_cols":8,"rows_kept":28,"merged":[[0,0,0,7],[1,0,1,1],[1,2,1,7],[2,0,3,0],[2,1,3,2],[2,3,3,3],[2,4,3,4],[2,5,3,5],[2,6,2,7],[4,1,4,2],[5,1,5,2],[6,1,6,2],[7,1,7,2],[8,1,8,2],[9,1,9,2],[10,1,10,2],[11,1,11,2],[12,1,12,2],[13,1,13,2],[14,1,14,2],[15,1,15,2],[16,1,16,2],[17,1,17,2],[18,1,18,2],[19,1,19,2],[20,1,20,2],[21,1,21,2],[22,1,22,2],[23,1,23,2],[24,1,24,2],[25,1,25,2],[26,1,26,2],[27,0,27,5]]}
["劳务采购工程量清单"]
["工程名称:",null,"绿化灌溉管线-安装工程"]
["序号","项目编码",null,"项目名称","单位","工程量","人工费"]
[{"$nulls":6},"单价（元）","合价（元）"]
["1","030807001001",null,"闸阀 | DN100 PN=1.0MPa","个","6.000",{"$f":"ROUND(H5/F5,2)","v":81.15},{"v":486.9,"d":"486.90"}]
["2","030807001003",null,"塑料球阀 | DN40 PN=1.0MPa","个","13.000",{"$f":"ROUND(H6/F6,2)","v":20.97},272.61]
["3","030807001002",null,"塑料球阀 | DN50 PN=1.0MPa","个","23.000",20.97,482.31]
["4","031003001002",null,"电磁阀 |DN50","个","23.000",20.97,482.31]
["5","031003001003",null,"电磁阀 |DN40","个","13.000",20.97,272.61]
["6","031003001004",null,"2寸进排气阀","个","5.000",20.97,104.85]
["7","031003001001",null,"快速取水阀 DN20","个","29.000",10.45,303.05]
["8","031003005001",null,"塑料阀门箱 | 6寸圆形","个","29.000",31.68,918.72]
["9","031003005003",null,"塑料阀门箱 | 10寸圆形","个","5.000",31.68,{"v":158.4,"d":"158.40"}]
["10","031003005004",null,"塑料阀门箱 | 12寸方形","个","6.000",{"v":66,"d":"66.00"},{"v":396,"d":"396.00"}]
["11","031003005005",null,"塑料阀门箱 | 15寸方形","个","70.000",{"v":66,"d":"66.00"},{"v":4620,"d":"4620.00"}]
["12","050103002001",null,"伸缩散射喷头","个","338.000",2.76,932.88]
["13","050103002002",null,"伸缩散射喷头","个","5.000",2.76,{"v":13.8,"d":"13.80"}]
["14","050103002003",null,"伸缩散射喷头","个","708.000",2.76,1954.08]
["15","031001006001",null,"UPVC给水管 De20,PN=1.0MPa","m","371.000",5.62,2084.28]
["16","031001006005",null,"UPVC给水管 De32,PN=1.0MPa","m","2712.900",5.62,15241.07]
["17","031001006002",null,"UPVC给水管 De50,PN=1.0MPa","m","1477.720",7.25,10714.95]
["18","031001006003",null,"UPVC给水管 De63,PN=1.0MPa","m","829.020",7.37,6107.39]
["19","031001006004",null,"UPVC给水管 De110,PN=1.0MPa","m","1224.650",9.23,11305.97]
["20","030411001001",null,"埋地钢管 DN150","m","53.800",{"v":30.5,"d":"30.50"},{"v":1640.9,"d":"1640.90"}]
["21","030411001002",null,"埋地钢管 DN100","m","24.290",26.16,635.45]
["22","040101002002",null,"挖沟槽土方","m3","1002.290",6.31,{"v":6323.7,"d":"6323.70"}]
["23","040103001001",null,"回填土方","m3","1002.290",{"v":12.3,"d":"12.30"},12324.08]
["合计",{"$nulls":6},{"$f":"SUM(H5:H27)","v":77776.31}]

{"sheet":"28【厂区雨污水管道-安装工程】","index":29,"n_rows":57,"n_cols":8,"rows_kept":57,"merged":[[0,0,0,7],[1,0,1,1],[1,2,1,7],[2,0,3,0],[2,1,3,2],[2,3,3,3],[2,4,3,4],[2,5,3,5],[2,6,2,7],[4,1,4,2],[5,1,5,2],[6,1,6,2],[7,1,7,2],[8,1,8,2],[9,1,9,2],[10,1,10,2],[11,1,11,2],[12,1,12,2],[13,1,13,2],[14,1,14,2],[15,1,15,2],[16,1,16,2],[17,1,17,2],[18,1,18,2],[19,1,19,2],[20,1,20,2],[21,1,21,2],[22,1,22,2],[23,1,23,2],[24,1,24,2],[25,1,25,2],[26,1,26,2],[27,1,27,2],[28,1,28,2],[29,1,29,2],[30,1,30,2],[31,1,31,2],[32,1,32,2],[33,1,33,2],[34,1,34,2],[35,1,35,2],[36,1,36,2],[37,1,37,2],[38,1,38,2],[39,1,39,2],[40,1,40,2],[41,1,41,2],[42,1,42,2],[43,1,43,2],[44,1,44,2],[45,1,45,2],[46,1,46,2],[47,1,47,2],[48,1,48,2],[49,1,49,2],[50,1,50,2],[51,1,51,2],[52,1,52,2],[53,1,53,2],[54,1,54,2],[55,1,55,2],[56,0,56,5]]}
["劳务采购工程量清单"]
["工程名称:",null,"厂区雨污水管道-安装工程"]
["序号","项目编码",null,"项目名称","单位","工程量","人工费"]
[{"$nulls":6},"单价（元）","合价（元）"]
["","",null,"雨水管道安装工程","",""]
["1","040501001001",null,"II级钢筋混凝土管 | d300","m","143.840",{"$f":"ROUND(H6/F6,2)","v":8.14},1170.85]
["2","040501001002",null,"II级钢筋混凝土管 | d400","m","457.100",{"$f":"ROUND(H7/F7,2)","v":11.44},5227.44]
["3","040501001003",null,"II级钢筋混凝土管 | d500","m","66.300",{"v":37,"d":"37.00"},{"v":2453.4,"d":"2453.40"}]
["4","040501001004",null,"II级钢筋混凝土管 | d600","m","355.600",43.99,15644.02]
["5","040501001006",null,"II级钢筋混凝土管 | d2000","m","278.000",388.98,108135.15]
["6","040504002001",null,"钢筋混凝土雨水检查井 2600×1000","座","8.000",1574.82,12598.58]
["7","040504002010",null,"钢筋混凝土雨水跌水井 3200*2000 跌差4m","座","2.000",5020.63,10041.26]
["8","040504009001",null,"平篦式单篦雨水口","座","49.000",90.19,4419.31]
["9","040504002003",null,"钢筋混凝土雨水检查井φ1000","座","19.000",440.34,8366.41]
["10","040504002013",null,"钢筋混凝土雨水检查井φ1250","座","13.000",685.65,8913.43]
["11","040504007001",null,"八字排出口DN600","座","1.000",1210.22,1210.22]
["12","040504007002",null,"八字排出口DN2000","座","2.000",5548.81,11097.61]
["","",null,"污水管道安装工程","",""]
["13","040501001007",null,"II级钢筋混凝土管 | d300","m","303.800",10.81,3283.53]
["14","040501001009",null,"II级钢筋混凝土管 | d400","m","323.200",13.19,4261.83]
["15","040501001008",null,"II级钢筋混凝土管 | d500","m","211.400",38.81,8205.33]
["16","040504002014",null,"钢筋混凝土污水检查井φ1000","座","51.000",723.39,36892.85]
["17","040504008001",null,"化粪池G3-6SF","座","1.000",1707.42,1707.42]
["18","040504008003",null,"隔油池GG-3SF","座","1.000",971.85,971.85]
["19","040504002011",null,"钢筋混凝土污水跌水井 1400*2100 跌差3m","座","2.000",1703.11,3406.21]
["20","040504002012",null,"钢筋混凝土污水跌水井 1400*2100 跌差4m","座","1.000",1983.51,1983.51]
["","",null,"给水、雨污水管线土石方工程","",""]
["21","040101002001",null,"挖沟槽土方 2m内","m3","2798.150",6.31,{"v":17657.2,"d":"17657.20"}]
["22","040101002006",null,"挖沟槽土方 4m内","m3","4540.110",6.71,30477.32]
["23","040101002009",null,"挖沟槽土方 6m内","m3","5414.530",7.15,38733.46]
["24","040101002007",null,"挖沟槽土方 支撑2m内","m3","46.150",7.56,348.85]
["25","040103001001",null,"回填土方","m3","5187.900",2.55,13249.95]
["26","040103001002",null,"回填石屑","m3","3838.100",15.98,61350.11]
["27","040305001001",null,"中粗砂垫层","m3","123.850",39.68,4914.86]
["28","040103001006",null,"回填中粗砂","m3","270.610",15.98,4325.41]
["29","040103002001",null,"余方弃置","m3","5089.370",6.29,32035.64]
["30","粤040101006002",null,"IV型拉森钢板桩","t","19.300",{"v":540.2,"d":"540.20"},10425.85]
["","",null,"管道地基处理","",""]
["31","040101002004",null,"挖沟槽土方（外运）","m3","111.460",{"$f":"ROUND(H39/F39,2)","v":{"v":6.8,"d":"6.80"}},757.61]
["32","040103002003",null,"余方弃置","m3","111.460",5.37,598.35]
["33","040103001005",null,"7：3砂碎石换填","m3","111.460",3.19,355.68]
["34","040201015002",null,"水泥搅拌桩","m","7958.350",15.33,{"v":122008.5,"d":"122008.50"}]
["","",null,"措施项目","",""]
["35","041101005001",null,"井字架","座","95.000",176.24,{"v":16742.8,"d":"16742.80"}]
["36","041102002001",null,"基础模板","m2","43.010",23.27,1000.75]
["37","041102035001",null,"墙身模板","m2","264.100",{"v":28,"d":"28.00"},{"v":7395.6,"d":"7395.60"}]
["38","041102001001",null,"垫层模板","m2","40.520",12.65,512.45]
["39","041102034001",null,"池底模板","m2","76.400",40.63,3103.86]
["40","041102035002",null,"池壁(隔墙)模板","m2","991.840",44.24,43879.87]
["41","041102035003",null,"井筒(隔墙)模板","m3","19.400",201.45,3908.17]
["42","041102036001",null,"池盖模板","m2","17.580",95.86,1685.24]
["43","041102001002",null,"垫层模板","m2","12.900",23.27,300.15]
["44","041102034002",null,"矩形底板","m2","30.860",33.62,1037.54]
["45","041102035004",null,"矩形井壁","m2","518.760",28.01,{"v":14527.9,"d":"14527.90"}]
["46","041102035005",null,"井筒(隔墙)模板","m3","2.590",201.45,521.75]
["47","041102036002",null,"池盖模板","m3","5.050",95.86,{"v":484.1,"d":"484.10"}]
["合计",{"$nulls":6},{"$f":"SUM(H6:H56)","v":682329.18}]

{"sheet":"29【给水管道安装工程...】","index":30,"n_rows":45,"n_cols":8,"rows_kept":45,"merged":[[0,0,0,7],[1,0,1,1],[1,2,1,7],[2,0,3,0],[2,1,3,2],[2,3,3,3],[2,4,3,4],[2,5,3,5],[2,6,2,7],[4,1,4,2],[5,1,5,2],[6,1,6,2],[7,1,7,2],[8,1,8,2],[9,1,9,2],[10,1,10,2],[11,1,11,2],[12,1,12,2],[13,1,13,2],[14,1,14,2],[15,1,15,2],[16,1,16,2],[17,1,17,2],[18,1,18,2],[19,1,19,2],[20,1,20,2],[21,1,21,2],[22,1,22,2],[23,1,23,2],[24,1,24,2],[25,1,25,2],[26,1,26,2],[27,1,27,2],[28,1,28,2],[29,1,29,2],[30,1,30,2],[31,1,31,2],[32,1,32,2],[33,1,33,2],[34,1,34,2],[35,1,35,2],[36,1,36,2],[37,1,37,2],[38,1,38,2],[39,1,39,2],[40,1,40,2],[41,1,41,2],[42,1,42,2],[43,1,43,2],[44,0,44,5]]}
["劳务采购工程量清单"]
["工程名称:",null,"给水管道安装工程(含回用水管、消防水管）"]
["序号","项目编码",null,"项目名称","单位","工程量","人工费"]
[{"$nulls":6},"单价（元）","合价（元）"]
["","",null,"厂区给水部分","",""]
["1","040501008001",null,"PE给水管 | DN150 PN=1.25MPa（牵引管）","m","14.540",{"$f":"ROUND(H6/F6,2)","v":49.02},712.78]
["2","031001006001",null,"PE给水管 | DN150 PN=1.0MPa","m","73.870",{"$f":"ROUND(H7/F7,2)","v":13.83},{"v":1021.4,"d":"1021.40"}]
["3","031001006004",null,"PE给水管 | DN100 PN=1.0MPa","m","531.000",9.94,5280.26]
["4","031001006005",null,"PE给水管 | DN50 PN=1.0MPa","m","6.000",7.96,47.77]
["5","031001006006",null,"PE给水管 | DN20 PN=1.0MPa","m","105.280",6.04,635.79]
["6","040502009001",null,"水表 DN100","个","1.000",91.75,91.75]
["7","040502005002",null,"蝶阀 DN100","个","2.000",42.59,85.18]
["8","040502005003",null,"止回阀 DN100","个","1.000",42.59,42.59]
["9","031003010001",null,"可曲绕橡胶接头 DN100","个","1.000",81.15,81.15]
["10","040504001003",null,"砖砌矩形水表井 2.15*1.1*1.4m","座","1.000",1443.56,1443.56]
["11","030804002001",null,"对夹三通 D400*150","个","1.000",131.89,131.89]
["","",null,"厂区回用水部分","",""]
["12","031001006002",null,"PE给水管 | DN150 PN=1.0MPa","m","1260.550",13.83,17429.63]
["13","031001006007",null,"PE给水管 | DN80 PN=1.0MPa","m","2.000",8.85,{"v":17.7,"d":"17.70"}]
["14","031001006008",null,"PE给水管 | DN25 PN=1.0MPa","m","21.000",6.04,126.82]
["","",null,"厂区消防水部分","",""]
["15","031001006003",null,"PE给水管 | DN100 PN=1.0MPa","m","1025.320",9.94,10195.78]
["16","030901011001",null,"室外地上式消火栓SS100/65","套","11.000",121.33,1334.63]
["17","040504001001",null,"砌筑闸阀井 φ1200","座","4.000",528.11,2112.44]
["18","040504001002",null,"砖砌矩形水表井 2.15*1.1*1.4m","座","1.000",1443.56,1443.56]
["19","040502009002",null,"水表 DN100","个","1.000",91.75,91.75]
["20","040502005004",null,"蝶阀 DN100","个","6.000",42.59,255.54]
["21","040502005005",null,"止回阀 DN100","个","1.000",42.59,42.59]
["22","031003010002",null,"可曲绕橡胶接头 DN100","个","1.000",81.15,81.15]
["","",null,"土石方部分","",""]
["23","040101002006",null,"挖沟槽土方","m3","1782.590",6.31,11246.43]
["24","040103001002",null,"回填石屑","m3","1321.590",15.98,21125.12]
["25","040305001001",null,"砂垫层","m3","425.180",39.68,16872.84]
["26","040103002001",null,"余方弃置","m3","1782.590",5.37,9569.29]
["","",null,"破复人行道","m2","7.000"]
["27","041001002001",null,"拆除人行道砖","m2","7.000",3.96,27.74]
["28","041001002002",null,"拆除人行道混凝土垫层","m2","7.000",7.41,{"v":51.9,"d":"51.90"}]
["29","041001003001",null,"拆除人行道级配碎石垫层","m2","7.000",8.72,61.02]
["30","040204001001",null,"人行道整形碾压","m2","7.000",1.51,{"v":10.6,"d":"10.60"}]
["31","040204002001",null,"6cm厚Cf4.0步道砖","m2","7.000",21.05,147.38]
["32","040204002002",null,"10cm厚C20素砼混凝土垫层","m2","7.000",12.23,85.63]
["33","040202011001",null,"15cm厚级配碎石垫层","m2","7.000",3.74,26.21]
["","",null,"措施项目","",""]
["50","041101005001",null,"井字架","座","6.000",326.58,1959.48]
["合计",{"$nulls":6},{"$f":"SUM(H6:H44)","v":103889.35}]

{"sheet":"30【进水管道与尾水管道】","index":31,"n_rows":127,"n_cols":8,"rows_kept":127,"merged":[[0,0,0,7],[1,0,1,1],[1,2,1,7],[2,0,3,0],[2,1,3,2],[2,3,3,3],[2,4,3,4],[2,5,3,5],[2,6,2,7],[4,1,4,2],[5,1,5,2],[6,1,6,2],[7,1,7,2],[8,1,8,2],[9,1,9,2],[10,1,10,2],[11,1,11,2],[12,1,12,2],[13,1,13,2],[14,1,14,2],[15,1,15,2],[16,1,16,2],[17,1,17,2],[18,1,18,2],[19,1,19,2],[20,1,20,2],[21,1,21,2],[22,1,22,2],[23,1,23,2],[24,1,24,2],[25,1,25,2],[26,1,26,2],[27,1,27,2],[28,1,28,2],[29,1,29,2],[30,1,30,2],[31,1,31,2],[32,1,32,2],[33,1,33,2],[34,1,34,2],[35,1,35,2],[36,1,36,2],[37,1,37,2],[38,1,38,2],[39,1,39,2],[40,1,40,2],[41,1,41,2],[42,1,42,2],[43,1,43,2],[44,1,44,2],[45,1,45,2],[46,1,46,2],[47,1,47,2],[48,1,48,2],[49,1,49,2],[50,1,50,2],[51,1,51,2],[52,1,52,2],[53,1,53,2],[54,1,54,2],[55,1,55,2],[56,1,56,2],[57,1,57,2],[58,1,58,2],[59,1,59,2],[60,1,60,2],[61,1,61,2],[62,1,62,2],[63,1,63,2],[64,1,64,2],[65,1,65,2],[66,1,66,2],[67,1,67,2],[68,1,68,2],[69,1,69,2],[70,1,70,2],[71,1,71,2],[72,1,72,2],[73,1,73,2],[74,1,74,2],[75,1,75,2],[76,1,76,2],[77,1,77,2],[78,1,78,2],[79,1,79,2],[80,1,80,2],[81,1,81,2],[82,1,82,2],[83,1,83,2],[84,1,84,2],[85,1,85,2],[86,1,86,2],[87,1,87,2],[88,1,88,2],[89,1,89,2],[90,1,90,2],[91,1,91,2],[92,1,92,2],[93,1,93,2],[94,1,94,2],[95,1,95,2],[96,1,96,2],[97,1,97,2],[98,1,98,2],[99,1,99,2],[100,1,100,2],[101,1,101,2],[102,1,102,2],[103,1,103,2],[104,1,104,2],[105,1,105,2],[106,1,106,2],[107,1,107,2],[108,1,108,2],[109,1,109,2],[110,1,110,2],[111,1,111,2],[112,1,112,2],[113,1,113,2],[114,1,114,2],[115,1,115,2],[116,1,116,2],[117,1,117,2],[118,1,118,2],[119,1,119,2],[120,1,120,2],[121,1,121,2],[122,1,122,2],[123,1,123,2],[124,1,124,2],[125,1,125,2],[126,0,126,5]]}
["劳务采购工程量清单"]
["工程名称:",null,"进水管道与尾水管道"]
["序号","项目编码",null,"项目名称","单位","工程量","人工费"]
[{"$nulls":6},"单价（元）","合价（元）"]
["","",null,"进水管道工程","",""]
["1","040501012001",null,"Ⅲ级钢筋混凝土管（顶管施工） | D1400","m","168.000",{"$f":"ROUND(H6/F6,2)","v":{"v":534.7,"d":"534.70"}},{"v":89829.9,"d":"89829.90"}]
["2","040501012004",null,"泥浆运输","m3","258.480",{"$f":"ROUND(H7/F7,2)","v":49.87},12890.23]
["3","040501012002",null,"泥水切削机械及附属设施安拆","套","1.000",12748.53,12748.53]
["4","040501012003",null,"中继间安拆","套","1.000",1868.77,1868.77]
["5","040504002001",null,"污水检查井 3300*2800 H=13.249","座","1.000",10052.78,10052.78]
["6","040504002002",null,"污水检查井 1900×1000 H=9.483","座","1.000",1644.37,1644.37]
["","",null,"φ7000钢筋混凝土沉井","",""]
["7","040601002001",null,"沉井下沉","m3","670.250",80.28,53808.62]
["8","040103001001",null,"回填石屑","m3","798.120",15.98,12757.23]
["9","040601001001",null,"中粗砂垫层","m3","78.500",84.24,6612.93]
["10","040601001002",null,"刃脚垫层","m3","9.890",238.31,2356.87]
["11","040601003001",null,"沉井混凝土封底","m3","44.010",103.68,4563.01]
["12","040601003002",null,"沉井混凝土底板","m3","27.190",131.18,3566.82]
["13","040601001003",null,"沉井混凝土刃脚","m3","16.720",81.78,1367.35]
["14","040601001004",null,"沉井混凝土井壁","m3","136.480",81.28,11092.68]
["15","040504001001",null,"砖砌体墙（M7.5水泥,M10砖","m3","15.070",242.94,3661.07]
["16","041001007001",null,"拆除砖砌体墙","m3","15.070",92.08,1387.66]
["17","040901001001",null,"钢筋制作、安装 带肋钢筋 Φ10～25mm","t","23.640",687.68,16256.76]
["18","040901009001",null,"塑钢踏步","t","46.800",2.95,{"v":138.2,"d":"138.20"}]
["19","040201015001",null,"高压水泥旋喷桩双管法钻孔","m","1135.280",18.71,21244.48]
["20","040201015002",null,"高压水泥旋喷桩双管法喷浆","m","1135.280",33.56,38096.96]
["21","040501001001",null,"集水坑钢筋混凝土管d800","m","0.850",27.48,23.36]
["22","040309001001",null,"临时栏杆H=1.2m","m","37.680",46.06,1735.51]
["","",null,"Ø4500钢筋混凝土逆做井","",""]
["23","040504002003",null,"Ø4500顶管接收井","座","1.000",{"v":8877.2,"d":"8877.20"},{"v":8877.2,"d":"8877.20"}]
["24","040201015003",null,"高压水泥旋喷桩双管法钻孔","m","132.660",18.71,2482.47]
["25","040201015004",null,"高压水泥旋喷桩双管法喷浆","m","132.660",33.56,4451.75]
["26","040601002002",null,"逆做井土方","m3","235.420",80.28,18900.12]
["27","040103001002",null,"回填石屑（顶管井回填）","m3","165.230",15.98,2640.64]
["28","040309001002",null,"临时栏杆H=1.2m","m","30.770",46.06,1417.42]
["","",null,"骑马井","",""]
["29","040901009002",null,"塑钢踏步","kg","26.400",2.95,77.96]
["30","040601002003",null,"沉井下沉","m3","18.490",80.29,1484.59]
["31","040103001005",null,"C20细石回填","m3","7.820",{"$f":"ROUND(H39/F39,2)","v":90.78},709.91]
["32","040501001003",null,"Ⅲ级钢筋砼管 d1000","m","9.770",38.91,380.12]
["33","030801005001",null,"焊接钢管 | D1520*16","m","7.970",164.15,1308.25]
["34","030413003001",null,"混凝土管钻孔 φ700","个","1.000",13.42,13.42]
["35","粤040101006002",null,"Ⅲ型拉森钢板桩","t","6.110",430.31,2629.17]
["","",null,"破复混凝土路面","",""]
["36","041001001001",null,"旧路面切缝22cm","m","12.000",3.36,40.26]
["37","041001001002",null,"拆除22cm厚水泥混凝土路面","m2","36.000",7.73,278.27]
["38","041001001003",null,"拆除15cm厚C20素砼基层","m2","36.000",5.14,184.92]
["39","041001003001",null,"拆除16cm厚碎石基层","m2","36.000",1.99,{"v":71.5,"d":"71.50"}]
["40","040202001001",null,"路床(槽)整形","m2","36.000",0.87,{"v":31.4,"d":"31.40"}]
["41","040202011001",null,"16cm厚碎石基层","m2","36.000",3.86,138.92]
["42","040203007001",null,"15cm厚C20素砼","m2","36.000",17.39,626.08]
["43","040203007002",null,"22cm厚C30水泥混凝土路面","m2","36.000",{"v":34.1,"d":"34.10"},1227.43]
["","",null,"尾水管道工程","",""]
["44","040501002001",null,"焊接钢管 | D1420×12","m","127.000",160.92,20437.05]
["45","040501002002",null,"焊接钢管 | D1620×14","m","9.240",182.55,1686.73]
["46","040501002003",null,"焊接钢管 | D1820×16","m","227.000",219.48,49822.42]
["47","040502002006",null,"45°弯头(Q235B) | D1420×16","个","6.000",234.49,1406.94]
["48","040502002007",null,"45°弯头(Q235B) | D1820×16","个","2.000",312.97,625.94]
["49","040502002001",null,"偏心异径管(Q235B) | DN1800×DN1400","个","1.000",312.97,312.97]
["50","040502002002",null,"11.25°弯头(Q235B) | D1820×16","个","2.000",312.97,625.94]
["51","040502002003",null,"22.5°弯头(Q235B) | D1820×16","个","4.000",312.97,1251.88]
["52","040502002005",null,"碳钢三通 | DN1800×DN1600","个","1.000",594.77,594.77]
["53","040502001001",null,"法兰盲盘 | DN1600","个","1.000",350.45,350.45]
["54","040502006001",null,"法兰盘 | DN1600","个","2.000",350.44,700.88]
["55","040504002004",null,"蝶阀井Ø3600","座","1.000",7664.47,7664.47]
["56","040502005001",null,"蝶阀（球墨铸铁） | DN1600 PN=1.0MPa","个","1.000",2773.58,2773.58]
["57","040504007001",null,"八字出水口 D=1800","座","1.000",4550.08,4550.08]
["58","040305003001",null,"浆砌片石尾口护底","m3","21.300",159.27,3392.36]
["59","粤040101006001",null,"Ⅲ型拉森钢板桩","t","204.350",443.29,90586.16]
["60","粤040101006004",null,"IV型拉森钢板桩","t","154.850",{"v":418.7,"d":"418.70"},64836.14]
["61","040501001004",null,"钢筋混凝土管 d2000","m","32.000",{"$f":"ROUND(H71/F71,2)","v":91.91},2941.16]
["","",null,"破复沥青路面","m2","351.000",{"v":0,"d":"0.00"}]
["62","041001001004",null,"旧路面切缝18cm","m","117.000",2.87,335.91]
["63","041001001005",null,"拆除18cm厚沥青路面","m2","351.000",{"v":4.4,"d":"4.40"},1545.21]
["64","041001001006",null,"拆除48cm水泥稳定碎石基层","m2","351.000",5.57,1954.28]
["65","040202001002",null,"路床(槽)整形","m2","351.000",0.87,306.13]
["66","040202015001",null,"16cm 4%水泥稳定碎石基层","m2","351.000",{"v":3.9,"d":"3.90"},1370.07]
["67","040202015002",null,"15cm 4%水泥稳定碎石基层","m2","351.000",3.65,{"v":1282.7,"d":"1282.70"}]
["68","040203006001",null,"8cm厚粗粒式沥青混凝土（AC-25C）","m2","351.000",1.88,660.15]
["69","040203006002",null,"6cm厚中粒式沥青混凝土（AC-20C）","m2","351.000",1.46,513.93]
["70","040203006003",null,"4cm厚细粒式沥青混凝土（AC-13C）","m2","351.000",1.33,467.39]
["71","040203003001",null,"PC-3粘层油","m2","351.000",0.18,63.08]
["72","040203003002",null,"PC-3粘层油","m2","351.000",0.18,63.08]
["73","040203004001",null,"ES-3乳化沥青稀浆封层","m2","351.000",0.69,243.14]
["74","040203003003",null,"PC-3粘层油","m2","351.000",0.18,63.08]
["","",null,"破复人行道","m2","30.500",{"v":0,"d":"0.00"}]
["75","041001002001",null,"拆除人行道砖","m2","30.500",3.93,{"v":120,"d":"120.00"}]
["76","041001002002",null,"拆除人行道混凝土垫层","m2","30.500",{"v":7.4,"d":"7.40"},225.63]
["77","041001003002",null,"拆除人行道级配碎石垫层","m2","30.500",9.36,285.49]
["78","040204001001",null,"人行道整形碾压","m2","30.520",1.51,{"v":46.2,"d":"46.20"}]
["79","040204002001",null,"6cm厚Cf4.0步道砖","m2","30.500",21.05,642.15]
["80","040204002002",null,"10cm厚C20素砼混凝土垫层","m2","30.500",12.23,373.11]
["81","040202011002",null,"15cm厚级配碎石垫层","m2","30.500",3.74,114.17]
["","",null,"土石方工程","",""]
["82","040101002011",null,"挖沟槽土方 4m内","m3","220.990",6.69,1479.03]
["83","040101002012",null,"挖沟槽土方 6m内","m3","4743.680",7.15,{"v":33937.9,"d":"33937.90"}]
["84","040101002013",null,"挖沟槽土方 支撑4m","m3","1158.940",8.05,9330.83]
["85","040101002014",null,"挖沟槽土方 支撑6m","m3","1546.310",8.58,13273.03]
["86","040103001003",null,"回填土方","m3","2602.010",2.55,6645.52]
["87","040305001001",null,"中粗砂垫层","m3","210.810",39.68,8365.78]
["88","040103001004",null,"回填砂","m3","3817.740",15.98,61024.03]
["89","040103002002",null,"余方弃置","m3","4677.600",6.29,29444.03]
["","",null,"临时管道","",""]
["90","040101002010",null,"挖沟槽土方（回填）","m3","210.600",{"$f":"ROUND(H104/F104,2)","v":{"v":6.3,"d":"6.30"}},1326.46]
["91","040103001006",null,"回填土方","m3","181.210",{"$f":"ROUND(H105/F105,2)","v":2.55},462.69]
["92","031001006001",null,"PE给水管 | De400","m","234.000",{"$f":"ROUND(H106/F106,2)","v":25.02},5854.74]
["","",null,"措施项目","",""]
["94","041101005001",null,"井字架","座","4.000",{"$f":"ROUND(H108/F108,2)","v":326.58},1306.32]
["99","041102001001",null,"垫层模板","m2","1.760",23.27,40.96]
["100","041102034001",null,"矩形底板","m2","4.200",33.58,141.02]
["101","041102035001",null,"矩形井壁","m2","85.840",27.99,2402.73]
["102","041102035002",null,"圆形井壁","m2","88.610",44.24,{"v":3919.9,"d":"3919.90"}]
["103","041102036001",null,"池盖模板","m3","0.700",95.86,{"v":67.1,"d":"67.10"}]
["104","041102037001",null,"流槽模板","m2","3.880",25.44,98.71]
["105","041102001002",null,"垫层模板","m2","10.050",23.27,233.83]
["106","041102028001",null,"沉井井壁(隔墙)模板","m2","88.670",{"v":69.8,"d":"69.80"},6188.98]
["107","041102028002",null,"沉井井壁(隔墙)模板","m2","555.690",61.78,34332.76]
["108","041102035003",null,"池壁(隔墙)模板","m2","157.410",44.24,6963.81]
["109","041102001003",null,"垫层模板","m2","1.490",23.27,34.67]
["110","041102034002",null,"圆形底板","m2","3.560",33.94,120.83]
["111","041102036002",null,"池盖模板","m3","3.350",95.86,321.14]
["112","041102002001",null,"基础模板","m2","30.510",23.27,709.91]
["113","041102035004",null,"墙身模板","m2","187.170",28.01,5242.12]
["114","041103001001",null,"纤维袋围堰","m3","472.250",116.26,54902.54]
["115","040101002001",null,"挖沟槽土方","m3","472.210",1.42,{"v":670.7,"d":"670.70"}]
["116","040103002001",null,"余方弃置","m3","472.030",6.29,2971.22]
["合计",{"$nulls":6},{"$f":"SUM(H6:H126)","v":{"v":912724,"d":"912724.00"}}]

{"sheet":"31【厂区管线迁改及现状破复工程】","index":32,"n_rows":31,"n_cols":8,"rows_kept":31,"merged":[[0,0,0,7],[1,0,1,1],[1,2,1,7],[2,0,3,0],[2,1,3,2],[2,3,3,3],[2,4,3,4],[2,5,3,5],[2,6,2,7],[4,1,4,2],[5,1,5,2],[6,1,6,2],[7,1,7,2],[8,1,8,2],[9,1,9,2],[10,1,10,2],[11,1,11,2],[12,1,12,2],[13,1,13,2],[14,1,14,2],[15,1,15,2],[16,1,16,2],[17,1,17,2],[18,1,18,2],[19,1,19,2],[20,1,20,2],[21,1,21,2],[22,1,22,2],[23,1,23,2],[24,1,24,2],[25,1,25,2],[26,1,26,2],[27,1,27,2],[28,1,28,2],[29,1,29,2],[30,0,30,5]]}
["劳务采购工程量清单"]
["工程名称:",null,"厂区管线迁改及现状破复工程"]
["序号","项目编码",null,"项目名称","单位","工程量","人工费"]
[{"$nulls":6},"单价（元）","合价（元）"]
["","",null,"调度泵出水压力管","",""]
["1","031001006001",null,"PE给水管 | DN500 PN=1.0MPa","m","173.000",{"$f":"ROUND(H6/F6,2)","v":50.37},8714.75]
["2","031003011001",null,"PE法兰套及管堵 DN500","个","1.000",{"$f":"ROUND(H7/F7,2)","v":{"v":261,"d":"261.00"}},{"v":261,"d":"261.00"}]
["3","031003011002",null,"PE法兰套及管堵 DN800","个","2.000",292.98,585.96]
["4","040501009001",null,"管道支墩","m3","13.520",136.86,1850.41]
["","",null,"雨水管","",""]
["5","040501001001",null,"II级钢筋混凝土管 | d600","m","6.000",50.88,305.28]
["6","040504002001",null,"钢筋混凝土雨水检查井φ1000","座","1.000",532.09,532.09]
["7","040504007001",null,"八字出水口D=600","座","1.000",870.16,870.16]
["","",null,"其他项","",""]
["8","050102012001",null,"台湾草","m2","820.000",14.31,11735.43]
["9","041001007001",null,"砖砌排水沟拆除","m","97.000",26.13,2534.91]
["10","040201022001",null,"砖砌排水沟恢复","m","97.000",52.31,5073.83]
["11","粤050101016001",null,"苗木迁移","株","28.000",260.58,7296.15]
["12","030408003001",null,"电缆保护管 PVC-C管DN150","m","99.000",11.11,1099.99]
["13","040501001002",null,"II级钢筋混凝土管 | d500","m","8.000",92.57,740.59]
["14","040504001001",null,"现状电力管人孔提升（做法参YDT 5178-2017,页8-9） 700X900","座","4.000",242.36,969.43]
["15","040101002002",null,"挖沟槽土方（回填）","m3","560.000",6.31,3533.93]
["16","040103001001",null,"回填土方","m3","50.000",{"v":12.3,"d":"12.30"},614.79]
["17","040103001002",null,"回填石屑","m3","466.000",{"v":10,"d":"10.00"},{"v":4660,"d":"4660.00"}]
["18","040103002001",null,"余方弃置","m3","466.000",5.37,2501.57]
["","",null,"措施项目","",""]
["25","041102001001",null,"镇墩模板","m2","35.500",23.27,826.03]
["26","041104001001",null,"便道","m2","900.000",9.62,{"v":8658.9,"d":"8658.90"}]
["27","040103002001",null,"便道拆除并余方弃置","m3","270.000",2.53,683.13]
["28","041103001001",null,"纤维袋围堰","m3","114.000",104.25,11884.01]
["合计",{"$nulls":6},{"$f":"SUM(H6:H30)","v":75932.34}]

{"sheet":"32【综合楼传达室机修车间-安装工程】","index":33,"n_rows":296,"n_cols":8,"rows_kept":296,"merged":[[0,0,0,7],[1,0,1,1],[1,2,1,7],[2,0,3,0],[2,1,3,2],[2,3,3,3],[2,4,3,4],[2,5,3,5],[2,6,2,7],[4,1,4,2],[5,1,5,2],[6,1,6,2],[7,1,7,2],[8,1,8,2],[9,1,9,2],[10,1,10,2],[11,1,11,2],[12,1,12,2],[13,1,13,2],[14,1,14,2],[15,1,15,2],[16,1,16,2],[17,1,17,2],[18,1,18,2],[19,1,19,2],[20,1,20,2],[21,1,21,2],[22,1,22,2],[23,1,23,2],[24,1,24,2],[25,1,25,2],[26,1,26,2],[27,1,27,2],[28,1,28,2],[29,1,29,2],[30,1,30,2],[31,1,31,2],[32,1,32,2],[33,1,33,2],[34,1,34,2],[35,1,35,2],[36,1,36,2],[37,1,37,2],[38,1,38,2],[39,1,39,2],[40,1,40,2],[41,1,41,2],[42,1,42,2],[43,1,43,2],[44,1,44,2],[45,1,45,2],[46,1,46,2],[47,1,47,2],[48,1,48,2],[49,1,49,2],[50,1,50,2],[51,1,51,2],[52,1,52,2],[53,1,53,2],[54,1,54,2],[55,1,55,2],[56,1,56,2],[57,1,57,2],[58,1,58,2],[59,1,59,2],[60,1,60,2],[61,1,61,2],[62,1,62,2],[63,1,63,2],[64,1,64,2],[65,1,65,2],[66,1,66,2],[67,1,67,2],[68,1,68,2],[69,1,69,2],[70,1,70,2],[71,1,71,2],[72,1,72,2],[73,1,73,2],[74,1,74,2],[75,1,75,2],[76,1,76,2],[77,1,77,2],[78,1,78,2],[79,1,79,2],[80,1,80,2],[81,1,81,2],[82,1,82,2],[83,1,83,2],[84,1,84,2],[85,1,85,2],[86,1,86,2],[87,1,87,2],[88,1,88,2],[89,1,89,2],[90,1,90,2],[91,1,91,2],[92,1,92,2],[93,1,93,2],[94,1,94,2],[95,1,95,2],[96,1,96,2],[97,1,97,2],[98,1,98,2],[99,1,99,2],[100,1,100,2],[101,1,101,2],[102,1,102,2],[103,1,103,2],[104,1,104,2],[105,1,105,2],[106,1,106,2],[107,1,107,2],[108,1,108,2],[109,1,109,2],[110,1,110,2],[111,1,111,2],[112,1,112,2],[113,1,113,2],[114,1,114,2],[115,1,115,2],[116,1,116,2],[117,1,117,2],[118,1,118,2],[119,1,119,2],[120,1,120,2],[121,1,121,2],[122,1,122,2],[123,1,123,2],[124,1,124,2],[125,1,125,2],[126,1,126,2],[127,1,127,2],[128,1,128,2],[129,1,129,2],[130,1,130,2],[131,1,131,2],[132,1,132,2],[133,1,133,2],[134,1,134,2],[135,1,135,2],[136,1,136,2],[137,1,137,2],[138,1,138,2],[139,1,139,2],[140,1,140,2],[141,1,141,2],[142,1,142,2],[143,1,143,2],[144,1,144,2],[145,1,145,2],[146,1,146,2],[147,1,147,2],[148,1,148,2],[149,1,149,2],[150,1,150,2],[151,1,151,2],[152,1,152,2],[153,1,153,2],[154,1,154,2],[155,1,155,2],[156,1,156,2],[157,1,157,2],[158,1,158,2],[159,1,159,2],[160,1,160,2],[161,1,161,2],[162,1,162,2],[163,1,163,2],[164,1,164,2],[165,1,165,2],[166,1,166,2],[167,1,167,2],[168,1,168,2],[169,1,169,2],[170,1,170,2],[171,1,171,2],[172,1,172,2],[173,1,173,2],[174,1,174,2],[175,1,175,2],[176,1,176,2],[177,1,177,2],[178,1,178,2],[179,1,179,2],[180,1,180,2],[181,1,181,2],[182,1,182,2],[183,1,183,2],[184,1,184,2],[185,1,185,2],[186,1,186,2],[187,1,187,2],[188,1,188,2],[189,1,189,2],[190,1,190,2],[191,1,191,2],[192,1,192,2],[193,1,193,2],[194,1,194,2],[195,1,195,2],[196,1,196,2],[197,1,197,2],[198,1,198,2],[199,1,199,2],[200,1,200,2],[201,1,201,2],[202,1,202,2],[203,1,203,2],[204,1,204,2],[205,1,205,2],[206,1,206,2],[207,1,207,2],[208,1,208,2],[209,1,209,2],[210,1,210,2],[211,1,211,2],[212,1,212,2],[213,1,213,2],[214,1,214,2],[215,1,215,2],[216,1,216,2],[217,1,217,2],[218,1,218,2],[219,1,219,2],[220,1,220,2],[221,1,221,2],[222,1,222,2],[223,1,223,2],[224,1,224,2],[225,1,225,2],[226,1,226,2],[227,1,227,2],[228,1,228,2],[229,1,229,2],[230,1,230,2],[231,1,231,2],[232,1,232,2],[233,1,233,2],[234,1,234,2],[235,1,235,2],[236,1,236,2],[237,1,237,2],[238,1,238,2],[239,1,239,2],[240,1,240,2],[241,1,241,2],[242,1,242,2],[243,1,243,2],[244,1,244,2],[245,1,245,2],[246,1,246,2],[247,1,247,2],[248,1,248,2],[249,1,249,2],[250,1,250,2],[251,1,251,2],[252,1,252,2],[253,1,253,2],[254,1,254,2],[255,1,255,2],[256,1,256,2],[257,1,257,2],[258,1,258,2],[259,1,259,2],[260,1,260,2],[261,1,261,2],[262,1,262,2],[263,1,263,2],[264,1,264,2],[265,1,265,2],[266,1,266,2],[267,1,267,2],[268,1,268,2],[269,1,269,2],[270,1,270,2],[271,1,271,2],[272,1,272,2],[273,1,273,2],[274,1,274,2],[275,1,275,2],[276,1,276,2],[277,1,277,2],[278,1,278,2],[279,1,279,2],[280,1,280,2],[281,1,281,2],[282,1,282,2],[283,1,283,2],[284,1,284,2],[285,1,285,2],[286,1,286,2],[287,1,287,2],[288,1,288,2],[289,1,289,2],[290,1,290,2],[291,1,291,2],[292,1,292,2],[293,1,293,2],[294,1,294,2],[295,0,295,5]]}
["劳务采购工程量清单"]
["工程名称:",null,"综合楼传达室机修车间-安装工程"]
["序号","项目编码",null,"项目名称","单位","工程量","人工费"]
[{"$nulls":6},"单价（元）","合价（元）"]
["","",null,"综合楼","",""]
["","",null,"电气","",""]
["1","030404017001",null,"应急照明集中电源箱","台","1.000",{"$f":"ROUND(H7/F7,2)","v":220.56},220.56]
["2","030404017002",null,"1层1#照明配电箱 AL1-1","台","1.000",{"$f":"ROUND(H8/F8,2)","v":{"v":172.7,"d":"172.70"}},{"v":172.7,"d":"172.70"}]
["3","030404017003",null,"1层2#照明配电箱 AL1-2","台","1.000",{"v":172.7,"d":"172.70"},{"v":172.7,"d":"172.70"}]
["4","030404017004",null,"2层1#照明配电箱 AL2-1","台","1.000",{"v":172.7,"d":"172.70"},{"v":172.7,"d":"172.70"}]
["5","030404017005",null,"2层2#照明配电箱 AL2-2","台","1.000",{"v":172.7,"d":"172.70"},{"v":172.7,"d":"172.70"}]
["6","030404018001",null,"化验室插座箱","台","1.000",79.07,79.07]
["7","030404017006",null,"厨房配电箱 AL3","台","1.000",143.81,143.81]
["8","030404017007",null,"大会议室配电箱 AL5","台","1.000",143.81,143.81]
["9","030404017008",null,"动力配电箱ZAP","台","1.000",220.56,220.56]
["10","030404017009",null,"化验室配电箱 AL4","台","1.000",143.81,143.81]
["11","030404017010",null,"中控室配电箱 ZKAL1","台","1.000",220.56,220.56]
["12","030404017011",null,"中控室配电箱 ZKAL2","台","1.000",220.56,220.56]
["13","030412004001",null,"A型疏散出口灯 DC36V 1W","套","5.000",{"v":23.3,"d":"23.30"},116.52]
["14","030412002001",null,"A型应急照明灯 DC36V 2x5W","套","35.000",28.75,1006.39]
["15","030412004002",null,"A型疏散指示灯 DC36V 1W","套","18.000",{"v":23.3,"d":"23.30"},419.47]
["16","030412004003",null,"A型双向疏散指示灯 DC36V 1W","套","3.000",{"v":23.3,"d":"23.30"},69.91]
["17","030412001001",null,"LED门厅灯","套","2.000",19.67,39.33]
["18","030412001002",null,"集成式LED灯盘  60W","套","41.000",19.66,806.18]
["19","030412001007",null,"集成式LED灯盘 38W","套","71.000",19.66,1396.07]
["20","030412001003",null,"集成式LED灯盘 30W","套","26.000",19.66,511.24]
["21","030412001004",null,"节能LED筒灯 9W","套","62.000",19.66,1219.11]
["22","030404035001",null,"单相插座 10A","个","2.000",7.95,{"v":15.9,"d":"15.90"}]
["23","030404035002",null,"单相插座 16A","个","6.000",7.95,47.71]
["24","030404035003",null,"二三孔安全暗插座 16A","个","164.000",7.95,1304.13]
["25","030404035004",null,"二三孔地插座 16A","个","10.000",7.95,79.52]
["26","030404035005",null,"二三孔空调暗插座 25A","个","37.000",{"v":8.4,"d":"8.40"},310.76]
["27","030404035006",null,"热水器插座 25A","个","11.000",{"v":8.4,"d":"8.40"},92.39]
["28","030404035007",null,"三相插座 16A","个","1.000",10.35,10.35]
["29","030404035008",null,"三相插座 25A","个","1.000",{"v":11.3,"d":"11.30"},{"v":11.3,"d":"11.30"}]
["30","030404035009",null,"三相五孔插座 16A","个","6.000",10.35,62.08]
["31","030404034001",null,"单联暗开关 10A","个","40.000",7.79,{"v":311.4,"d":"311.40"}]
["32","030404034002",null,"双联暗开关 10A","个","27.000",8.14,219.89]
["33","030404034003",null,"三联暗开关 10A","个","15.000",8.14,122.16]
["34","030404034004",null,"86型智能面板开关 10A","个","12.000",7.79,93.42]
["35","030411006002",null,"开关/插座塑料接线盒","个","328.000",{"v":4.4,"d":"4.40"},1442.87]
["36","030411006003",null,"接线盒","个","273.000",4.13,1126.67]
["37","030411002001",null,"强电线槽 300*200","m","8.400",27.44,{"v":230.5,"d":"230.50"}]
["38","030411002002",null,"强电线槽 400*100","m","8.400",27.44,{"v":230.5,"d":"230.50"}]
["39","030413001001",null,"线槽支架、支架刷油","Kg","13.560",14.86,201.48]
["40","030411001001",null,"配管（暗） SC20","m","369.530",4.97,1837.89]
["41","030411001002",null,"配管（暗） SC15","m","20.000",4.67,93.35]
["42","030411001003",null,"配管（暗） PC75","m","28.740",9.16,263.17]
["43","030411001005",null,"配管（暗） PC40","m","165.660",8.29,1373.22]
["44","030411001006",null,"配管（暗） PC32","m","37.440",6.91,258.56]
["45","030411001007",null,"配管（暗） PC20","m","2993.450",4.42,13243.84]
["46","030411004001",null,"配线 WDZN-BYJ-2.5","m","639.960",0.78,498.24]
["47","030411004018",null,"线槽配线 WDZN-BYJ-2.5","m","15.900",{"v":1.1,"d":"1.10"},17.56]
["48","030411004002",null,"配线 ZRBVR-2.5","m","3426.640",0.78,2667.61]
["49","030411004020",null,"线槽配线 ZRBVR-2.5","m","69.300",{"v":1.1,"d":"1.10"},76.55]
["50","030411004003",null,"配线 WDZN-BYJ-4","m","9.700",0.68,6.63]
["51","030411004019",null,"线槽配线 WDZN-BYJ-4","m","6.600",1.35,{"v":8.9,"d":"8.90"}]
["52","030411004004",null,"配线 ZRBVR-4","m","5079.990",0.68,3471.67]
["53","030411004021",null,"线槽配线 ZRBVR-4","m","204.600",1.35,{"v":275.8,"d":"275.80"}]
["54","030411004005",null,"配线 WDZN-RYSP-2*1.5","m","20.000",{"v":0.8,"d":"0.80"},{"v":15.9,"d":"15.90"}]
["55","030408001001",null,"电力电缆 WDZ-YJY-3*70+2*35","m","34.660",11.19,388.01]
["56","030408001003",null,"电力电缆 WDZ-YJY-5*16","m","136.280",8.14,1109.06]
["57","030408001004",null,"电力电缆 WDZ-YJY-5*10","m","66.350",4.25,281.99]
["58","030408001005",null,"电力电缆 WDZ-YJY-5*6","m","28.770",2.55,73.49]
["59","030408001006",null,"电力电缆 WDZ-YJY-5*4","m","171.790",2.55,438.42]
["60","030408002001",null,"控制电缆 WDZ-KYJY-3*2.5","m","6.960",4.01,27.91]
["61","030408006001",null,"电力电缆头 70mm2","个","2.000",81.15,{"v":162.3,"d":"162.30"}]
["62","030408006002",null,"电力电缆头 16mm2","个","10.000",34.33,{"v":343.3,"d":"343.30"}]
["63","030904004001",null,"警铃","个","3.000",27.43,82.29]
["64","030904001001",null,"可燃气体报警装置","个","4.000",25.77,103.08]
["65","030404033001",null,"照明排风一体  吹风30W 换气30W 照明6W","台","21.000",{"v":58.6,"d":"58.60"},{"v":1230.6,"d":"1230.60"}]
["","",null,"防雷","",""]
["66","030409008001",null,"局部等电位端子箱","台","8.000",{"$f":"ROUND(H73/F73,2)","v":36.41},291.28]
["67","030409008002",null,"总等电位端子箱","台","2.000",91.18,182.36]
["68","030409003001",null,"防雷引下线","m","134.400",7.89,1060.95]
["69","030409005001",null,"避雷网φ12热镀锌圆钢","m","428.570",8.82,{"v":3778.7,"d":"3778.70"}]
["70","030409004001",null,"均压环","m","207.380",3.83,794.68]
["71","030409006001",null,"接闪短杆","根","10.000",{"v":21.5,"d":"21.50"},{"v":215,"d":"215.00"}]
["72","030409002001",null,"等电位联结线","m","161.590",13.13,2122.16]
["73","030409001001",null,"接地板","处","14.000",95.95,{"v":1343.3,"d":"1343.30"}]
["","",null,"弱电","",""]
["74","030505003001",null,"有线电视箱","个","1.000",235.28,235.28]
["75","030502001001",null,"综合布线箱","台","1.000",109.62,109.62]
["76","030501012001",null,"24口交换机","台","2.000",146.89,293.78]
["77","030505013001",null,"视频放大器","个","1.000",7.84,7.84]
["78","030505013002",null,"视频分配器","个","4.000",13.73,54.93]
["79","030608009001",null,"光电转换器","套","2.000",{"v":169.4,"d":"169.40"},{"v":338.8,"d":"338.80"}]
["80","030507008001",null,"高清红外球枪一体式网络摄像机","台","10.000",127.35,{"v":1273.5,"d":"1273.50"}]
["81","030502004001",null,"电视出线座","个","12.000",6.15,{"v":73.8,"d":"73.80"}]
["82","030502012001",null,"双孔 UTP出线座","个","58.000",10.78,625.24]
["83","030411006004",null,"塑料接线盒","个","82.000",4.13,338.41]
["84","030411002003",null,"弱电线槽 200*100","m","156.410",22.17,3467.77]
["85","030413001002",null,"线槽支架、支架刷油","Kg","151.130",14.81,2238.42]
["86","030411001008",null,"配管（暗） SC32","m","150.180",7.64,1146.88]
["87","030411001009",null,"配管（暗） PC20","m","573.920",4.42,2539.05]
["88","030502005001",null,"六类网线","m","4854.030",0.99,4805.46]
["89","030505005001",null,"SYPFV-75-5","m","613.460",0.99,607.37]
["90","030502007001",null,"2芯单模铠装光缆","m","98.640",1.85,182.55]
["","",null,"自动报警","",""]
["91","030904001002",null,"点型感烟探测器","个","13.000",25.77,335.01]
["92","030904003001",null,"带消防电话插孔的手动火灾报警按钮","个","1.000",37.47,37.47]
["93","030904005001",null,"火灾声光报警器","个","1.000",53.18,53.18]
["94","030904008001",null,"短路隔离器","个","1.000",79.45,79.45]
["95","030411006011",null,"接线盒","个","15.000",4.13,61.91]
["96","030904017001",null,"区域型火灾报警控制器","台","1.000",1552.57,1552.57]
["97","030411001010",null,"配管（暗） SC20","m","63.520",6.07,385.86]
["98","030411004007",null,"配线 WDZN-BYJ-2.5","m","26.900",0.78,20.94]
["99","030411004008",null,"配线 WDZN-RYSP-2*1.0","m","53.070",0.79,41.67]
["","",null,"给水","",""]
["100","031001007001",null,"PSP钢塑复合压力管 DN100","m","23.700",37.87,897.51]
["101","031001007002",null,"PSP钢塑复合压力管 DN80","m","11.050",31.81,351.47]
["102","031001007003",null,"PSP钢塑复合压力管 DN65","m","29.500",30.48,899.11]
["103","031001007004",null,"PSP钢塑复合压力管 DN50","m","25.530",28.56,729.02]
["104","031001007005",null,"PSP钢塑复合压力管 DN40","m","18.570",26.37,489.72]
["105","031001007006",null,"PSP钢塑复合压力管 DN25","m","6.580",24.01,157.97]
["106","031001007007",null,"PSP钢塑复合压力管 DN20","m","2.600",19.95,51.87]
["107","031001007008",null,"PSP钢塑复合压力管 DN15","m","4.970",19.07,94.78]
["108","031001006001",null,"PPR给水管 DN50","m","23.760",19.71,468.34]
["109","031001006002",null,"PPR给水管 DN40","m","17.670",18.06,319.17]
["110","031001006003",null,"PPR给水管 DN32","m","15.270",15.57,237.71]
["111","031001006004",null,"PPR给水管 DN25","m","25.690",13.86,355.94]
["112","031001006005",null,"PPR给水管 DN20","m","30.270",12.84,388.71]
["113","031001006006",null,"PPR给水管 DN15","m","136.040",11.56,1572.84]
["114","031002001001",null,"管道支架、支架刷油","kg","95.750",10.74,1028.22]
["115","031003009001",null,"波纹伸缩器 DN65","个","1.000",46.16,46.16]
["116","031003001001",null,"蝶阀 DN65","个","1.000",{"v":33.1,"d":"33.10"},{"v":33.1,"d":"33.10"}]
["117","031003001002",null,"截止阀 DN65","个","3.000",{"v":33.1,"d":"33.10"},{"v":99.3,"d":"99.30"}]
["118","031003001003",null,"截止阀 DN50","个","7.000",20.97,146.79]
["119","031003001004",null,"截止阀 DN40","个","12.000",20.97,251.64]
["120","031003001005",null,"截止阀 DN25","个","1.000",9.43,9.43]
["121","031003001006",null,"截止阀 DN20","个","1.000",7.69,7.69]
["122","031003001007",null,"截止阀 DN15","个","13.000",7.69,99.97]
["123","031003001008",null,"止回阀 DN15","个","2.000",7.69,15.38]
["124","031003013001",null,"水表组（含2蝶阀） DN100","组","1.000",269.85,269.85]
["125","031002003001",null,"普通钢套管 DN15","个","1.000",9.43,9.43]
["126","031002003002",null,"普通钢套管 DN50","个","4.000",{"$f":"ROUND(H136/F136,2)","v":15.17},60.68]
["","",null,"热水","",""]
["127","031001006007",null,"PPR热水管 DN15","m","68.420",11.56,791.04]
["128","031004010001",null,"沐浴器","套","11.000",17.37,191.06]
["129","031006012001",null,"电热水器","台","11.000",57.97,637.67]
["","",null,"污废排水","",""]
["130","031001006008",null,"UPVC螺旋消音塑料管 DN150","m","32.930",29.51,971.72]
["131","031001006009",null,"UPVC螺旋消音塑料管 DN100","m","233.230",20.56,4795.68]
["132","031001006010",null,"UPVC螺旋消音塑料管 DN75","m","19.940",18.46,368.19]
["133","031001006011",null,"UPVC螺旋消音塑料管 DN50","m","14.960",13.79,{"v":206.3,"d":"206.30"}]
["134","031002003003",null,"管卡 DN100","个","22.000",2.04,44.88]
["135","031004014001",null,"淋浴排水地漏 DN100","个","11.000",37.62,413.81]
["136","031004014002",null,"网框式地漏 DN150","个","1.000",59.39,59.39]
["137","031004014003",null,"洗衣机专用地漏 DN75","个","11.000",{"v":32.1,"d":"32.10"},353.12]
["138","031004014004",null,"地漏 DN100","个","2.000",37.62,75.24]
["139","031004014005",null,"地漏 DN50","个","20.000",{"v":16.6,"d":"16.60"},331.98]
["140","031004014006",null,"清扫口 DN150","个","1.000",12.54,12.54]
["141","031004014007",null,"清扫口 DN100","个","1.000",9.79,9.79]
["142","031002003004",null,"阻火圈 DN100","个","12.000",8.56,{"v":102.7,"d":"102.70"}]
["143","031004006001",null,"蹲式大便器","组","23.000",87.44,2011.07]
["144","031004006002",null,"无障碍坐式大便器","组","2.000",64.69,129.37]
["145","031004006003",null,"坐式大便器","组","1.000",64.68,64.68]
["146","031004007001",null,"挂式小便器","组","7.000",35.75,250.28]
["147","031004003001",null,"洗脸盆","组","18.000",41.81,752.65]
["148","031004003002",null,"无障碍洗脸盆","组","2.000",41.82,83.63]
["149","031002003005",null,"刚性防水套管 DN75","个","5.000",101.05,505.25]
["150","031002003006",null,"刚性防水套管 DN100","个","33.000",116.39,3840.87]
["151","031002003007",null,"刚性防水套管 DN150","个","1.000",134.28,134.28]
["152","031002003008",null,"塑料套管 DN100","个","12.000",13.86,166.32]
["","",null,"雨水","",""]
["153","031001006012",null,"加厚UPVC塑料管 DN200","m","6.180",36.44,{"v":225.2,"d":"225.20"}]
["154","031001006013",null,"加厚UPVC塑料管 DN100","m","172.530",19.08,3292.04]
["155","031002003009",null,"管卡 DN100","个","25.000",2.04,{"v":51,"d":"51.00"}]
["156","031004014008",null,"地漏 DN100","个","6.000",37.62,225.71]
["157","031002003010",null,"阻火圈 DN100","个","2.000",8.56,17.12]
["158","031004014009",null,"侧排式雨水斗 DN100","个","2.000",31.68,63.36]
["159","031004014010",null,"重力型雨水斗 DN100","个","8.000",31.68,253.45]
["160","031002003011",null,"刚性防水套管 DN100","个","13.000",116.39,1513.07]
["161","031002003012",null,"刚性防水套管 DN200","个","3.000",173.61,520.83]
["162","031002003013",null,"塑料套管 DN100","个","6.000",13.86,83.16]
["","",null,"冷凝水","",""]
["163","031001006014",null,"UPVC塑料管 DN50","m","67.350",12.52,843.22]
["164","031001006015",null,"UPVC塑料管 DN32","m","1.200",9.79,11.75]
["165","031004014011",null,"地漏 DN50","个","15.000",{"v":16.6,"d":"16.60"},248.99]
["166","031002003014",null,"塑料套管 DN50","个","3.000",12.92,38.76]
["","",null,"传达室","",""]
["","",null,"电气","",""]
["167","030404017012",null,"厂区照明箱 CAL","台","1.000",143.81,143.81]
["168","030404017013",null,"传达室配电箱 RAL","台","1.000",143.81,143.81]
["169","030412001005",null,"集成式LED灯盘 30W","套","1.000",19.66,19.66]
["170","030404035010",null,"二三孔安全暗插座 16A","个","2.000",7.95,{"v":15.9,"d":"15.90"}]
["171","030404035011",null,"二三孔空调暗插座 25A","个","1.000",{"v":8.4,"d":"8.40"},{"v":8.4,"d":"8.40"}]
["172","030411006006",null,"开关/插座塑料接线盒","个","4.000",{"v":4.4,"d":"4.40"},{"v":17.6,"d":"17.60"}]
["173","030404034005",null,"单联暗开关 10A","个","1.000",7.79,7.79]
["174","030411001011",null,"配管（暗） PC20","m","15.110",4.42,66.81]
["175","030411001012",null,"配管（暗） PC32","m","4.200",6.91,29.04]
["176","030411001013",null,"配管（暗） PC40","m","3.340",8.19,27.35]
["177","030411001014",null,"配管（暗） SC32","m","14.900",7.64,113.77]
["178","030411004009",null,"配线 ZRBVR-2.5","m","29.700",0.78,23.12]
["179","030411004010",null,"配线 ZRBVR-4","m","29.130",0.68,19.89]
["180","030408001007",null,"电力电缆 YJY-5*10","m","6.500",4.25,27.65]
["181","030408001008",null,"电力电缆 YJY-5*6","m","7.380",2.56,18.88]
["182","030408001009",null,"电力电缆 YJV-3*4","m","16.810",1.96,32.93]
["183","030411006007",null,"塑料接线盒","个","2.000",4.13,8.25]
["184","030404033002",null,"照明排风一体  吹风30W 换气30W 照明6W","台","1.000",{"$f":"ROUND(H200/F200,2)","v":{"v":58.6,"d":"58.60"}},{"v":58.6,"d":"58.60"}]
["","",null,"防雷","",""]
["185","030409008003",null,"总等电位端子箱","台","1.000",91.18,91.18]
["186","030409003002",null,"防雷引下线","m","13.200",7.89,{"v":104.2,"d":"104.20"}]
["187","030409005003",null,"接闪带 φ12热镀锌圆钢","m","15.800",8.82,139.31]
["188","030409004002",null,"均压环","m","14.280",3.83,54.72]
["189","030409006002",null,"接闪短杆","根","4.000",{"v":21.5,"d":"21.50"},{"v":86,"d":"86.00"}]
["190","030409002002",null,"等电位联结线","m","24.820",13.13,325.96]
["191","030409001002",null,"接地板","处","4.000",95.95,{"v":383.8,"d":"383.80"}]
["","",null,"弱电","",""]
["192","030507008003",null,"高清红外球枪一体式网络摄像机","台","3.000",127.35,382.05]
["193","030502004002",null,"电视插座","个","2.000",6.15,{"v":12.3,"d":"12.30"}]
["194","030411006008",null,"塑料接线盒","个","6.000",4.13,24.76]
["195","030411001015",null,"配管（暗） SC32","m","81.520",7.84,638.85]
["196","030411004011",null,"配线 KVVP-3*2.5","m","27.470",0.97,26.59]
["197","030502005002",null,"六类网线","m","48.760",0.99,48.31]
["198","030502007002",null,"2芯单模铠装光缆","m","4.970",1.86,9.26]
["","",null,"给水","",""]
["199","031001006016",null,"PPR给水管 DN20","m","4.280",12.84,54.97]
["200","031003001009",null,"截止阀 DN20","个","1.000",7.69,7.69]
["","",null,"污废排水","",""]
["201","031001006017",null,"UPVC排水管 DN100","m","4.340",20.56,89.24]
["202","031001006018",null,"UPVC排水管 DN50","m","0.340",13.79,4.69]
["203","031004006004",null,"蹲式大便器","组","1.000",87.44,87.44]
["204","031004003003",null,"洗脸盆","组","1.000",41.81,41.81]
["","",null,"雨水","",""]
["205","031001006019",null,"UPVC雨水管 DN100","m","4.580",19.08,87.39]
["206","031004014012",null,"侧排式雨水斗 DN100","个","1.000",31.68,31.68]
["","",null,"消火栓","",""]
["207","030901013001",null,"灭火器箱（含两具灭火器） MF/ABC4","组","1.000",22.14,22.14]
["","",null,"机修车间","",""]
["","",null,"电气","",""]
["208","030404017014",null,"总配电箱 JAP","台","1.000",143.81,143.81]
["209","030404018002",null,"插座箱","台","2.000",79.07,158.14]
["210","030412005001",null,"T8 LED灯管 2x18W","套","2.000",24.83,49.65]
["211","030412001006",null,"壁装工矿灯 LED 1x30W","套","9.000",18.41,165.73]
["212","030404035012",null,"单相插座 10A","个","4.000",7.95,31.81]
["213","030404035013",null,"单相插座 16A","个","2.000",7.95,{"v":15.9,"d":"15.90"}]
["214","030404035014",null,"二三孔安全暗插座 10A","个","16.000",7.95,127.23]
["215","030404035015",null,"三相插座 16A","个","2.000",10.35,20.69]
["216","030404035016",null,"三相插座 25A","个","2.000",{"v":11.3,"d":"11.30"},22.59]
["217","030404035017",null,"三相五孔插座 16A","个","1.000",10.35,10.35]
["218","030404034006",null,"单联暗开关 10A","个","1.000",7.79,7.79]
["219","030404034007",null,"双联暗开关 10A","个","3.000",8.14,24.43]
["220","030411006009",null,"开关/插座塑料接线盒","个","31.000",{"v":4.4,"d":"4.40"},136.37]
["221","030411006010",null,"塑料接线盒","个","11.000",4.13,{"v":45.4,"d":"45.40"}]
["222","030411001016",null,"配管（暗） SC20","m","98.390",4.97,489.44]
["223","030411001017",null,"配管（暗） PC32","m","42.080",6.92,291.06]
["224","030411001018",null,"配管（暗） PC20","m","61.220",4.42,270.76]
["225","030411004012",null,"配线 ZR-BVR-2.5","m","299.670",0.78,233.32]
["226","030411004013",null,"配线 ZR-BVR-4","m","197.160",0.68,134.77]
["227","030408001010",null,"电力电缆 YJY-5*10","m","51.340",4.25,{"v":218.2,"d":"218.20"}]
["228","030408001011",null,"电力电缆 YJY-5*6","m","4.090",2.56,10.46]
["","",null,"防雷","",""]
["229","030409008004",null,"总等电位端子箱","台","1.000",91.18,91.18]
["230","030409003003",null,"防雷引下线","m","40.000",7.89,315.76]
["231","030409005005",null,"避雷网 φ12热镀锌圆钢","m","137.800",8.82,1214.98]
["232","030409004003",null,"均压环","m","82.480",3.83,316.06]
["233","030409006003",null,"接闪短杆","根","4.000",{"v":21.5,"d":"21.50"},{"v":86,"d":"86.00"}]
["234","030409002003",null,"等电位联结线","m","16.090",13.13,211.31]
["235","030409001003",null,"接地板","处","8.000",95.95,{"v":767.6,"d":"767.60"}]
["","",null,"配电间","",""]
["236","030404017015",null,"并网箱BW1","台","1.000",220.56,220.56]
["237","030402014001",null,"28KW逆变器","个","1.000",402.81,402.81]
["238","030405002001",null,"光伏组件 540W/块","块","56.000",226.62,12690.88]
["239","030411002004",null,"不锈钢线槽 100*50","m","35.280",22.17,782.19]
["240","030411001019",null,"配管（明） PC20","m","68.920",9.41,648.39]
["241","030411001020",null,"配管（明） SC100","m","7.370",37.13,273.63]
["242","030408001012",null,"电力电缆 ZR-YJY22-4*35+1*16","m","14.970",8.15,122.04]
["243","030408001013",null,"电力电缆 ZR-YJY22-4*120+1*70","m","14.970",16.42,245.88]
["244","030408006003",null,"电力电缆头 35mm2","个","2.000",62.82,125.64]
["245","030408006004",null,"电力电缆头 120mm2","个","2.000",100.68,201.36]
["246","030408001017",null,"光伏电缆 PV-F-1*4 mm2","m","132.100",1.31,173.61]
["247","030409002004",null,"接地母线","m","20.430",13.13,268.31]
["248","030409002005",null,"接地母线","m","88.050",{"$f":"ROUND(H274/F274,2)","v":13.13},1156.36]
["249","030411004014",null,"接地线 ZRBVR-6","m","28.000",{"$f":"ROUND(H275/F275,2)","v":0.68},19.14]
["250","030411004015",null,"配线 ZRBVR-16","m","1.500",{"$f":"ROUND(H276/F276,2)","v":0.93},{"v":1.4,"d":"1.40"}]
["","",null,"综合楼","",""]
["251","030402014002",null,"24KW逆变器","个","1.000",{"$f":"ROUND(H278/F278,2)","v":402.81},402.81]
["252","030402014003",null,"54KW逆变器","个","1.000",402.81,402.81]
["253","030405002004",null,"光伏组件 540W/块 3串X16块","块","48.000",{"v":222.8,"d":"222.80"},10694.58]
["254","030405002005",null,"光伏组件 540W/块 6串X18块","块","108.000",219.83,{"v":23742,"d":"23742.00"}]
["255","030411002005",null,"不锈钢线槽 100*50","m","89.660",22.17,1987.85]
["256","030411001021",null,"配管（明） PC20","m","196.700",9.41,1851.07]
["257","030411001023",null,"配管（明） SC100","m","21.140",37.13,784.89]
["258","030408001015",null,"电力电缆 ZR-YJY22-4*35+1*16","m","105.420",8.14,857.64]
["259","030408001016",null,"电力电缆 ZR-YJY22-4*50+1*25","m","105.420",11.18,1178.62]
["260","030408006005",null,"电力电缆头 35mm2","个","2.000",62.82,125.64]
["261","030408006006",null,"电力电缆头 70mm2","个","2.000",81.15,{"v":162.3,"d":"162.30"}]
["262","030408001018",null,"光伏电缆 PV-F-1*4 mm2","m","395.350",1.31,519.61]
["263","030409002006",null,"接地母线","m","92.000",13.13,1208.24]
["264","030409002007",null,"接地母线","m","267.670",13.13,3515.31]
["265","030411004016",null,"接地线 ZRBVR-6","m","77.800",0.68,53.17]
["266","030411004017",null,"配线 ZRBVR-16","m","3.000",0.93,{"v":2.8,"d":"2.80"}]
[null,"措施项目"]
["274","031301017001",null,"脚手架搭拆","项","1.000",{"$f":"ROUND(H295/F295,2)","v":7421.81},7421.81]
["合计",{"$nulls":6},{"$f":"SUM(H7:H295)","v":187800.03}]

{"sheet":"33【计日工】 ","index":34,"n_rows":6,"n_cols":8,"rows_kept":6,"merged":[[0,0,0,7],[1,0,1,1],[1,2,1,7],[2,0,3,0],[2,1,3,2],[2,3,3,3],[2,4,3,4],[2,5,3,5],[2,6,2,7],[4,1,4,2],[5,0,5,5]]}
["劳务采购工程量清单"]
["工程名称:",null,"计日工"]
["序号","项目编码",null,"项目名称","单位","工程量","人工费"]
[{"$nulls":6},"单价（元）","合价（元）"]
["","",null,"计日工","工日",{"$f":"365*35","v":12775},{"v":287,"d":"287.00"},{"$f":"G5*F5","v":{"v":3666425,"d":"3666425.00"}}]
["合计",{"$nulls":6},{"$f":"SUM(H5)","v":{"v":3666425,"d":"3666425.00"}}]